Statistics for ALL 10,330 U.S. Cities with at Least 1,000 People

Click here to take the quiz!

General Stats

  • This quiz has been taken 90 times
  • The average score is 556 of 10330

Answer Stats

State / TerritoryPopulationCity / Town% Correct
New York8,175,133New York
73%
California3,792,621Los Angeles
61%
District of Columbia702,455Washington, D.C.
59%
Illinois2,695,598Chicago
57%
Pennsylvania2,811Dallas
57%
Georgia11,544Dallas
57%
Oregon14,583Dallas
57%
North Carolina4,466Dallas
57%
Texas1,197,653Dallas
57%
Texas2,093,615Houston
53%
Alaska1,912Houston
53%
Missouri2,081Houston
53%
Pennsylvania1,292Houston
53%
Mississippi3,623Houston
53%
Kentucky9,117Mount Washington
53%
Missouri13,982Washington
53%
New Jersey6,461Washington
53%
Georgia4,134Washington
53%
Indiana11,509Washington
53%
Illinois15,134Washington
53%
New Hampshire1,123Washington
53%
Kansas1,135Washington
53%
Iowa7,266Washington
53%
Utah24,231Washington
53%
Pennsylvania14,011Washington
53%
North Carolina9,845Washington
53%
Texas744,852Fort Worth
51%
Wyoming9,577Jackson
51%
Kentucky2,231Jackson
51%
Louisiana3,842Jackson
51%
California4,651Jackson
51%
Mississippi173,514Jackson
51%
Tennessee65,211Jackson
51%
Missouri13,758Jackson
51%
Michigan33,534Jackson
51%
Ohio6,396Jackson
51%
Alabama5,228Jackson
51%
Minnesota3,299Jackson
51%
South Carolina1,700Jackson
51%
Georgia5,045Jackson
51%
Oklahoma13,570Miami
51%
Florida470,914Miami
51%
Arizona1,837Miami
51%
California805,235San Francisco
51%
Ohio789,011Columbus
49%
Minnesota3,914Columbus
49%
Texas3,650Columbus
49%
Wisconsin4,991Columbus
49%
Montana1,893Columbus
49%
Kansas3,315Columbus
49%
Mississippi23,640Columbus
49%
Nebraska22,190Columbus
49%
Georgia189,885Columbus
49%
New Mexico1,664Columbus
49%
Indiana44,061Columbus
49%
Michigan713,777Detroit
49%
Texas33,979San Juan
49%
Puerto Rico381,931San Juan
49%
Missouri159,498Springfield
49%
Illinois116,250Springfield
49%
Minnesota2,152Springfield
49%
Florida9,452Springfield
49%
New Hampshire1,311Springfield
49%
Massachusetts153,060Springfield
49%
Michigan5,260Springfield
49%
Ohio60,565Springfield
49%
Georgia2,852Springfield
49%
South Dakota1,989Springfield
49%
Colorado1,451Springfield
49%
Oregon59,403Springfield
49%
Kentucky2,519Springfield
49%
Tennessee16,440Springfield
49%
Nebraska1,558Springfield
49%
Arkansas2,073Austin
47%
Texas802,078Austin
47%
Minnesota24,718Austin
47%
Indiana4,295Austin
47%
Georgia1,315Boston
47%
Massachusetts617,660Boston
47%
Michigan9,074Charlotte
47%
Texas1,718Charlotte
47%
Tennessee1,235Charlotte
47%
North Carolina735,692Charlotte
47%
Mississippi12,334Cleveland
47%
Ohio396,629Cleveland
47%
Oklahoma3,251Cleveland
47%
Alabama1,303Cleveland
47%
Tennessee41,285Cleveland
47%
Georgia3,410Cleveland
47%
Texas7,801Cleveland
47%
Pennsylvania3,863Denver
47%
Iowa1,780Denver
47%
Colorado600,158Denver
47%
Pennsylvania13,973Indiana
47%
Indiana820,445Indianapolis
47%
New Mexico13,753Las Vegas
47%
Nevada583,756Las Vegas
47%
Mississippi7,477Philadelphia
47%
Pennsylvania1,526,009Philadelphia
47%
Utah94,556Sandy
47%
Oregon9,570Sandy
47%
Ohio1,572Anna
45%
Texas8,234Anna
45%
Illinois4,442Anna
45%
Ohio25,735Green
45%
Arkansas28,364Jacksonville
45%
Oregon2,785Jacksonville
45%
Alabama12,548Jacksonville
45%
Florida903,889Jacksonville
45%
Illinois19,446Jacksonville
45%
Texas14,537Jacksonville
45%
North Carolina70,169Jacksonville
45%
Nebraska258,602Lincoln
45%
Rhode Island21,105Lincoln
45%
Illinois14,504Lincoln
45%
Missouri1,190Lincoln
45%
Pennsylvania1,072Lincoln
45%
Arkansas2,249Lincoln
45%
New Hampshire1,662Lincoln
45%
Massachusetts6,362Lincoln
45%
North Dakota2,406Lincoln
45%
Alabama6,266Lincoln
45%
California42,819Lincoln
45%
Oregon7,930Lincoln City
45%
Michigan1,183Memphis
45%
Missouri1,822Memphis
45%
Tennessee646,889Memphis
45%
Texas2,290Memphis
45%
Texas2,960Nash
45%
Michigan1,628Nashville
45%
Georgia4,939Nashville
45%
Illinois3,258Nashville
45%
North Carolina5,593Nashville
45%
Arkansas4,627Nashville
45%
Tennessee626,681Nashville
45%
Oklahoma579,999Oklahoma City
45%
Illinois1,964Phoenix
45%
Arizona1,445,632Phoenix
45%
Oregon4,538Phoenix
45%
Tennessee11,480Portland
45%
Maine66,700Portland
45%
Oregon583,776Portland
45%
Indiana6,223Portland
45%
Texas15,656Portland
45%
Michigan3,883Portland
45%
California466,488Sacramento
45%
Utah194,188Salt Lake City
45%
Puerto Rico2,900San José
45%
California945,942San Jose
45%
Northern Mariana Islands1,361San Jose
45%
Washington608,666Seattle
45%
North Carolina229,634Winston-Salem
45%
Ohio2,988Baltimore
43%
Maryland620,961Baltimore
43%
Texas648,254El Paso
43%
Illinois2,810El Paso
43%
Hawaii337,256Honolulu
43%
Florida24,565Key West
43%
Alabama42,938Madison
43%
Georgia3,979Madison
43%
New Hampshire2,502Madison
43%
Illinois3,891Madison
43%
South Dakota6,474Madison
43%
New Jersey15,817Madison
43%
Wisconsin233,209Madison
43%
Minnesota1,551Madison
43%
Nebraska2,402Madison
43%
West Virginia3,076Madison
43%
North Carolina2,240Madison
43%
Ohio3,184Madison
43%
Mississippi24,149Madison
43%
Indiana11,967Madison
43%
Florida2,797Madison
43%
Mississippi1,462Raleigh
43%
North Carolina404,073Raleigh
43%
Virginia24,835Salem
43%
Missouri4,950Salem
43%
New Hampshire28,776Salem
43%
South Dakota1,347Salem
43%
Massachusetts41,340Salem
43%
Ohio12,298Salem
43%
West Virginia1,586Salem
43%
Utah7,504Salem
43%
Oregon154,637Salem
43%
Arkansas1,635Salem
43%
Indiana6,319Salem
43%
New Jersey5,146Salem
43%
Illinois7,485Salem
43%
Texas1,326,768San Antonio
43%
Florida1,448San Antonio
43%
Puerto Rico7,574San Antonio
43%
Puerto Rico1,711San Antonio
43%
Northern Mariana Islands4,741San Antonio
43%
Puerto Rico1,942San Antonio
43%
Texas4,477San Diego
43%
California1,301,617San Diego
43%
Texas2,804West
43%
Alaska291,826Anchorage
41%
Kentucky2,348Anchorage
41%
Texas5,671Atlanta
41%
Georgia420,003Atlanta
41%
Illinois1,692Atlanta
41%
Louisiana229,493Baton Rouge
41%
Alabama212,237Birmingham
41%
Michigan20,103Birmingham
41%
Pennsylvania10,395Columbia
41%
Mississippi6,582Columbia
41%
Illinois9,707Columbia
41%
Missouri108,500Columbia
41%
South Carolina129,272Columbia
41%
Kentucky4,452Columbia
41%
Tennessee34,681Columbia
41%
Kansas145,785Kansas City
41%
Missouri459,787Kansas City
41%
Wisconsin594,833Milwaukee
41%
Oregon20,291Milwaukie
41%
Minnesota382,578Minneapolis
41%
Kansas2,038Minneapolis
41%
Michigan7,482St. Louis
41%
Missouri319,294St. Louis
41%
Florida392,890Tampa
41%
Minnesota8,712Virginia
41%
Illinois1,611Virginia
41%
Louisiana1,088Albany
39%
Kentucky2,033Albany
39%
New York97,856Albany
39%
Georgia77,434Albany
39%
California18,539Albany
39%
Texas2,034Albany
39%
Oregon50,158Albany
39%
Minnesota2,561Albany
39%
Missouri1,730Albany
39%
New Mexico545,852Albuquerque
39%
Missouri5,947Charleston
39%
South Carolina120,083Charleston
39%
West Virginia51,400Charleston
39%
Illinois21,838Charleston
39%
Arkansas2,494Charleston
39%
Mississippi2,193Charleston
39%
Minnesota2,956Montgomery
39%
Ohio10,322Montgomery
39%
Illinois18,438Montgomery
39%
Pennsylvania1,575Montgomery
39%
Alabama205,764Montgomery
39%
West Virginia1,638Montgomery
39%
Louisiana343,829New Orleans
39%
Iowa1,527Oakland
39%
Nebraska1,244Oakland
39%
Maryland1,925Oakland
39%
Tennessee6,623Oakland
39%
New Jersey12,729Oakland
39%
Missouri1,381Oakland
39%
Florida3,087Oakland
39%
Oklahoma1,057Oakland
39%
California390,724Oakland
39%
Nebraska450,238Omaha
39%
Texas1,031Omaha
39%
California7,291Orland
39%
Kansas20,237Pittsburg
39%
California63,264Pittsburg
39%
Texas4,525Pittsburg
39%
Illinois1,874Richmond
39%
Virginia204,327Richmond
39%
Rhode Island7,708Richmond
39%
Kentucky31,364Richmond
39%
Minnesota1,422Richmond
39%
Texas11,587Richmond
39%
California103,701Richmond
39%
New Hampshire1,155Richmond
39%
Indiana36,812Richmond
39%
Michigan5,735Richmond
39%
Utah2,580Richmond
39%
Massachusetts1,475Richmond
39%
Missouri5,797Richmond
39%
Puerto Rico12,677Río Grande
39%
Arizona520,116Tucson
39%
Oklahoma391,906Tulsa
39%
Kansas382,423Wichita
39%
Texas104,682Wichita Falls
39%
Iowa1,270Buffalo
37%
New York261,310Buffalo
37%
Oklahoma1,299Buffalo
37%
West Virginia1,236Buffalo
37%
Missouri3,084Buffalo
37%
Texas1,855Buffalo
37%
Wyoming4,585Buffalo
37%
Minnesota15,453Buffalo
37%
Ohio296,893Cincinnati
37%
Colorado416,427Colorado Springs
37%
California494,665Fresno
37%
Indiana3,704Knox
37%
Pennsylvania1,148Knox
37%
Illinois2,911Knoxville
37%
Iowa7,313Knoxville
37%
Tennessee178,874Knoxville
37%
Arkansas193,524Little Rock
37%
Illinois1,139Louisville
37%
Tennessee2,439Louisville
37%
Mississippi6,631Louisville
37%
Kentucky597,337Louisville
37%
Nebraska1,106Louisville
37%
Ohio9,252Louisville
37%
Georgia2,493Louisville
37%
Colorado18,376Louisville
37%
Ohio2,016Manchester
37%
Michigan2,091Manchester
37%
Tennessee10,102Manchester
37%
Missouri18,094Manchester
37%
Iowa5,179Manchester
37%
Maryland4,808Manchester
37%
Pennsylvania2,758Manchester
37%
Georgia4,230Manchester
37%
Kentucky1,255Manchester
37%
New Hampshire109,565Manchester
37%
Illinois3,689Rochester
37%
Pennsylvania3,657Rochester
37%
New Hampshire29,752Rochester
37%
New York210,565Rochester
37%
Michigan12,711Rochester
37%
Indiana6,218Rochester
37%
Massachusetts5,232Rochester
37%
Minnesota106,769Rochester
37%
California324,528Santa Ana
37%
Texas1,099Santa Anna
37%
Virginia437,903Virginia Beach
37%
Texas190,666Amarillo
35%
Virginia207,687Arlington
35%
Nebraska1,243Arlington
35%
Washington17,940Arlington
35%
Georgia1,479Arlington
35%
Minnesota2,233Arlington
35%
Ohio1,465Arlington
35%
Tennessee11,517Arlington
35%
Texas365,337Arlington
35%
Massachusetts42,844Arlington
35%
Georgia115,452Athens
35%
Pennsylvania3,367Athens
35%
Tennessee13,458Athens
35%
Ohio23,836Athens
35%
Alabama21,897Athens
35%
Illinois1,988Athens
35%
Michigan1,024Athens
35%
Texas12,718Athens
35%
West Virginia1,048Athens
35%
Georgia195,844Augusta
35%
Kansas9,407Augusta
35%
Wisconsin1,550Augusta
35%
Kentucky1,190Augusta
35%
Maine18,705Augusta
35%
Arkansas2,199Augusta
35%
Louisiana13,895Baker
35%
Montana1,741Baker
35%
California347,483Bakersfield
35%
Idaho205,671Boise
35%
California91,714Carson
35%
Ohio12,877Dover
35%
Delaware38,079Dover ‡
35%
New Jersey18,061Dover
35%
Pennsylvania2,007Dover
35%
Tennessee1,417Dover
35%
New Hampshire29,987Dover
35%
Arkansas1,378Dover
35%
Massachusetts5,589Dover
35%
North Carolina229,878Durham
35%
New Hampshire14,638Durham
35%
Oregon1,351Durham
35%
Minnesota1,132Harris
35%
California23,893Lafayette
35%
Alabama3,003LaFayette
35%
Oregon3,742Lafayette
35%
Tennessee4,474Lafayette
35%
Indiana67,140Lafayette
35%
Louisiana120,623Lafayette
35%
Colorado24,453Lafayette
35%
Georgia7,121LaFayette
35%
Washington1,399Long Beach
35%
New York33,275Long Beach
35%
California462,257Long Beach
35%
Mississippi14,792Long Beach
35%
Alabama195,111Mobile
35%
Ohio47,558Newark
35%
California42,573Newark
35%
New Jersey277,140Newark
35%
Texas1,007Newark
35%
Delaware33,673Newark
35%
Arkansas1,176Newark
35%
Nevada225,221Reno
35%
Texas3,174Reno
35%
Texas2,488Reno
35%
Texas1,024St. Paul
35%
Missouri1,829St. Paul
35%
Nebraska2,307St. Paul
35%
Ohio287,319Toledo
35%
Illinois1,238Toledo
35%
Iowa2,258Toledo
35%
Oregon3,465Toledo
35%
Alabama2,538York
35%
Pennsylvania43,807York
35%
South Carolina7,736York
35%
Nebraska7,774York
35%
Texas7,365Dayton
33%
Tennessee7,191Dayton
33%
Kentucky5,338Dayton
33%
Oregon2,534Dayton
33%
Ohio141,995Dayton
33%
Washington2,534Dayton
33%
Virginia1,541Dayton
33%
Minnesota4,671Dayton
33%
North Carolina268,924Greensboro
33%
Maryland1,931Greensboro
33%
Alabama2,497Greensboro
33%
Georgia3,359Greensboro
33%
Texas1,114Hart
33%
Michigan2,126Hart
33%
Alabama2,624Hartford
33%
Wisconsin14,223Hartford
33%
Illinois1,429Hartford
33%
Michigan2,688Hartford
33%
South Dakota2,534Hartford
33%
Connecticut124,775Hartford
33%
Kentucky2,672Hartford
33%
New Hampshire1,107Jefferson
33%
North Carolina1,603Jefferson
33%
Texas2,106Jefferson
33%
Iowa4,345Jefferson
33%
Wisconsin7,973Jefferson
33%
Oregon3,098Jefferson
33%
Georgia9,432Jefferson
33%
Ohio3,116Jefferson
33%
Ohio28,906Kent
33%
Washington118,614Kent
33%
Michigan114,297Lansing
33%
Kansas11,248Lansing
33%
Illinois28,331Lansing
33%
North Carolina18,927Lexington
33%
Kentucky295,803Lexington
33%
Mississippi1,731Lexington
33%
Texas1,179Lexington
33%
Nebraska10,230Lexington
33%
Illinois2,060Lexington
33%
Virginia7,034Lexington
33%
Michigan1,178Lexington
33%
Ohio4,809Lexington
33%
Oklahoma2,152Lexington
33%
Minnesota2,049Lexington
33%
Missouri4,726Lexington
33%
Massachusetts31,394Lexington
33%
Tennessee7,652Lexington
33%
South Carolina17,870Lexington
33%
Ohio9,899London
33%
Arkansas1,039London
33%
Kentucky7,993London
33%
Delaware1,029Newport
33%
Arkansas7,879Newport
33%
Pennsylvania1,574Newport
33%
Oregon9,989Newport
33%
Minnesota3,435Newport
33%
New Hampshire6,507Newport
33%
Washington2,120Newport
33%
North Carolina4,130Newport
33%
Kentucky15,273Newport
33%
Vermont4,589Newport
33%
Tennessee6,945Newport
33%
Rhode Island24,672Newport
33%
Massachusetts11,227Norfolk
33%
Nebraska24,218Norfolk
33%
Virginia242,827Norfolk
33%
Florida285,713Orlando
33%
Pennsylvania305,376Pittsburgh
33%
Kentucky3,193Providence
33%
Utah7,173Providence
33%
Rhode Island178,042Providence
33%
Illinois8,875Riverside
33%
Alabama2,208Riverside
33%
Pennsylvania1,932Riverside
33%
Ohio25,175Riverside
33%
California303,871Riverside
33%
Missouri2,937Riverside
33%
New Mexico67,947Santa Fe
33%
Texas12,345Santa Fe
33%
Illinois3,062Savanna
33%
Tennessee6,982Savannah
33%
Georgia136,286Savannah
33%
Missouri5,057Savannah
33%
South Dakota153,888Sioux Falls
33%
Washington209,455Spokane
33%
South Carolina2,084St. George
33%
Utah79,995St. George
33%
Missouri1,337St. George
33%
Minnesota11,196St. Peter
33%
Kansas1,809Syracuse
33%
Nebraska1,942Syracuse
33%
New York145,170Syracuse
33%
Utah27,444Syracuse
33%
Florida193,551Tallahassee #
33%
Ohio11,869Trenton
33%
Michigan18,853Trenton
33%
Florida2,125Trenton
33%
Illinois2,715Trenton
33%
Georgia2,301Trenton
33%
Tennessee4,264Trenton
33%
New Jersey84,913Trenton
33%
Missouri6,001Trenton
33%
Nevada55,274Carson City
31%
Michigan1,093Carson City
31%
California122,067Concord
31%
New Hampshire42,695Concord
31%
Massachusetts17,668Concord
31%
Michigan1,050Concord
31%
North Carolina79,317Concord
31%
North Dakota105,549Fargo
31%
Alabama4,619Fayette
31%
Iowa1,338Fayette
31%
Mississippi1,614Fayette
31%
Ohio1,279Fayette
31%
Missouri2,688Fayette
31%
Indiana80,294Gary
31%
Wisconsin104,057Green Bay
31%
Illinois9,017Harrisburg
31%
Pennsylvania49,522Harrisburg
31%
Oregon3,567Harrisburg
31%
Arkansas2,288Harrisburg
31%
South Dakota4,089Harrisburg
31%
North Carolina13,343Harrisburg
31%
Texas13,712Henderson
31%
North Carolina15,413Henderson
31%
Nevada257,729Henderson
31%
Tennessee6,309Henderson
31%
Kentucky28,757Henderson
31%
Louisiana1,674Henderson
31%
Kentucky2,715Irvine
31%
California212,375Irvine
31%
Arizona439,041Mesa
31%
Missouri2,089New Haven
31%
Connecticut129,779New Haven
31%
Indiana14,794New Haven
31%
Michigan4,642New Haven
31%
West Virginia1,560New Haven
31%
Utah116,199Provo
31%
Texas1,530Rhome
31%
Georgia36,303Rome
31%
New York33,725Rome
31%
Minnesota285,068Saint Paul
31%
Ohio1,514Shreve
31%
North Carolina2,398St. Pauls
31%
Missouri52,575St. Peters
31%
Florida265,098St. Petersburg
31%
Texas124,831Waco
31%
Iowa1,486Akron
29%
Colorado1,702Akron
29%
Pennsylvania3,884Akron
29%
Ohio199,135Akron
29%
Texas84,275Allen
29%
California336,265Anaheim
29%
Indiana3,750Aurora
29%
Texas1,220Aurora
29%
Nebraska4,479Aurora
29%
Colorado325,078Aurora
29%
Missouri7,508Aurora
29%
Ohio15,548Aurora
29%
Illinois197,899Aurora
29%
Minnesota1,682Aurora
29%
California35,477Bell
29%
North Dakota61,272Bismarck
29%
Missouri1,546Bismarck
29%
Colorado97,385Boulder
29%
Montana1,183Boulder
29%
Tennessee167,674Chattanooga
29%
Iowa203,433Des Moines
29%
Washington29,654Des Moines
29%
Oregon156,185Eugene
29%
North Carolina200,565Fayetteville
29%
Georgia15,945Fayetteville
29%
West Virginia2,892Fayetteville
29%
Arkansas76,899Fayetteville
29%
Tennessee6,827Fayetteville
29%
Texas16,010Gainesville
29%
Florida133,857Gainesville
29%
Georgia33,804Gainesville
29%
Ohio13,228Greenville
29%
Alabama8,135Greenville
29%
Pennsylvania5,956Greenville
29%
Michigan8,481Greenville
29%
North Carolina84,722Greenville
29%
New Hampshire2,105Greenville
29%
Mississippi34,400Greenville
29%
Kentucky4,312Greenville
29%
Texas25,528Greenville
29%
South Carolina58,409Greenville
29%
Illinois7,000Greenville
29%
Texas229,632Lubbock
29%
Nevada216,961North Las Vegas
29%
Puerto Rico4,622Santa Bárbara
29%
California88,410Santa Barbara
29%
Louisiana199,311Shreveport
29%
Illinois1,862Stockton
29%
Kansas1,325Stockton
29%
California291,707Stockton
29%
Missouri1,819Stockton
29%
North Carolina3,494Troy
29%
Ohio25,209Troy
29%
Tennessee1,371Troy
29%
Michigan80,980Troy
29%
Pennsylvania1,324Troy
29%
Alabama18,033Troy
29%
Texas1,650Troy
29%
New Hampshire2,145Troy
29%
Kansas1,011Troy
29%
Illinois9,888Troy
29%
Missouri10,540Troy
29%
New York50,129Troy
29%
Texas2,632Van
29%
Idaho1,928Victor
29%
Massachusetts22,325Wilmington
29%
Illinois5,724Wilmington
29%
Delaware70,635Wilmington
29%
Ohio12,520Wilmington
29%
North Carolina106,454Wilmington
29%
Michigan113,934Ann Arbor
27%
Montana104,170Billings
27%
Missouri1,035Billings
27%
Pennsylvania2,347Brownsville
27%
Tennessee10,292Brownsville
27%
Oregon1,668Brownsville
27%
Texas174,748Brownsville
27%
Minnesota86,265Duluth
27%
Georgia26,600Duluth
27%
Colorado143,986Fort Collins
27%
Indiana253,691Fort Wayne
27%
Michigan188,040Grand Rapids
27%
Minnesota10,869Grand Rapids
27%
Michigan6,086Holly
27%
Texas38,550Huntsville
27%
Alabama180,105Huntsville
27%
Arkansas2,346Huntsville
27%
Missouri1,564Huntsville
27%
Tennessee1,248Huntsville
27%
New Jersey247,597Jersey City
27%
Wisconsin2,814Juneau
27%
Alaska31,275Juneau
27%
Texas235,809Laredo
27%
Texas131,559McAllen
27%
Missouri1,294Oran
27%
California134,616Orange
27%
Texas18,608Orange
27%
Ohio3,323Orange
27%
Massachusetts7,839Orange
27%
Virginia4,716Orange
27%
California137,122Pasadena
27%
Texas149,307Pasadena
27%
Illinois2,065Roanoke
27%
Alabama6,074Roanoke
27%
Texas5,962Roanoke
27%
Virginia96,912Roanoke
27%
California209,924San Bernardino
27%
Alabama90,468Tuscaloosa
27%
Oregon5,379Winston
27%
New York195,976Yonkers
27%
Maryland38,394Annapolis
25%
Illinois5,209Berkeley
25%
California112,580Berkeley
25%
Missouri8,978Berkeley
25%
Texas2,735Chandler
25%
Oklahoma3,100Chandler
25%
Arizona236,123Chandler
25%
Texas305,226Corpus Christi
25%
Florida68,866Daytona Beach
25%
North Carolina15,675Eden
25%
Texas2,766Eden
25%
Pennsylvania101,747Erie
25%
Kansas1,154Erie
25%
Illinois1,602Erie
25%
Colorado18,135Erie
25%
Colorado18,537Evans
25%
Indiana117,429Evansville
25%
Wyoming2,544Evansville
25%
Wisconsin5,012Evansville
25%
Arizona65,870Flagstaff
25%
Michigan102,434Flint
25%
Florida182,595Fort Lauderdale
25%
Colorado4,184Glendale
25%
West Virginia1,526Glen Dale
25%
Wisconsin12,872Glendale
25%
Arizona226,721Glendale
25%
Ohio2,158Glendale
25%
Missouri5,925Glendale
25%
California191,719Glendale
25%
Massachusetts2,180Huntington
25%
Texas2,112Huntington
25%
West Virginia49,138Huntington
25%
Utah1,849Huntington
25%
Indiana17,391Huntington
25%
California189,992Huntington Beach
25%
Texas216,285Irving
25%
Arkansas3,354Johnson
25%
North Carolina6,872King
25%
Massachusetts5,943Lee
25%
New Hampshire4,330Lee
25%
Louisiana48,815Monroe
25%
Missouri2,531Monroe
25%
Michigan20,733Monroe
25%
Iowa1,830Monroe
25%
Wisconsin10,827Monroe
25%
Georgia13,234Monroe
25%
Washington17,341Monroe
25%
North Carolina32,784Monroe
25%
Utah2,537Monroe
25%
Ohio12,461Monroe
25%
Kansas2,082Ogden
25%
Iowa2,044Ogden
25%
Utah85,497Ogden
25%
Iowa82,684Sioux City
25%
Washington198,243Tacoma
25%
Kansas127,631Topeka
25%
Washington167,185Vancouver
25%
Virginia1,725Victoria
25%
Kansas1,218Victoria
25%
Texas62,624Victoria
25%
Minnesota7,345Victoria
25%
Kentucky8,477Alexandria
24%
Indiana5,145Alexandria
24%
Virginia140,008Alexandria
24%
Louisiana47,723Alexandria
24%
Minnesota11,070Alexandria
24%
New Hampshire1,613Alexandria
24%
New Jersey1,828Allentown
24%
Pennsylvania118,097Allentown
24%
Arkansas1,801Bay
24%
Utah3,020Beaver
24%
Oklahoma1,515Beaver
24%
Pennsylvania4,526Beaver
24%
Ohio73,043Canton
24%
Mississippi13,189Canton
24%
South Dakota3,057Canton
24%
Missouri2,377Canton
24%
Texas3,561Canton
24%
Massachusetts21,561Canton
24%
Pennsylvania1,974Canton
24%
Illinois14,704Canton
24%
Georgia22,958Canton
24%
North Carolina4,209Canton
24%
Iowa126,326Cedar Rapids
24%
Wyoming59,466Cheyenne
24%
South Dakota1,139Clark
24%
New Jersey124,969Elizabeth
24%
Colorado1,358Elizabeth
24%
Pennsylvania1,496Elizabeth
24%
Iowa1,113Fairbank
24%
Louisiana2,996Iowa
24%
Missouri43,079Jefferson City
24%
Tennessee8,047Jefferson City
24%
Massachusetts76,377Lawrence
24%
Indiana46,001Lawrence
24%
Kansas87,757Lawrence
24%
Utah4,058Morgan
24%
Georgia1,861Morgan
24%
Washington46,881Olympia
24%
Oregon11,366Ontario
24%
California163,924Ontario
24%
Ohio6,243Ontario
24%
Texas25,255Paris
24%
Kentucky8,553Paris
24%
Missouri1,220Paris
24%
Arkansas3,532Paris
24%
Illinois8,837Paris
24%
Tennessee10,156Paris
24%
Florida52,713Pensacola
24%
Michigan9,132Plymouth
24%
Pennsylvania5,947Plymouth
24%
Minnesota70,576Plymouth
24%
New Hampshire6,990Plymouth
24%
North Carolina3,873Plymouth
24%
Ohio1,869Plymouth
24%
Wisconsin8,445Plymouth
24%
Indiana10,033Plymouth
24%
California1,005Plymouth
24%
Massachusetts56,468Plymouth
24%
California89,861Redding
24%
New Mexico1,686Santa Clara
24%
Utah6,835Santa Clara
24%
California116,468Santa Clara
24%
California89,736Santa Monica
24%
Louisiana8,614Scott
24%
Washington1,632South Bend
24%
Indiana101,168South Bend
24%
Arizona161,719Tempe
24%
Pennsylvania9,710Warren
24%
Massachusetts5,135Warren
24%
Minnesota1,563Warren
24%
Ohio41,583Warren
24%
Arkansas6,003Warren
24%
Michigan134,056Warren
24%
Illinois1,428Warren
24%
Rhode Island10,611Warren
24%
North Carolina83,433Asheville
22%
New York27,687Auburn
22%
Michigan2,087Auburn
22%
Kentucky1,340Auburn
22%
Nebraska3,460Auburn
22%
Washington70,164Auburn
22%
Illinois4,771Auburn
22%
Massachusetts16,188Auburn
22%
New Hampshire4,953Auburn
22%
Indiana12,731Auburn
22%
Maine22,912Auburn
22%
Georgia6,887Auburn
22%
Kansas1,226Auburn
22%
California13,330Auburn
22%
Alabama53,380Auburn
22%
New Hampshire7,519Bow
22%
Virginia1,037Edinburg
22%
Texas82,020Edinburg
22%
Illinois1,078Edinburg
22%
Florida82,254Fort Myers
22%
Kentucky25,527Frankfort
22%
Illinois17,782Frankfort
22%
Michigan1,286Frankfort
22%
Indiana16,422Frankfort
22%
Ohio1,064Frankfort
22%
Michigan3,150Franklin
22%
New Hampshire8,477Franklin
22%
Kentucky8,408Franklin
22%
Wisconsin35,451Franklin
22%
Ohio11,762Franklin
22%
Indiana23,712Franklin
22%
Texas1,613Franklin
22%
Virginia8,580Franklin
22%
Massachusetts31,635Franklin
22%
Nebraska1,000Franklin
22%
Tennessee62,487Franklin
22%
Pennsylvania6,552Franklin
22%
Louisiana7,660Franklin
22%
New Jersey5,045Franklin
22%
North Carolina3,882Franklin
22%
Arkansas12,943Harrison
22%
Michigan2,114Harrison
22%
New Jersey13,574Harrison
22%
Ohio9,905Harrison
22%
Montana28,190Helena
22%
Oklahoma1,403Helena
22%
Alabama16,793Helena
22%
New Hampshire1,089Hill
22%
Kentucky3,442Lancaster
22%
New Hampshire3,507Lancaster
22%
Ohio38,762Lancaster
22%
Wisconsin3,868Lancaster
22%
Pennsylvania59,333Lancaster
22%
Texas36,664Lancaster
22%
South Carolina8,526Lancaster
22%
California156,633Lancaster
22%
Massachusetts8,055Lancaster
22%
Georgia155,447Macon
22%
Mississippi2,768Macon
22%
Illinois1,138Macon
22%
Missouri5,471Macon
22%
Illinois7,051Manhattan
22%
Montana1,520Manhattan
22%
Kansas52,158Manhattan
22%
Florida91,718Miami Beach
22%
Montana66,788Missoula
22%
Pennsylvania2,025Moscow
22%
Idaho23,800Moscow
22%
Illinois141,853Naperville
22%
Virginia180,994Newport News
22%
Texas2,470Newton
22%
Kansas19,118Newton
22%
Mississippi3,373Newton
22%
Illinois2,849Newton
22%
Alabama1,511Newton
22%
New Jersey7,997Newton
22%
Iowa15,254Newton
22%
New Hampshire4,603Newton
22%
North Carolina12,949Newton
22%
Massachusetts85,146Newton
22%
Oklahoma110,925Norman
22%
Missouri5,300Odessa
22%
Texas99,876Odessa
22%
California197,899Oxnard
22%
Illinois115,007Peoria
22%
Arizona154,065Peoria
22%
South Dakota13,646Pierre ‡
22%
Missouri1,396Rich Hill
22%
Georgia88,346Roswell
22%
New Mexico48,366Roswell
22%
California176,320Santa Clarita
22%
Arizona217,385Scottsdale
22%
Pennsylvania76,087Scranton
22%
New York62,235Utica
22%
Ohio2,145Utica
22%
Michigan4,757Utica
22%
Massachusetts181,045Worcester
22%
Kansas6,843Abilene
20%
Texas117,512Abilene
20%
Illinois1,978Bellevue
20%
Kentucky5,955Bellevue
20%
Idaho2,287Bellevue
20%
Washington127,885Bellevue
20%
Ohio8,224Bellevue
20%
Nebraska51,531Bellevue
20%
Iowa2,193Bellevue
20%
Pennsylvania8,366Bellevue
20%
Michigan1,282Bellevue
20%
Wisconsin5,524Berlin
20%
Maryland4,485Berlin
20%
Pennsylvania2,095Berlin
20%
New Jersey7,588Berlin
20%
New Hampshire10,051Berlin
20%
Massachusetts2,866Berlin
20%
Minnesota82,893Bloomington
20%
Illinois76,610Bloomington
20%
Indiana80,405Bloomington
20%
Montana37,280Bozeman
20%
West Virginia8,149Bridgeport
20%
Alabama2,418Bridgeport
20%
Connecticut144,229Bridgeport
20%
Pennsylvania4,550Bridgeport
20%
Ohio1,839Bridgeport
20%
Texas5,992Bridgeport
20%
Nebraska1,545Bridgeport
20%
Washington2,409Bridgeport
20%
Illinois1,886Bridgeport
20%
Rhode Island22,954Bristol
20%
Connecticut61,353Bristol
20%
New Hampshire3,054Bristol
20%
Pennsylvania9,726Bristol
20%
Virginia17,739Bristol
20%
Tennessee26,702Bristol
20%
Colorado4,254Burlington
20%
Massachusetts24,498Burlington
20%
Kansas2,670Burlington
20%
Washington8,377Burlington
20%
North Dakota1,060Burlington
20%
New Jersey9,920Burlington
20%
Vermont42,417Burlington
20%
Iowa25,663Burlington
20%
North Carolina50,862Burlington
20%
Wisconsin10,464Burlington
20%
Wyoming55,316Casper
20%
California243,916Chula Vista
20%
Alaska31,535Fairbanks
20%
South Carolina37,056Florence
20%
Arizona25,536Florence
20%
Oregon8,466Florence
20%
Kentucky29,951Florence
20%
Colorado3,881Florence
20%
Mississippi4,141Florence
20%
Alabama39,319Florence
20%
Texas1,137Florence
20%
Texas117,170Frisco
20%
Colorado2,683Frisco
20%
Texas47,743Galveston
20%
Iowa1,080George
20%
New Jersey1,401Hampton
20%
Arkansas1,324Hampton
20%
Illinois1,863Hampton
20%
New Hampshire15,430Hampton
20%
Virginia137,384Hampton
20%
South Carolina2,808Hampton
20%
Iowa4,461Hampton
20%
Georgia6,987Hampton
20%
Florida238,942Hialeah
20%
Illinois147,433Joliet
20%
Arkansas7,327Lowell
20%
North Carolina3,528Lowell
20%
Michigan3,783Lowell
20%
Massachusetts106,519Lowell
20%
Oregon1,045Lowell
20%
Pennsylvania1,699Mars
20%
Texas1,898Mart
20%
Colorado3,405Mead
20%
North Carolina3,076Midland
20%
Michigan41,863Midland
20%
Texas111,190Midland
20%
Pennsylvania2,637Midland
20%
California201,165Modesto
20%
Ohio4,070Montpelier
20%
Idaho2,597Montpelier
20%
Vermont7,855Montpelier
20%
Indiana1,805Montpelier
20%
West Virginia29,660Morgantown
20%
Kentucky2,394Morgantown
20%
New Hampshire86,494Nashua
20%
Iowa1,663Nashua
20%
Wisconsin1,624Niagara
20%
New York50,193Niagara Falls
20%
California167,086Oceanside
20%
Alabama21,348Oxford
20%
Georgia2,134Oxford
20%
North Carolina8,441Oxford
20%
Mississippi18,916Oxford
20%
Massachusetts13,709Oxford
20%
Ohio21,377Oxford
20%
Michigan3,436Oxford
20%
Kansas1,049Oxford
20%
Pennsylvania5,083Oxford
20%
Florida8,802Palm Beach
20%
Texas259,857Plano
20%
Illinois10,856Plano
20%
Michigan1,078Reading
20%
Massachusetts24,747Reading
20%
Pennsylvania88,016Reading
20%
Ohio10,335Reading
20%
Illinois152,871Rockford
20%
Ohio1,120Rockford
20%
Michigan5,719Rockford
20%
Minnesota4,316Rockford
20%
Texas2,873Santa Rosa
20%
California167,815Santa Rosa
20%
New Mexico2,848Santa Rosa
20%
Kansas2,337Sterling
20%
Colorado14,777Sterling
20%
Massachusetts7,808Sterling
20%
Illinois15,370Sterling
20%
Texas1,043St. Jo
20%
Colorado6,289Wellington
20%
Utah1,520Wellington
20%
Texas2,185Wellington
20%
Ohio4,807Wellington
20%
Kansas8,171Wellington
20%
Florida65,200Wellington
20%
Delaware1,536Wyoming
20%
Ohio8,420Wyoming
20%
Pennsylvania3,075Wyoming
20%
Michigan72,125Wyoming
20%
Minnesota7,791Wyoming
20%
Illinois1,429Wyoming
20%
Washington91,276Yakima
20%
Mississippi5,612Aberdeen
18%
North Carolina6,364Aberdeen
18%
Idaho1,994Aberdeen
18%
Ohio1,640Aberdeen
18%
South Dakota26,091Aberdeen
18%
Washington16,884Aberdeen
18%
Maryland14,959Aberdeen
18%
Missouri1,545Belle
18%
West Virginia1,260Belle
18%
Massachusetts16,332Bellingham
18%
Washington81,252Bellingham
18%
Oregon76,639Bend
18%
South Carolina1,848Blacksburg
18%
Virginia42,528Blacksburg
18%
Missouri5,334Bowling Green
18%
Virginia1,109Bowling Green
18%
Ohio30,055Bowling Green
18%
Kentucky58,067Bowling Green
18%
Florida2,902Bowling Green
18%
Michigan1,206Brooklyn
18%
Iowa1,468Brooklyn
18%
Ohio11,169Brooklyn
18%
Florida189,343Cape Coral
18%
North Carolina135,777Cary
18%
Illinois18,271Cary
18%
Virginia43,425Charlottesville
18%
Virginia222,306Chesapeake
18%
West Virginia1,554Chesapeake
18%
Louisiana1,017Clarks
18%
Utah21,353Clinton
18%
Tennessee9,841Clinton
18%
Ohio1,217Clinton
18%
Indiana4,893Clinton
18%
Louisiana1,653Clinton
18%
Michigan2,336Clinton
18%
Missouri9,008Clinton
18%
Mississippi25,216Clinton
18%
Oklahoma9,033Clinton
18%
New Jersey2,719Clinton
18%
Illinois7,225Clinton
18%
North Carolina8,714Clinton
18%
Massachusetts13,606Clinton
18%
Arkansas2,602Clinton
18%
Iowa26,885Clinton
18%
South Carolina8,490Clinton
18%
Kentucky1,388Clinton
18%
Texas94,221College Station
18%
Michigan98,153Dearborn
18%
Wyoming12,359Evanston
18%
Illinois74,486Evanston
18%
California214,089Fremont
18%
Michigan4,081Fremont
18%
New Hampshire4,283Fremont
18%
Ohio16,674Fremont
18%
North Carolina1,272Fremont
18%
Nebraska26,413Fremont
18%
Georgia2,513Georgetown
18%
Illinois3,474Georgetown
18%
Kentucky29,098Georgetown
18%
Ohio4,498Georgetown
18%
Delaware7,427Georgetown
18%
Massachusetts8,183Georgetown
18%
South Carolina9,163Georgetown
18%
Texas47,483Georgetown
18%
Colorado1,034Georgetown
18%
Arizona208,453Gilbert
18%
Minnesota1,799Gilbert
18%
Iowa1,082Gilbert
18%
Virginia1,115Glasgow
18%
Kentucky14,028Glasgow
18%
Montana3,250Glasgow
18%
Missouri1,103Glasgow
18%
North Dakota52,838Grand Forks
18%
South Carolina4,714Hollywood
18%
Florida154,823Hollywood
18%
Alabama1,000Hollywood
18%
Iowa67,862Iowa City
18%
Oklahoma2,692Jones
18%
New York23,893Kingston
18%
New Hampshire6,025Kingston
18%
Oklahoma1,601Kingston
18%
Massachusetts12,629Kingston
18%
Illinois1,164Kingston
18%
Pennsylvania13,178Kingston
18%
Tennessee5,934Kingston
18%
Ohio1,033Kingston
18%
New Mexico97,618Las Cruces
18%
Utah2,006Lewiston
18%
Maine36,299Lewiston
18%
Idaho31,894Lewiston
18%
Minnesota1,620Lewiston
18%
Florida82,826Melbourne
18%
Arkansas1,848Melbourne
18%
Missouri11,543Mexico
18%
Florida113,069Miami Gardens
18%
New Hampshire1,337Milan
18%
Missouri1,960Milan
18%
Illinois5,099Milan
18%
Michigan5,836Milan
18%
Tennessee7,851Milan
18%
Ohio1,367Milan
18%
New Mexico3,245Milan
18%
Georgia3,120Millen
18%
California193,365Moreno Valley
18%
Utah2,387Naples
18%
Texas1,375Naples
18%
Florida22,039Naples
18%
Missouri16,062Overland
18%
Kansas173,329Overland Park
18%
Iowa1,026Palo
18%
California64,403Palo Alto
18%
Pennsylvania1,032Palo Alto
18%
Florida4,584Parker
18%
Colorado45,297Parker
18%
Texas3,733Parker
18%
Arizona3,083Parker
18%
South Dakota1,022Parker
18%
Colorado106,595Pueblo
18%
Texas99,251Richardson
18%
Oklahoma1,396Salina
18%
Kansas47,778Salina
18%
Utah2,512Salina
18%
California150,441Salinas
18%
Puerto Rico4,771Salinas
18%
California59,946Santa Cruz
18%
Michigan14,144Sault Ste. Marie
18%
Texas3,125Stamford
18%
Connecticut122,643Stamford
18%
Texas2,440The Hills
18%
Indiana56,129Anderson
16%
California9,932Anderson
16%
Missouri1,961Anderson
16%
South Carolina26,686Anderson
16%
Michigan52,347Battle Creek
16%
Nebraska1,207Battle Creek
16%
Tennessee1,385Benton
16%
Kentucky4,349Benton
16%
Arkansas30,681Benton
16%
Louisiana1,948Benton
16%
Illinois7,087Benton
16%
New Hampshire2,526Bethlehem
16%
West Virginia2,499Bethlehem
16%
Pennsylvania74,951Bethlehem
16%
Massachusetts39,502Beverly
16%
New Jersey2,577Beverly
16%
Ohio1,313Beverly
16%
Oklahoma98,850Broken Arrow
16%
Georgia9,607Cairo
16%
Illinois2,831Cairo
16%
Illinois81,055Champaign
16%
Pennsylvania33,906Chester
16%
Illinois8,586Chester
16%
West Virginia2,585Chester
16%
Georgia1,596Chester
16%
South Carolina5,607Chester
16%
New Hampshire4,768Chester
16%
Massachusetts1,337Chester
16%
Idaho44,137Coeur d'Alene
16%
California96,455Compton
16%
Iowa99,685Davenport
16%
Washington1,734Davenport
16%
Florida5,378Davenport
16%
Maryland4,418Denton
16%
North Carolina1,638Denton
16%
Texas116,371Denton
16%
California46,036Dublin
16%
New Hampshire1,597Dublin
16%
Texas3,618Dublin
16%
Georgia16,201Dublin
16%
Pennsylvania2,158Dublin
16%
Ohio41,364Dublin
16%
Virginia2,534Dublin
16%
Wisconsin65,883Eau Claire
16%
Texas226,910Garland
16%
Utah2,468Garland
16%
Colorado18,867Golden
16%
Texas175,468Grand Prairie
16%
Minnesota4,096Grant
16%
Nebraska1,167Grant
16%
Idaho56,813Idaho Falls
16%
Iowa5,966Independence
16%
Louisiana1,665Independence
16%
Ohio7,129Independence
16%
Kansas9,473Independence
16%
Wisconsin1,336Independence
16%
Oregon8,590Independence
16%
Minnesota3,504Independence
16%
Kentucky24,757Independence
16%
Missouri116,830Independence
16%
California109,673Inglewood
16%
Michigan2,910Ithaca
16%
New York30,014Ithaca
16%
Minnesota5,470Jordan
16%
South Dakota1,071Martin
16%
Tennessee11,473Martin
16%
Minnesota1,239Medford
16%
Oregon74,907Medford
16%
Massachusetts56,173Medford
16%
Wisconsin4,326Medford
16%
Oklahoma55,081Moore
16%
Tennessee108,755Murfreesboro
16%
Arkansas1,641Murfreesboro
16%
North Carolina2,825Murfreesboro
16%
South Carolina27,109Myrtle Beach
16%
Idaho81,557Nampa
16%
Arkansas1,281Ola
16%
Louisiana1,385Olla
16%
California26,218Paradise
16%
Utah1,147Paradise
16%
Rhode Island17,389Portsmouth
16%
New Hampshire20,779Portsmouth
16%
Ohio20,224Portsmouth
16%
Virginia95,527Portsmouth
16%
Florida195,248Port St. Lucie
16%
New York32,736Poughkeepsie
16%
California165,269Rancho Cucamonga
16%
Washington91,903Renton
16%
Arizona25,505San Luis
16%
Florida57,738Sarasota
16%
Florida54,115St. Cloud
16%
Minnesota65,842St. Cloud
16%
Michigan129,699Sterling Heights
16%
Arizona117,517Surprise
16%
Texas15,281Taylor
16%
Pennsylvania6,263Taylor
16%
Michigan63,131Taylor
16%
Arizona4,112Taylor
16%
Alabama2,375Taylor
16%
California126,683Thousand Oaks
16%
Minnesota1,143Tyler
16%
Texas96,887Tyler
16%
Florida111,398West Palm Beach
16%
California5,123Williams
16%
Arizona3,023Williams
16%
Arizona93,064Yuma
16%
Colorado3,524Yuma
16%
Ohio5,959Ada
14%
Oklahoma16,810Ada
14%
Minnesota1,707Ada
14%
Texas1,001Ames
14%
Iowa58,965Ames
14%
Colorado6,658Aspen
14%
Iowa7,112Atlantic
14%
North Dakota1,019Beach
14%
California36,877Beaumont
14%
Texas117,278Beaumont
14%
New York47,376Binghamton
14%
Florida99,244Boca Raton
14%
North Carolina17,125Boone
14%
Iowa12,661Boone
14%
Oregon2,806Burns
14%
Tennessee1,468Burns
14%
Maryland12,326Cambridge
14%
Minnesota8,111Cambridge
14%
Illinois2,160Cambridge
14%
Ohio10,636Cambridge
14%
Nebraska1,062Cambridge
14%
Massachusetts105,162Cambridge
14%
Arkansas12,183Camden
14%
South Carolina6,838Camden
14%
Delaware3,501Camden
14%
Tennessee3,582Camden
14%
New Jersey77,344Camden
14%
Ohio2,044Camden
14%
Alabama2,020Camden
14%
New Mexico26,138Carlsbad
14%
California105,328Carlsbad
14%
Tennessee132,929Clarksville
14%
Texas3,352Clarksville
14%
Virginia1,240Clarksville
14%
Arkansas9,178Clarksville
14%
Iowa1,439Clarksville
14%
California152,374Corona
14%
California101,123Daly City
14%
Mississippi1,841Decatur
14%
Alabama55,683Decatur
14%
Illinois76,122Decatur
14%
Michigan1,819Decatur
14%
Georgia19,335Decatur
14%
Indiana9,405Decatur
14%
Texas6,057Decatur
14%
Tennessee1,598Decatur
14%
Arkansas1,699Decatur
14%
Ohio34,758Delaware
14%
Michigan48,579East Lansing
14%
Pennsylvania1,833Everett
14%
Washington103,070Everett
14%
Massachusetts41,667Everett
14%
Iowa2,123Fairfax
14%
Ohio1,699Fairfax
14%
Minnesota1,235Fairfax
14%
Virginia22,554Fairfax
14%
California7,441Fairfax
14%
Oklahoma1,380Fairfax
14%
South Carolina2,025Fairfax
14%
Nebraska1,307Fullerton
14%
California135,161Fullerton
14%
Colorado92,889Greeley
14%
Florida12,401Gulfport
14%
Mississippi67,793Gulfport
14%
Iowa1,187Hamburg
14%
New Jersey3,277Hamburg
14%
Arkansas2,857Hamburg
14%
Pennsylvania4,245Hamburg
14%
Massachusetts7,764Hamilton
14%
Montana4,348Hamilton
14%
Missouri1,809Hamilton
14%
Illinois2,951Hamilton
14%
Alabama6,885Hamilton
14%
Texas3,097Hamilton
14%
Ohio62,272Hamilton
14%
Georgia1,016Hamilton
14%
Mississippi45,989Hattiesburg
14%
Wisconsin2,318Hayward
14%
California144,186Hayward
14%
Wisconsin1,417Hillsboro
14%
North Dakota1,603Hillsboro
14%
Kansas2,994Hillsboro
14%
Oregon91,611Hillsboro
14%
Illinois6,207Hillsboro
14%
Texas8,437Hillsboro
14%
Missouri2,821Hillsboro
14%
Ohio6,600Hillsboro
14%
Alabama81,619Hoover
14%
Tennessee1,959Jamestown
14%
North Carolina3,443Jamestown
14%
Ohio2,037Jamestown
14%
Rhode Island5,405Jamestown
14%
New York31,146Jamestown
14%
North Dakota15,427Jamestown
14%
Kentucky1,794Jamestown
14%
Washington2,366Kalama
14%
Michigan74,262Kalamazoo
14%
Washington73,995Kennewick
14%
Wisconsin99,218Kenosha
14%
Wisconsin51,320La Crosse
14%
Kansas1,342La Crosse
14%
Florida110,516Lakeland
14%
Tennessee12,430Lakeland
14%
Minnesota1,796Lakeland
14%
Georgia3,366Lakeland
14%
Colorado142,980Lakewood
14%
California80,048Lakewood
14%
Ohio52,131Lakewood
14%
Washington57,532Lakewood
14%
Illinois3,811Lakewood
14%
North Dakota2,154Lisbon
14%
Ohio2,829Lisbon
14%
Iowa1,908Lisbon
14%
New Hampshire1,595Lisbon
14%
Iowa2,543Madrid
14%
Mississippi41,148Meridian
14%
Idaho75,092Meridian
14%
Texas1,492Meridian
14%
North Dakota40,888Minot
14%
California27,810Monterey
14%
Tennessee2,850Monterey
14%
California76,915Napa
14%
Iowa1,897New London
14%
Texas1,001New London
14%
New Hampshire4,397New London
14%
Ohio2,461New London
14%
Minnesota1,251New London
14%
Connecticut27,620New London
14%
Wisconsin7,295New London
14%
Connecticut40,493Norwich
14%
New York7,190Norwich
14%
Colorado1,849Olathe
14%
Kansas125,900Olathe
14%
Wisconsin66,083Oshkosh
14%
California152,750Palmdale
14%
Illinois5,847Pana
14%
Oklahoma1,413Panama
14%
Florida36,908Panama City
14%
Washington62,160Pasco
14%
Idaho54,255Pocatello
14%
Massachusetts3,413Princeton
14%
Illinois7,660Princeton
14%
Kentucky6,329Princeton
14%
Minnesota4,698Princeton
14%
North Carolina1,189Princeton
14%
West Virginia6,432Princeton
14%
Wisconsin1,214Princeton
14%
Missouri1,166Princeton
14%
Texas6,815Princeton
14%
New Jersey28,400Princeton
14%
Indiana8,644Princeton
14%
South Dakota67,956Rapid City
14%
Georgia1,473Richland
14%
Missouri1,863Richland
14%
Mississippi6,912Richland
14%
Washington48,105Richland
14%
Pennsylvania1,519Richland
14%
Texas93,221San Angelo
14%
Mississippi1,952Shaw
14%
Wisconsin49,288Sheboygan
14%
Michigan4,140Sparta
14%
North Carolina1,766Sparta
14%
Georgia1,400Sparta
14%
Tennessee4,925Sparta
14%
Missouri1,756Sparta
14%
Wisconsin9,522Sparta
14%
Illinois4,302Sparta
14%
Washington89,743Spokane Valley
14%
Minnesota3,735St. Charles
14%
Illinois32,974St. Charles
14%
Michigan2,054St. Charles
14%
Missouri65,794St. Charles
14%
Missouri4,724St. Clair
14%
Pennsylvania3,006St. Clair
14%
Michigan5,485St. Clair
14%
Louisiana1,176St. Joseph
14%
Minnesota6,534St. Joseph
14%
Illinois3,967St. Joseph
14%
Michigan8,365St. Joseph
14%
Missouri76,780St. Joseph
14%
Virginia84,572Suffolk
14%
Nebraska1,957Superior
14%
Arizona2,837Superior
14%
Colorado12,483Superior
14%
Wisconsin27,244Superior
14%
Arkansas29,919Texarkana
14%
Texas36,408Texarkana
14%
Ohio5,300Toronto
14%
Illinois1,890Venice
14%
Florida23,376Venice
14%
Connecticut110,366Waterbury
14%
Utah111,937West Jordan
14%
West Virginia4,110Weston
14%
Ohio1,590Weston
14%
Florida71,210Weston
14%
Massachusetts11,261Weston
14%
Missouri1,641Weston
14%
Pennsylvania41,498Wilkes-Barre
14%
Oklahoma1,724Wilson
14%
Pennsylvania7,896Wilson
14%
North Carolina49,160Wilson
14%
California55,468Woodland
14%
Washington5,545Woodland
14%
Ohio66,952Youngstown
14%
California73,812Alameda
12%
Wisconsin72,623Appleton
12%
Minnesota1,412Appleton
12%
New Jersey39,558Atlantic City
12%
Michigan1,071Beaverton
12%
Oregon89,803Beaverton
12%
Arkansas35,301Bentonville
12%
Texas2,012Beverly Hills
12%
Michigan10,267Beverly Hills
12%
California34,109Beverly Hills
12%
Mississippi44,054Biloxi
12%
Tennessee2,735Brighton
12%
Illinois2,254Brighton
12%
Colorado33,352Brighton
12%
Michigan7,444Brighton
12%
Alabama2,945Brighton
12%
Missouri4,278California
12%
Pennsylvania6,795California
12%
Kentucky3,938Carrollton
12%
Missouri3,784Carrollton
12%
Texas119,176Carrollton
12%
Alabama1,019Carrollton
12%
Georgia24,388Carrollton
12%
Ohio3,247Carrollton
12%
Illinois2,484Carrollton
12%
Tennessee1,445Chapel Hill
12%
North Carolina57,220Chapel Hill
12%
Kansas2,488Clearwater
12%
Florida116,478Clearwater
12%
Minnesota1,735Clearwater
12%
Florida50,999Coral Gables
12%
Florida133,507Coral Springs
12%
Oregon54,462Corvallis
12%
Connecticut80,893Danbury
12%
Texas1,719Danbury
12%
New Hampshire1,164Danbury
12%
California65,622Davis
12%
Oklahoma2,683Davis
12%
Kansas27,326Dodge City
12%
Wyoming6,120Douglas
12%
Massachusetts8,471Douglas
12%
Michigan1,232Douglas
12%
Georgia11,589Douglas
12%
Arizona17,378Douglas
12%
Pennsylvania26,810Easton
12%
Massachusetts23,112Easton
12%
Maryland15,945Easton
12%
Oregon1,711Elgin
12%
Illinois108,188Elgin
12%
South Carolina1,311Elgin
12%
Minnesota1,089Elgin
12%
Oklahoma2,156Elgin
12%
Texas8,290Elgin
12%
California143,911Escondido
12%
Washington89,300Federal Way
12%
Puerto Rico4,711Florida
12%
California196,069Fontana
12%
Arkansas88,209Fort Smith
12%
Maryland65,239Frederick
12%
Colorado8,679Frederick
12%
Oklahoma3,940Frederick
12%
California170,883Garden Grove
12%
Massachusetts28,789Gloucester
12%
Nebraska48,651Grand Island
12%
Virginia48,900Harrisonburg
12%
Kansas1,245Haven
12%
Texas5,762Hempstead
12%
Utah17,952Highland
12%
Illinois9,919Highland
12%
Kansas1,017Highland
12%
California53,104Highland
12%
Arkansas1,045Highland
12%
Arkansas10,095Hope
12%
Kansas1,495Johnson City
12%
Texas1,645Johnson City
12%
Tennessee63,152Johnson City
12%
Illinois1,821Jonesboro
12%
Indiana1,756Jonesboro
12%
Arkansas67,263Jonesboro
12%
Louisiana4,704Jonesboro
12%
Georgia4,724Jonesboro
12%
Missouri50,150Joplin
12%
Texas127,696Killeen
12%
Washington80,585Kirkland
12%
Illinois1,744Kirkland
12%
Louisiana71,993Lake Charles
12%
North Carolina12,709Lewisville
12%
Arkansas1,280Lewisville
12%
Texas95,458Lewisville
12%
Ohio38,627Lima
12%
Ohio12,054Loveland
12%
Colorado66,859Loveland
12%
Massachusetts90,329Lynn
12%
Arkansas1,139Mansfield
12%
Massachusetts23,184Mansfield
12%
Pennsylvania3,630Mansfield
12%
Texas56,415Mansfield
12%
Louisiana5,001Mansfield
12%
Missouri1,296Mansfield
12%
Ohio47,830Mansfield
12%
Pennsylvania2,534Marysville
12%
California12,072Marysville
12%
Kansas3,305Marysville
12%
Michigan9,959Marysville
12%
Ohio22,101Marysville
12%
Washington60,007Marysville
12%
Texas131,160McKinney
12%
Texas139,593Mesquite
12%
Nevada15,276Mesquite
12%
Connecticut52,759Milford
12%
Delaware11,353Milford
12%
Iowa2,898Milford
12%
Nebraska2,090Milford
12%
Utah1,594Milford
12%
Michigan6,175Milford
12%
New Jersey1,233Milford
12%
Pennsylvania1,024Milford
12%
Illinois1,306Milford
12%
New Hampshire15,115Milford
12%
Ohio6,702Milford
12%
Massachusetts27,999Milford
12%
Florida140,823Miramar
12%
New York77,062New Rochelle
12%
Pennsylvania9,927Northampton
12%
Massachusetts28,549Northampton
12%
Ohio17,102Norwalk
12%
Iowa8,945Norwalk
12%
California105,549Norwalk
12%
Connecticut85,603Norwalk
12%
New Hampshire4,785Nottingham
12%
Utah1,298Oakley
12%
Kansas2,043Oakley
12%
California35,432Oakley
12%
Ohio20,304Oregon
12%
Illinois3,721Oregon
12%
Utah97,839Orem
12%
Florida25,061Palm Springs
12%
California44,552Palm Springs
12%
Florida33,631Parkland
12%
Ohio81,589Parma
12%
Idaho1,983Parma
12%
New Jersey146,199Paterson
12%
California20,413Patterson
12%
Louisiana6,112Patterson
12%
Mississippi25,092Pearl
12%
Virginia1,112Pembroke
12%
Georgia2,196Pembroke
12%
New Hampshire7,115Pembroke
12%
North Carolina3,050Pembroke
12%
Massachusetts17,837Pembroke
12%
California149,058Pomona
12%
Puerto Rico132,502Ponce
12%
Illinois40,633Quincy
12%
Florida7,235Quincy
12%
Michigan1,652Quincy
12%
Washington6,766Quincy
12%
Massachusetts92,271Quincy
12%
Oregon26,215Redmond
12%
Washington54,511Redmond
12%
Texas20,048Saginaw
12%
Michigan51,508Saginaw
12%
Ohio25,919Sandusky
12%
Michigan2,679Sandusky
12%
California99,553Santa Maria
12%
Tennessee39,974Smyrna
12%
Delaware11,580Smyrna
12%
Georgia51,271Smyrna
12%
Georgia2,052Sparks
12%
Nevada90,264Sparks
12%
Kentucky3,487Stanford
12%
Florida14,576St. Augustine
12%
Minnesota18,225Stillwater
12%
Oklahoma45,688Stillwater
12%
Texas107,850Sugar Land
12%
California145,538Torrance
12%
Michigan14,674Traverse City
12%
Idaho44,125Twin Falls
12%
Missouri10,204Union
12%
South Carolina8,393Union
12%
Oregon2,121Union
12%
Kentucky5,379Union
12%
Mississippi1,988Union
12%
Ohio6,449Union
12%
Ohio11,868Urbana
12%
Illinois41,250Urbana
12%
Iowa1,458Urbana
12%
Oregon1,874Vale
12%
Oklahoma1,466Vian
12%
Georgia4,011Vienna
12%
West Virginia10,749Vienna
12%
Illinois1,434Vienna
12%
Virginia15,684Vienna
12%
Wisconsin70,718Waukesha
12%
Pennsylvania18,459West Chester
12%
Illinois16,718Westchester
12%
Maryland18,590Westminster
12%
California89,701Westminster
12%
South Carolina2,418Westminster
12%
Colorado106,114Westminster
12%
Massachusetts7,277Westminster
12%
Kentucky18,368Winchester
12%
Virginia26,223Winchester
12%
Massachusetts21,374Winchester
12%
Indiana4,935Winchester
12%
Illinois1,593Winchester
12%
New Hampshire4,341Winchester
12%
Ohio1,044Winchester
12%
Tennessee8,530Winchester
12%
Missouri1,547Winchester
12%
Wisconsin1,967Adams
10%
Massachusetts8,485Adams
10%
Georgia5,334Adel
10%
Iowa3,682Adel
10%
Georgia2,797Alamo
10%
Tennessee2,461Alamo
10%
Texas18,516Alamo
10%
Georgia1,172Alto
10%
Texas1,225Alto
10%
New York18,620Amsterdam
10%
Idaho1,127Ashton
10%
Pennsylvania5,259Bangor
10%
Maine32,568Bangor
10%
Michigan1,885Bangor
10%
Ohio45,177Beavercreek
10%
Massachusetts13,320Bedford
10%
Texas46,994Bedford
10%
Iowa1,440Bedford
10%
Indiana13,413Bedford
10%
New Hampshire21,203Bedford
10%
Virginia6,552Bedford
10%
Pennsylvania2,845Bedford
10%
Ohio13,074Bedford
10%
California4,282Brisbane
10%
Massachusetts93,810Brockton
10%
Pennsylvania8,012Brookhaven
10%
Georgia49,312Brookhaven
10%
Mississippi12,513Brookhaven
10%
Colorado55,889Broomfield
10%
California103,340Burbank
10%
Illinois28,925Burbank
10%
Pennsylvania13,754Butler
10%
Georgia1,972Butler
10%
Missouri4,219Butler
10%
Indiana2,684Butler
10%
New Jersey7,539Butler
10%
Alabama1,894Butler
10%
Montana33,525Butte
10%
Colorado100,377Centennial
10%
Indiana7,585Charlestown
10%
West Virginia5,259Charles Town
10%
Maryland1,183Charlestown
10%
Rhode Island7,827Charlestown
10%
New Hampshire5,114Charlestown
10%
Illinois83,891Cicero
10%
Kentucky1,181Clay
10%
Alabama9,708Clay
10%
North Carolina16,183Clayton
10%
New Mexico2,980Clayton
10%
California10,897Clayton
10%
Delaware3,392Clayton
10%
Missouri15,939Clayton
10%
Ohio13,235Clayton
10%
New Jersey8,179Clayton
10%
Alabama3,008Clayton
10%
Georgia2,047Clayton
10%
Georgia6,544Commerce
10%
Oklahoma2,473Commerce
10%
Texas8,073Commerce
10%
California12,823Commerce
10%
Iowa62,230Council Bluffs
10%
Rhode Island80,387Cranston
10%
North Carolina10,904Davidson
10%
Texas1,679De Kalb
10%
Illinois43,862DeKalb
10%
Mississippi1,164De Kalb
10%
Pennsylvania2,680Derry
10%
New Hampshire33,109Derry
10%
California111,772Downey
10%
Iowa57,637Dubuque
10%
Oregon3,162Dundee
10%
Michigan3,957Dundee
10%
Florida4,816Dundee
10%
Kansas2,205Elkhart
10%
Texas1,365Elkhart
10%
Indiana50,949Elkhart
10%
Iowa1,776Ely
10%
Minnesota3,460Ely
10%
Nevada4,255Ely
10%
Illinois5,295Eureka
10%
California27,191Eureka
10%
Montana1,037Eureka
10%
Missouri10,189Eureka
10%
Kansas2,633Eureka
10%
Texas2,951Fairfield
10%
Ohio42,505Fairfield
10%
Illinois5,154Fairfield
10%
Alabama11,117Fairfield
10%
California105,321Fairfield
10%
Iowa9,464Fairfield
10%
New Mexico45,877Farmington
10%
Arkansas5,974Farmington
10%
Minnesota21,086Farmington
10%
Illinois2,448Farmington
10%
Michigan10,372Farmington
10%
Missouri16,240Farmington
10%
Utah22,616Farmington
10%
Mississippi2,186Farmington
10%
New Hampshire6,786Farmington
10%
Oregon105,594Gresham
10%
Oklahoma6,623Grove
10%
Maryland39,662Hagerstown
10%
Nebraska1,013Harvard
10%
Illinois9,447Harvard
10%
Massachusetts6,520Harvard
10%
Michigan33,051Holland
10%
Massachusetts2,481Holland
10%
Texas1,112Holland
10%
Ohio1,691Holland
10%
North Carolina46,763Huntersville
10%
Ohio7,148Huron
10%
South Dakota12,592Huron
10%
California6,754Huron
10%
Florida65,524Jupiter
10%
Wyoming30,816Laramie
10%
Florida84,996Largo
10%
New Jersey1,358Lebanon
10%
Ohio20,028Lebanon
10%
Oregon15,518Lebanon
10%
Virginia3,435Lebanon
10%
Kentucky5,539Lebanon
10%
Indiana15,792Lebanon
10%
Illinois4,418Lebanon
10%
Missouri14,474Lebanon
10%
Tennessee26,190Lebanon
10%
Pennsylvania25,477Lebanon
10%
New Hampshire13,151Lebanon
10%
Utah49,957Logan
10%
Ohio7,113Logan
10%
West Virginia1,779Logan
10%
New Mexico1,042Logan
10%
Iowa1,534Logan
10%
New Hampshire24,129Londonderry
10%
Virginia75,533Lynchburg
10%
Tennessee6,362Lynchburg
10%
Ohio1,493Lynchburg
10%
Minnesota39,309Mankato
10%
Ohio14,085Marietta
10%
Georgia56,579Marietta
10%
Oklahoma2,626Marietta
10%
Pennsylvania2,588Marietta
10%
Michigan21,355Marquette
10%
Connecticut59,653Meriden
10%
Delaware2,964Milton
10%
Wisconsin5,546Milton
10%
Washington7,351Milton
10%
Massachusetts27,003Milton
10%
Pennsylvania7,023Milton
10%
New Hampshire4,598Milton
10%
West Virginia2,423Milton
10%
Georgia32,661Milton
10%
Florida10,269Milton
10%
Ohio16,967Mount Vernon
10%
Missouri4,575Mount Vernon
10%
Indiana6,687Mount Vernon
10%
Alabama1,574Mount Vernon
10%
Kentucky2,477Mount Vernon
10%
Texas2,778Mount Vernon
10%
New York67,292Mount Vernon
10%
Illinois15,277Mount Vernon
10%
Iowa4,506Mount Vernon
10%
Washington31,720Mount Vernon
10%
Georgia2,451Mount Vernon
10%
Indiana70,085Muncie
10%
Pennsylvania2,479Muncy
10%
Massachusetts95,072New Bedford
10%
New Jersey55,181New Brunswick
10%
Wyoming3,532Newcastle
10%
Delaware5,529New Castle
10%
Oklahoma7,685Newcastle
10%
Pennsylvania23,281New Castle
10%
Indiana18,114New Castle
10%
Washington10,368Newcastle
10%
Colorado4,518New Castle
10%
North Dakota1,925New Town
10%
Pennsylvania2,248Newtown
10%
Ohio2,649Newtown
10%
Alaska3,598Nome
10%
Illinois52,497Normal
10%
South Carolina97,471North Charleston
10%
Florida60,429Ocala
10%
Kentucky57,265Owensboro
10%
North Carolina1,297Pinebluff
10%
Arkansas49,083Pine Bluff
10%
Florida94,288Plantation
10%
Utah38,013Roy
10%
California97,207San Mateo
10%
California29,926Saratoga
10%
Wyoming1,690Saratoga
10%
New York66,135Schenectady
10%
Oklahoma29,857Shawnee
10%
Kansas62,207Shawnee
10%
Texas38,349Sherman
10%
Illinois4,148Sherman
10%
Washington53,031Shoreline
10%
Massachusetts5,792Southampton
10%
Idaho5,793Star
10%
Pennsylvania41,980State College
10%
Kansas1,329St. Francis
10%
Wisconsin9,365St. Francis
10%
Minnesota7,218St. Francis
10%
Kansas1,295St. John
10%
Missouri6,517St. John
10%
Arizona3,480St. Johns
10%
Michigan7,865St. Johns
10%
Texas5,168Sunnyvale
10%
California140,081Sunnyvale
10%
Florida95,458Sunrise
10%
Colorado118,772Thornton
10%
New Hampshire2,490Thornton
10%
Illinois2,338Thornton
10%
California115,942Vallejo
10%
California115,903Victorville
10%
Iowa68,406Waterloo
10%
Wisconsin3,333Waterloo
10%
Illinois9,811Waterloo
10%
Wisconsin23,861Watertown
10%
New York27,023Watertown
10%
Massachusetts31,915Watertown
10%
South Dakota21,482Watertown
10%
Tennessee1,477Watertown
10%
Minnesota4,205Watertown
10%
Michigan17,593Wayne
10%
Nebraska5,671Wayne
10%
Illinois2,431Wayne
10%
West Virginia1,413Wayne
10%
Connecticut52,721West Haven
10%
Utah12,109West Haven
10%
New York56,853White Plains
10%
Kentucky5,245Williamsburg
10%
Pennsylvania1,249Williamsburg
10%
Ohio2,477Williamsburg
10%
Virginia13,689Williamsburg
10%
Massachusetts2,482Williamsburg
10%
Iowa3,068Williamsburg
10%
Michigan1,955Yale
10%
Oklahoma1,227Yale
10%
New Jersey2,369Alpha
8%
Georgia57,551Alpharetta
8%
Iowa45,582Ankeny
8%
Kansas1,487Arma
8%
Illinois2,288Arthur
8%
Kentucky21,684Ashland
8%
New Hampshire2,076Ashland
8%
Wisconsin8,216Ashland
8%
Massachusetts16,593Ashland
8%
Pennsylvania2,817Ashland
8%
Illinois1,333Ashland
8%
Nebraska2,453Ashland
8%
Alabama2,037Ashland
8%
Missouri3,707Ashland
8%
Oregon20,078Ashland
8%
Virginia7,255Ashland
8%
Ohio20,382Ashland
8%
Colorado6,447Avon
8%
Ohio21,191Avon
8%
Minnesota1,396Avon
8%
Massachusetts4,356Avon
8%
Texas17,813Bay City
8%
Oregon1,286Bay City
8%
Michigan34,932Bay City
8%
New Jersey63,024Bayonne
8%
Minnesota13,431Bemidji
8%
Ohio1,257Bethesda
8%
Washington4,694Blaine
8%
Minnesota57,186Blaine
8%
Tennessee1,856Blaine
8%
Missouri1,933Bloomfield
8%
Nebraska1,028Bloomfield
8%
Iowa2,640Bloomfield
8%
New Mexico8,112Bloomfield
8%
Pennsylvania1,249Bloomfield
8%
Louisiana61,315Bossier City
8%
Florida78,050Boynton Beach
8%
Washington37,876Bremerton
8%
Arizona50,876Buckeye
8%
Texas7,350Buda
8%
Washington48,081Burien
8%
Missouri37,941Cape Girardeau
8%
Colorado6,427Carbondale
8%
Pennsylvania8,891Carbondale
8%
Illinois25,902Carbondale
8%
Kansas1,433Carbondale
8%
Michigan2,345Carleton
8%
Oregon2,007Carlton
8%
Indiana79,191Carmel
8%
Michigan4,229Caro
8%
Puerto Rico157,832Carolina
8%
Massachusetts35,177Chelsea
8%
Alabama10,183Chelsea
8%
Oklahoma1,964Chelsea
8%
Michigan4,944Chelsea
8%
New Hampshire3,604Chesterfield
8%
South Carolina1,472Chesterfield
8%
Missouri47,484Chesterfield
8%
Massachusetts1,222Chesterfield
8%
California86,187Chico
8%
Texas1,015Chico
8%
California77,983Chino
8%
New Mexico37,775Clovis
8%
California95,631Clovis
8%
Mississippi2,586Collins
8%
Texas65,259Conroe
8%
Pennsylvania2,176Conway
8%
New Hampshire10,115Conway
8%
Massachusetts1,897Conway
8%
Arkansas58,908Conway
8%
South Carolina17,103Conway
8%
Texas1,975Cooper
8%
Pennsylvania4,117Cornwall
8%
California109,960Costa Mesa
8%
Indiana2,645Covington
8%
Kentucky40,640Covington
8%
Ohio2,601Covington
8%
Tennessee9,038Covington
8%
Washington17,565Covington
8%
Virginia5,954Covington
8%
Georgia13,118Covington
8%
Louisiana8,765Covington
8%
Nebraska1,154Creighton
8%
Massachusetts6,756Dalton
8%
Georgia33,128Dalton
8%
Pennsylvania1,234Dalton
8%
Ohio1,832Dalton
8%
Utah1,087Daniel
8%
Michigan57,774Dearborn Heights
8%
Massachusetts5,125Deerfield
8%
New Hampshire4,280Deerfield
8%
Illinois18,225Deerfield
8%
Minnesota5,464Delano
8%
California53,041Delano
8%
Louisiana2,919Delhi
8%
Texas15,741Donna
8%
Colorado6,508Eagle
8%
Idaho19,908Eagle
8%
Nebraska1,024Eagle
8%
Illinois27,006East St. Louis
8%
Georgia1,531Edison
8%
California153,015Elk Grove
8%
Nevada18,297Elko
8%
New York29,200Elmira
8%
Massachusetts3,504Essex
8%
Rhode Island6,425Exeter
8%
California10,334Exeter
8%
New Hampshire14,306Exeter
8%
Pennsylvania5,654Exeter
8%
Ohio41,185Findlay
8%
Texas64,675Flower Mound
8%
Rhode Island4,606Foster
8%
Florida2,472Freeport
8%
Illinois25,638Freeport
8%
Pennsylvania1,814Freeport
8%
Texas12,063Freeport
8%
Maryland59,933Gaithersburg
8%
Illinois5,193Genoa
8%
Nebraska1,003Genoa
8%
Ohio2,335Genoa
8%
Pennsylvania7,594Gettysburg
8%
South Dakota1,162Gettysburg
8%
Massachusetts1,500Gill
8%
Wisconsin1,386Gillett
8%
Wyoming29,087Gillette
8%
Georgia3,276Gray
8%
Arkansas8,952Greenwood
8%
South Carolina23,222Greenwood
8%
Mississippi15,205Greenwood
8%
Louisiana3,219Greenwood
8%
Indiana49,791Greenwood
8%
Delaware1,118Greenwood
8%
Wisconsin1,026Greenwood
8%
Missouri5,221Greenwood
8%
New Jersey43,010Hackensack
8%
Indiana80,830Hammond
8%
Louisiana20,019Hammond
8%
Illinois3,301Havana
8%
Florida1,707Havana
8%
North Carolina104,514High Point
8%
California10,825Hillsborough
8%
North Carolina6,609Hillsborough
8%
New Hampshire6,011Hillsborough
8%
South Carolina37,099Hilton Head Island
8%
New Jersey50,005Hoboken
8%
Pennsylvania3,165Homestead
8%
Florida70,477Homestead
8%
Colorado2,356Hudson
8%
Michigan2,307Hudson
8%
North Carolina3,770Hudson
8%
Texas4,727Hudson
8%
Wisconsin12,719Hudson
8%
Illinois1,838Hudson
8%
New Hampshire24,467Hudson
8%
New York6,713Hudson
8%
Iowa2,282Hudson
8%
Ohio22,272Hudson
8%
Massachusetts19,063Hudson
8%
California76,036Indio
8%
Illinois7,399Inverness
8%
Mississippi1,019Inverness
8%
Florida7,390Inverness
8%
Iowa17,278Johnston
8%
South Carolina2,362Johnston
8%
Rhode Island28,769Johnston
8%
Mississippi1,298Jonestown
8%
Texas1,814Jonestown
8%
Pennsylvania1,905Jonestown
8%
Texas14,119Katy
8%
Arizona1,950Kearny
8%
New Jersey40,684Kearny
8%
New Hampshire2,124Kensington
8%
Maryland2,213Kensington
8%
Kansas3,178Kingman
8%
Arizona28,068Kingman
8%
Arizona52,527Lake Havasu City
8%
Oklahoma96,867Lawton
8%
Michigan1,900Lawton
8%
Utah73,963Layton
8%
Virginia42,614Leesburg
8%
Alabama1,027Leesburg
8%
Ohio1,316Leesburg
8%
Georgia2,896Leesburg
8%
Florida23,163Leesburg
8%
Missouri91,364Lee's Summit
8%
Iowa1,977Leon
8%
Pennsylvania5,793Lewisburg
8%
West Virginia3,830Lewisburg
8%
Tennessee11,100Lewisburg
8%
Ohio1,820Lewisburg
8%
Colorado41,737Littleton
8%
Massachusetts8,924Littleton
8%
New Hampshire5,928Littleton
8%
Michigan96,942Livonia
8%
Louisiana1,442Livonia
8%
Colorado86,270Longmont
8%
Ohio64,099Lorain
8%
Illinois19,288Macomb
8%
Minnesota61,567Maple Grove
8%
California1,154Maricopa
8%
Arizona43,482Maricopa
8%
Illinois3,933Marshall
8%
Arkansas1,355Marshall
8%
Michigan7,088Marshall
8%
Minnesota13,680Marshall
8%
Missouri13,065Marshall
8%
Texas23,517Marshall
8%
Ohio48,678Middletown
8%
Virginia1,267Middletown
8%
New York28,086Middletown
8%
Maryland4,136Middletown
8%
Delaware22,582Middletown
8%
Rhode Island16,150Middletown
8%
Connecticut47,481Middletown
8%
Pennsylvania8,935Middletown
8%
Kentucky7,218Middletown
8%
Kansas9,316Mission
8%
Texas77,690Mission
8%
South Dakota1,183Mission
8%
California93,305Mission Viejo
8%
Minnesota5,286Morris
8%
Illinois13,636Morris
8%
Oklahoma1,479Morris
8%
Alabama1,859Morris
8%
Mississippi3,462Morton
8%
Pennsylvania2,654Morton
8%
Texas2,006Morton
8%
Washington1,122Morton
8%
Illinois16,267Morton
8%
Michigan26,016Mount Pleasant
8%
North Carolina1,652Mount Pleasant
8%
Texas15,988Mount Pleasant
8%
Pennsylvania4,429Mount Pleasant
8%
Iowa8,668Mount Pleasant
8%
Tennessee4,561Mount Pleasant
8%
Utah3,309Mount Pleasant
8%
South Carolina67,843Mount Pleasant
8%
California103,466Murrieta
8%
Wisconsin24,135Muskego
8%
Washington5,850North Bend
8%
Oregon9,695North Bend
8%
Nebraska1,177North Bend
8%
Florida62,996North Miami
8%
Virginia3,993Norton
8%
Kansas2,888Norton
8%
Massachusetts19,031Norton
8%
Ohio12,103Norton
8%
Michigan55,224Novi
8%
Kansas1,836Oswego
8%
New York18,142Oswego
8%
Illinois30,355Oswego
8%
California48,445Palm Desert
8%
Rhode Island71,148Pawtucket
8%
Massachusetts51,251Peabody
8%
Kansas1,202Peabody
8%
Florida172,374Pembroke Pines
8%
Illinois4,576Pittsfield
8%
New Hampshire4,106Pittsfield
8%
Massachusetts44,737Pittsfield
8%
Florida111,954Pompano Beach
8%
Michigan59,515Pontiac
8%
Illinois11,931Pontiac
8%
Wisconsin78,860Racine
8%
New Mexico87,521Rio Rancho
8%
Illinois39,018Rock Island
8%
Maryland61,209Rockville
8%
Minnesota2,448Rockville
8%
Utah6,771Roosevelt
8%
Minnesota33,660Roseville
8%
Michigan47,299Roseville
8%
Ohio1,860Roseville
8%
California118,788Roseville
8%
Texas100,010Round Rock
8%
California45,119San Luis Obispo
8%
Puerto Rico3,156Santo Domingo
8%
Illinois74,227Schaumburg
8%
Washington26,901SeaTac
8%
Massachusetts3,257Sheffield
8%
Ohio3,983Sheffield
8%
Alabama9,039Sheffield
8%
Iowa1,172Sheffield
8%
Illinois2,137Sheridan
8%
Oregon6,127Sheridan
8%
Colorado5,664Sheridan
8%
Wyoming17,444Sheridan
8%
Arkansas4,603Sheridan
8%
Nebraska6,776Sidney
8%
Iowa1,138Sidney
8%
Ohio21,219Sidney
8%
Illinois1,233Sidney
8%
Montana5,191Sidney
8%
Illinois64,784Skokie
8%
Texas1,376Somerville
8%
New Jersey12,098Somerville
8%
Massachusetts75,754Somerville
8%
Tennessee3,094Somerville
8%
South Carolina2,636Springdale
8%
Pennsylvania3,405Springdale
8%
Arkansas69,797Springdale
8%
Ohio11,223Springdale
8%
Virginia1,686Stanley
8%
Wisconsin3,608Stanley
8%
North Dakota1,458Stanley
8%
North Carolina3,536Stanley
8%
Missouri4,216St. James
8%
North Carolina3,172St. James
8%
Minnesota4,605St. James
8%
Arkansas9,326Stuttgart
8%
California100,097Temecula
8%
Georgia4,228Temple
8%
Texas66,078Temple
8%
Oklahoma1,002Temple
8%
New Hampshire1,366Temple
8%
New Mexico6,475Truth or Consequences
8%
Alaska4,212Utqiaġvik / Barrow
8%
Georgia54,518Valdosta
8%
Nebraska2,408Valley
8%
Alabama9,524Valley
8%
California124,442Visalia
8%
Michigan23,537Walker
8%
Louisiana6,138Walker
8%
Washington32,439Walla Walla
8%
Kentucky3,635Walton
8%
Kentucky1,615Warsaw
8%
Illinois1,607Warsaw
8%
North Carolina3,104Warsaw
8%
Virginia1,498Warsaw
8%
Missouri2,127Warsaw
8%
Indiana13,559Warsaw
8%
Rhode Island82,672Warwick
8%
Illinois89,078Waukegan
8%
Wisconsin39,106Wausau
8%
Michigan84,094Westland
8%
Utah10,258West Point
8%
Nebraska3,367West Point
8%
Georgia3,474West Point
8%
Virginia3,306West Point
8%
Mississippi11,307West Point
8%
Utah135,546West Valley City
8%
West Virginia3,191Williamson
8%
Texas5,891Willis
8%
Illinois1,187Windsor
8%
Missouri2,901Windsor
8%
California26,801Windsor
8%
Pennsylvania1,316Windsor
8%
Virginia2,613Windsor
8%
North Carolina3,642Windsor
8%
Colorado18,644Windsor
8%
Mississippi5,043Winona
8%
Missouri1,335Winona
8%
Minnesota27,592Winona
8%
New Jersey10,174Woodbury
8%
Tennessee2,680Woodbury
8%
Minnesota61,961Woodbury
8%
Illinois10,789Worth
8%
Texas2,092Yorktown
8%
Michigan19,435Ypsilanti
8%
Louisiana3,593Addis
6%
New Mexico30,403Alamogordo
6%
Arkansas2,901Alexander
6%
Texas19,109Alice
6%
Michigan10,483Alpena
6%
Iowa14,541Altoona
6%
Pennsylvania45,997Altoona
6%
Wisconsin6,706Altoona
6%
Massachusetts37,819Amherst
6%
Ohio11,999Amherst
6%
New Hampshire11,201Amherst
6%
Virginia2,231Amherst
6%
Ohio1,143Andover
6%
New Hampshire2,371Andover
6%
Massachusetts33,201Andover
6%
Kansas11,787Andover
6%
Minnesota30,598Andover
6%
North Carolina1,787Andrews
6%
South Carolina2,861Andrews
6%
Texas11,098Andrews
6%
California102,372Antioch
6%
Illinois14,430Antioch
6%
Texas1,126Anton
6%
Oklahoma1,444Apache
6%
North Carolina37,621Apex
6%
Minnesota49,084Apple Valley
6%
California69,135Apple Valley
6%
Illinois75,101Arlington Heights
6%
Colorado106,433Arvada
6%
Ohio19,125Ashtabula
6%
Massachusetts45,193Barnstable
6%
Puerto Rico185,996Bayamón
6%
Puerto Rico2,038Bayamón
6%
Maine6,677Belfast
6%
Wisconsin1,366Blair
6%
Nebraska7,990Blair
6%
Oklahoma1,266Boise City
6%
Florida57,644Bradenton
6%
Pennsylvania8,805Bradford
6%
New Hampshire1,650Bradford
6%
Tennessee1,048Bradford
6%
Ohio1,867Bradford
6%
Texas5,522Brady
6%
Missouri10,520Branson
6%
California39,282Brea
6%
Texas5,780Breckenridge
6%
Colorado4,540Breckenridge
6%
Minnesota3,386Breckenridge
6%
Michigan1,328Breckenridge
6%
Georgia6,227Bremen
6%
Ohio1,420Bremen
6%
Alabama4,947Brent
6%
New Hampshire4,991Brookline
6%
Massachusetts58,732Brookline
6%
North Carolina1,005Brunswick
6%
Maryland5,870Brunswick
6%
Georgia15,383Brunswick
6%
Ohio34,279Brunswick
6%
Texas76,226Bryan
6%
Ohio8,440Bryan
6%
Minnesota60,306Burnsville
6%
North Carolina1,695Burnsville
6%
Michigan29,999Burton
6%
Ohio1,452Burton
6%
California38,572Calexico
6%
California39,349Campbell
6%
Missouri1,992Campbell
6%
Ohio8,237Campbell
6%
New Jersey3,607Cape May
6%
Iowa10,103Carroll
6%
Colorado48,231Castle Rock
6%
Washington2,117Castle Rock
6%
California51,200Cathedral City
6%
Utah30,232Cedar City
6%
Iowa39,260Cedar Falls
6%
Alabama3,489Centre
6%
Massachusetts55,298Chicopee
6%
California74,799Chino Hills
6%
West Virginia16,578Clarksburg
6%
Massachusetts1,702Clarksburg
6%
South Carolina13,905Clemson
6%
Tennessee2,694Clifton
6%
Arizona3,311Clifton
6%
New Jersey84,136Clifton
6%
Illinois1,468Clifton
6%
Texas3,440Clifton
6%
Puerto Rico5,758Coco
6%
Arizona4,821Colorado City
6%
Texas4,143Colorado City
6%
Oregon15,967Coos Bay
6%
Texas38,666Coppell
6%
Wisconsin1,467Cornell
6%
Colorado8,482Cortez
6%
Rhode Island35,014Coventry
6%
Missouri3,356Cuba
6%
Illinois1,294Cuba
6%
Illinois33,027Danville
6%
Ohio1,046Danville
6%
California42,039Danville
6%
Arkansas2,409Danville
6%
Kentucky16,218Danville
6%
Virginia43,077Danville
6%
New Hampshire4,387Danville
6%
Pennsylvania4,699Danville
6%
Florida106,558Davie
6%
Minnesota1,540Dawson
6%
Georgia4,540Dawson
6%
Kansas22,294Derby
6%
Connecticut12,903Derby
6%
Illinois58,364Des Plaines
6%
Alabama65,496Dothan
6%
Utah47,043Draper
6%
Tennessee3,005Dresden
6%
Ohio1,544Dresden
6%
Oklahoma23,431Duncan
6%
South Carolina3,181Duncan
6%
Rhode Island47,037East Providence
6%
Oklahoma81,405Edmond
6%
California99,478El Cajon
6%
California23,549El Cerrito
6%
Pennsylvania11,520Elizabethtown
6%
Kentucky28,531Elizabethtown
6%
North Carolina3,644Elizabethtown
6%
Ohio54,528Elyria
6%
California59,518Encinitas
6%
Oklahoma49,379Enid
6%
Texas7,221Fairview
6%
Oregon8,920Fairview
6%
Utah1,477Fairview
6%
Oklahoma2,579Fairview
6%
Tennessee7,720Fairview
6%
North Carolina3,346Fairview
6%
New Jersey13,712Fairview
6%
Florida12,077Florida City
6%
Wisconsin43,021Fond du Lac
6%
Massachusetts8,870Freetown
6%
Illinois3,481Fulton
6%
Mississippi3,961Fulton
6%
Texas1,358Fulton
6%
Missouri12,790Fulton
6%
New York11,896Fulton
6%
Kentucky2,445Fulton
6%
Indiana6,286Garrett
6%
South Carolina1,645Gaston
6%
North Carolina1,151Gaston
6%
North Carolina71,722Gastonia
6%
Alabama4,452Geneva
6%
New York13,261Geneva
6%
Nebraska2,217Geneva
6%
Illinois21,495Geneva
6%
Ohio6,207Geneva
6%
Alabama1,750Gordo
6%
Nebraska1,612Gordon
6%
Georgia2,017Gordon
6%
Colorado1,864Granby
6%
Missouri2,134Granby
6%
Massachusetts6,240Granby
6%
Colorado58,566Grand Junction
6%
New Mexico9,182Grants
6%
Montana58,505Great Falls
6%
South Carolina1,979Great Falls
6%
Iowa1,130Greene
6%
Ohio1,476Greenwich
6%
Texas1,907Gregory
6%
South Dakota1,295Gregory
6%
Michigan5,421Grosse Pointe
6%
New Hampshire11,260Hanover
6%
Massachusetts13,879Hanover
6%
Minnesota2,938Hanover
6%
Pennsylvania15,277Hanover
6%
Georgia2,666Harlem
6%
Texas64,912Harlingen
6%
Kansas1,473Harper
6%
Florida1,527Hawthorne
6%
New Jersey18,579Hawthorne
6%
California84,293Hawthorne
6%
Kansas20,539Hays
6%
California78,657Hemet
6%
North Carolina13,113Hendersonville
6%
Tennessee51,372Hendersonville
6%
Illinois2,464Henry
6%
Texas15,367Hereford
6%
New Mexico34,122Hobbs
6%
Iowa5,238Iowa Falls
6%
Minnesota2,256Janesville
6%
Wisconsin63,575Janesville
6%
Indiana44,953Jeffersonville
6%
Kentucky1,506Jeffersonville
6%
Ohio1,203Jeffersonville
6%
Georgia1,035Jeffersonville
6%
Pennsylvania21,002Johnstown
6%
Colorado9,887Johnstown
6%
Ohio4,644Johnstown
6%
New York8,743Johnstown
6%
Nebraska30,939Kearney
6%
Missouri8,381Kearney
6%
Ohio8,338Kenton
6%
Tennessee1,281Kenton
6%
Michigan48,707Kentwood
6%
Louisiana2,198Kentwood
6%
Florida73,597Kissimmee
6%
North Carolina3,270Kitty Hawk
6%
Alaska6,130Kodiak
6%
Washington42,586Lacey
6%
California62,979Laguna Niguel
6%
Wisconsin7,651Lake Geneva
6%
Florida2,439Lake Placid
6%
Georgia28,546Lawrenceville
6%
Virginia1,444Lawrenceville
6%
Illinois4,348Lawrenceville
6%
Texas83,563League City
6%
Alabama11,773Leeds
6%
Massachusetts10,970Leicester
6%
Pennsylvania8,343Lewistown
6%
Illinois2,384Lewistown
6%
Montana5,901Lewistown
6%
Kansas20,529Liberal
6%
Pennsylvania2,551Liberty
6%
South Carolina3,269Liberty
6%
Missouri29,149Liberty
6%
Texas8,408Liberty
6%
North Carolina2,656Liberty
6%
Kentucky2,168Liberty
6%
Alabama2,123Linden
6%
Michigan3,991Linden
6%
New Jersey40,499Linden
6%
Texas1,987Linden
6%
California13,058Livingston
6%
Louisiana1,769Livingston
6%
Alabama3,485Livingston
6%
Texas5,276Livingston
6%
Montana7,044Livingston
6%
Tennessee4,058Livingston
6%
New Mexico17,950Los Alamos
6%
Texas5,243Lucas
6%
Missouri4,275Malden
6%
Massachusetts59,450Malden
6%
Virginia37,819Manassas
6%
Virginia5,981Marion
6%
North Carolina8,147Marion
6%
Ohio36,828Marion
6%
Massachusetts4,907Marion
6%
Alabama3,686Marion
6%
Kentucky3,039Marion
6%
Indiana29,948Marion
6%
Arkansas12,345Marion
6%
South Carolina6,939Marion
6%
Wisconsin1,260Marion
6%
Texas1,066Marion
6%
Kansas1,926Marion
6%
Mississippi1,479Marion
6%
Iowa34,768Marion
6%
Illinois17,193Marion
6%
Missouri2,179Marlborough
6%
New Hampshire2,603Marlborough
6%
Massachusetts38,499Marlborough
6%
California35,824Martinez
6%
Pennsylvania1,935Martinsburg
6%
West Virginia17,227Martinsburg
6%
Virginia13,814Martinsville
6%
Illinois1,167Martinsville
6%
Indiana11,828Martinsville
6%
New Hampshire1,382Mason
6%
Texas2,115Mason
6%
Ohio30,850Mason
6%
Tennessee1,609Mason
6%
Michigan8,252Mason
6%
South Carolina22,889Mauldin
6%
Ohio3,259McDonald
6%
Pennsylvania2,147McDonald
6%
California78,958Merced
6%
South Dakota1,489Miller
6%
Minnesota49,734Minnetonka
6%
Texas66,531Missouri City
6%
Illinois43,483Moline
6%
California36,590Monrovia
6%
Kentucky17,741Murray
6%
Utah49,038Murray
6%
Oklahoma39,223Muskogee
6%
Massachusetts10,172Nantucket
6%
Pennsylvania5,746Nazareth
6%
Nebraska7,293Nebraska City
6%
Mississippi8,034New Albany
6%
Ohio7,867New Albany
6%
Indiana36,372New Albany
6%
Wisconsin39,584New Berlin
6%
Illinois1,346New Berlin
6%
Pennsylvania2,531New Hope
6%
Tennessee1,082New Hope
6%
Minnesota20,339New Hope
6%
Alabama2,810New Hope
6%
California10,224Newman
6%
New Jersey16,264New Milford
6%
California85,186Newport Beach
6%
Alaska2,117North Pole
6%
Alabama23,330Northport
6%
Florida68,628North Port
6%
Michigan5,970Northville
6%
Kansas1,788Oberlin
6%
Louisiana1,770Oberlin
6%
Ohio8,290Oberlin
6%
Missouri79,329O'Fallon
6%
Illinois28,281O'Fallon
6%
South Carolina13,964Orangeburg
6%
Massachusetts5,890Orleans
6%
Arizona41,011Oro Valley
6%
Illinois18,768Ottawa
6%
Kansas12,652Ottawa
6%
Ohio4,464Ottawa
6%
Colorado2,692Palisade
6%
West Virginia31,492Parkersburg
6%
Iowa1,870Parkersburg
6%
New Jersey69,781Passaic
6%
Ohio1,635Perry
6%
Oklahoma5,126Perry
6%
Utah4,717Perry
6%
Georgia13,839Perry
6%
Florida6,928Perry
6%
Iowa7,702Perry
6%
Michigan2,188Perry
6%
Indiana2,383Petersburg
6%
Illinois2,260Petersburg
6%
Texas1,202Petersburg
6%
Virginia32,435Petersburg
6%
West Virginia2,467Petersburg
6%
Michigan1,146Petersburg
6%
Texas70,467Pharr
6%
Wisconsin1,478Phillips
6%
Nebraska1,767Pierce
6%
California50,533Placentia
6%
New Hampshire2,364Plainfield
6%
Illinois39,581Plainfield
6%
New Jersey49,808Plainfield
6%
Michigan30,184Port Huron
6%
Oklahoma2,386Prague
6%
Arkansas3,296Prescott
6%
Arizona39,843Prescott
6%
Wisconsin4,258Prescott
6%
Minnesota1,325Preston
6%
Iowa1,012Preston
6%
Idaho5,204Preston
6%
Washington37,241Puyallup
6%
Arizona26,361Queen Creek
6%
California68,747Redlands
6%
California76,815Redwood City
6%
Massachusetts51,755Revere
6%
California99,171Rialto
6%
North Carolina1,115Robbins
6%
Illinois5,337Robbins
6%
Iowa3,142Robins
6%
South Carolina66,154Rock Hill
6%
Missouri4,635Rock Hill
6%
Texas1,223Rogers
6%
Arkansas55,964Rogers
6%
Minnesota8,597Rogers
6%
Michigan57,236Royal Oak
6%
Missouri1,618Salisbury
6%
Maryland30,343Salisbury
6%
Massachusetts8,283Salisbury
6%
North Carolina33,533Salisbury
6%
New Hampshire1,382Salisbury
6%
California41,114San Bruno
6%
Georgia93,853Sandy Springs
6%
California84,950San Leandro
6%
California83,781San Marcos
6%
Texas45,143San Marcos
6%
California72,148San Ramon
6%
New York26,586Saratoga Springs
6%
Utah25,671Saratoga Springs
6%
Ohio2,305Seville
6%
Oregon18,194Sherwood
6%
Arkansas29,523Sherwood
6%
Arizona43,888Sierra Vista
6%
Alaska8,881Sitka
6%
Texas11,201Snyder
6%
Oklahoma1,394Snyder
6%
Michigan71,739Southfield
6%
Utah65,523South Jordan
6%
California63,632South San Francisco
6%
South Carolina37,013Spartanburg
6%
Nebraska1,577Stanton
6%
Michigan1,417Stanton
6%
Texas2,503Stanton
6%
Kentucky2,733Stanton
6%
California38,186Stanton
6%
Mississippi23,888Starkville
6%
Michigan59,715St. Clair Shores
6%
Ohio18,659Steubenville
6%
Ohio44,750Strongsville
6%
South Carolina40,524Sumter
6%
New Mexico5,716Taos
6%
Alabama6,397Tarrant
6%
Massachusetts55,874Taunton
6%
North Carolina2,086Taylorsville
6%
Utah60,377Taylorsville
6%
Mississippi1,353Taylorsville
6%
Colorado2,325Telluride
6%
Oklahoma8,929The Village
6%
Oklahoma1,181Thomas
6%
Oregon48,035Tigard
6%
Florida46,497Titusville
6%
Pennsylvania5,601Titusville
6%
Minnesota1,115Truman
6%
Alaska4,376Unalaska
6%
Ohio1,666Union City
6%
California69,516Union City
6%
Michigan1,599Union City
6%
Pennsylvania3,320Union City
6%
Indiana3,584Union City
6%
Georgia19,456Union City
6%
Tennessee10,895Union City
6%
Oklahoma1,645Union City
6%
New Jersey66,455Union City
6%
Iowa39,463Urbandale
6%
California92,428Vacaville
6%
Colorado5,305Vail
6%
Alaska3,976Valdez
6%
South Dakota10,571Vermillion
6%
Texas11,002Vernon
6%
Alabama2,000Vernon
6%
Pennsylvania2,496Verona
6%
Mississippi3,006Verona
6%
Wisconsin10,619Verona
6%
Louisiana4,299Vidalia
6%
Georgia10,473Vidalia
6%
Tennessee1,898Walden
6%
North Carolina3,884Wallace
6%
Massachusetts60,632Waltham
6%
Pennsylvania1,519Waterford
6%
California8,456Waterford
6%
Nevada1,292Wells
6%
Minnesota2,343Wells
6%
California106,098West Covina
6%
Indiana30,068Westfield
6%
Massachusetts41,094Westfield
6%
New Jersey30,316Westfield
6%
Pennsylvania1,073Westfield
6%
New Jersey49,708West New York
6%
Massachusetts53,743Weymouth
6%
Illinois37,648Wheeling
6%
West Virginia28,486Wheeling
6%
California85,331Whittier
6%
Maryland2,137Williamsport
6%
Pennsylvania29,378Williamsport
6%
Ohio1,036Williamsport
6%
Rhode Island41,186Woonsocket
6%
Minnesota12,764Worthington
6%
Massachusetts1,156Worthington
6%
Ohio13,570Worthington
6%
Kentucky1,609Worthington
6%
California64,925Yuba City
6%
Ohio25,473Zanesville
6%
Illinois36,942Addison
4%
Texas13,062Addison
4%
South Carolina29,524Aiken
4%
Colorado8,780Alamosa
4%
California47,823Aliso Viejo
4%
Michigan28,210Allen Park
4%
Iowa1,029Allison
4%
Arkansas5,419Alma
4%
Michigan9,383Alma
4%
Georgia3,466Alma
4%
Nebraska1,156Alma
4%
Iowa1,883Alta
4%
Illinois2,319Altamont
4%
Tennessee1,045Altamont
4%
Kansas1,085Altamont
4%
Illinois27,865Alton
4%
Texas13,917Alton
4%
New Hampshire5,250Alton
4%
Iowa1,216Alton
4%
Texas2,430Anson
4%
Ohio1,176Ansonia
4%
Connecticut18,531Ansonia
4%
Ohio1,736Antwerp
4%
Arizona35,840Apache Junction
4%
Florida53,489Apopka
4%
Virginia1,716Appomattox
4%
California56,364Arcadia
4%
Louisiana2,919Arcadia
4%
Wisconsin2,925Arcadia
4%
Florida8,201Arcadia
4%
Alabama2,212Ashville
4%
Ohio4,033Ashville
4%
Iowa1,670Atkins
4%
Arkansas3,016Atkins
4%
New Hampshire6,751Atkinson
4%
Nebraska1,245Atkinson
4%
Massachusetts43,593Attleboro
4%
Michigan21,412Auburn Hills
4%
Arizona76,238Avondale
4%
Pennsylvania1,265Avondale
4%
New Mexico6,763Aztec
4%
Massachusetts5,398Barre
4%
Vermont9,052Barre
4%
Illinois1,318Barry
4%
California22,639Barstow
4%
Texas71,635Baytown
4%
Montana7,389Belgrade
4%
Kansas1,990Belleville
4%
Illinois44,478Belleville
4%
Michigan3,991Belleville
4%
California25,835Belmont
4%
New Hampshire7,356Belmont
4%
Mississippi2,021Belmont
4%
Massachusetts24,729Belmont
4%
North Carolina10,223Belmont
4%
Wisconsin36,966Beloit
4%
Kansas3,840Beloit
4%
Texas18,225Belton
4%
Missouri23,116Belton
4%
South Carolina4,134Belton
4%
Nebraska1,460Bennington
4%
New Hampshire1,476Bennington
4%
Alabama1,148Berry
4%
Ohio2,706Bethel
4%
North Carolina1,577Bethel
4%
Alaska6,080Bethel
4%
South Carolina2,406Blackville
4%
Oklahoma7,670Blanchard
4%
Louisiana2,899Blanchard
4%
Ohio4,202Bluffton
4%
South Carolina12,530Bluffton
4%
Indiana9,897Bluffton
4%
California20,817Blythe
4%
New Jersey8,187Bogota
4%
Texas5,219Bowie
4%
Maryland54,727Bowie
4%
North Dakota1,650Bowman
4%
Illinois15,895Bradley
4%
South Dakota8,785Brandon
4%
Mississippi21,705Brandon
4%
Oklahoma4,120Broken Bow
4%
Nebraska3,562Broken Bow
4%
Florida1,133Bronson
4%
Michigan2,349Bronson
4%
Missouri4,542Brookfield
4%
Wisconsin37,920Brookfield
4%
Massachusetts3,390Brookfield
4%
Illinois18,978Brookfield
4%
Oregon6,336Brookings
4%
South Dakota22,056Brookings
4%
Minnesota75,781Brooklyn Park
4%
Montana1,016Browning
4%
Virginia1,175Buchanan
4%
Michigan4,456Buchanan
4%
Georgia1,104Buchanan
4%
California4,828Buellton
4%
New Jersey4,603Buena
4%
Arizona39,540Bullhead City
4%
Texas36,898Burleson
4%
Kentucky2,558Cadiz
4%
Ohio3,353Cadiz
4%
New Jersey7,822Caldwell
4%
Kansas1,068Caldwell
4%
Idaho46,237Caldwell
4%
Texas4,104Caldwell
4%
Ohio1,750Caldwell
4%
Georgia15,650Calhoun
4%
California14,120California City
4%
California65,201Camarillo
4%
Florida10,449Cape Canaveral
4%
Northern Mariana Islands1,496Capitol Hill / Saipan
4%
Pennsylvania18,691Carlisle
4%
Ohio4,940Carlisle
4%
Massachusetts4,852Carlisle
4%
Kentucky2,010Carlisle
4%
Arkansas2,214Carlisle
4%
Iowa3,876Carlisle
4%
Texas6,779Carthage
4%
Mississippi5,075Carthage
4%
Tennessee2,306Carthage
4%
Missouri14,378Carthage
4%
Illinois2,605Carthage
4%
North Carolina2,284Carthage
4%
Arizona48,571Casa Grande
4%
Texas55,117Cedar Park
4%
Texas6,321Celina
4%
Ohio10,407Celina
4%
Tennessee1,495Celina
4%
Colorado2,230Center
4%
Texas5,339Center
4%
Minnesota3,792Centerville
4%
Ohio23,997Centerville
4%
Iowa5,528Centerville
4%
Georgia7,148Centerville
4%
Utah17,013Centerville
4%
Pennsylvania3,265Centerville
4%
Tennessee3,644Centerville
4%
South Carolina5,159Central
4%
Louisiana26,864Central
4%
Illinois1,172Central City
4%
Nebraska2,934Central City
4%
Pennsylvania1,121Central City
4%
Iowa1,257Central City
4%
Kentucky5,978Central City
4%
Illinois13,032Centralia
4%
Missouri4,027Centralia
4%
Washington16,629Centralia
4%
Illinois5,309Centreville
4%
Maryland4,285Centreville
4%
Michigan1,425Centreville
4%
Mississippi1,684Centreville
4%
Alabama2,778Centreville
4%
California49,041Cerritos
4%
Nebraska5,848Chadron
4%
South Dakota2,387Chamberlain
4%
Minnesota23,770Chaska
4%
Virginia1,269Chatham
4%
Massachusetts6,125Chatham
4%
Illinois11,500Chatham
4%
Michigan4,867Cheboygan
4%
Washington7,262Chehalis
4%
Iowa5,253Cherokee
4%
Alabama1,048Cherokee
4%
Oklahoma1,498Cherokee
4%
Massachusetts3,235Cheshire
4%
Maryland5,252Chestertown
4%
Maryland2,824Chevy Chase
4%
Illinois30,276Chicago Heights
4%
New Hampshire2,523Chichester
4%
Oklahoma11,146Choctaw
4%
Michigan3,118Clare
4%
New Hampshire13,355Claremont
4%
California34,926Claremont
4%
North Carolina1,357Claremont
4%
Ohio46,268Cleveland Heights
4%
California40,704Coachella
4%
Wyoming9,520Cody
4%
Illinois1,401Colchester
4%
Michigan10,945Coldwater
4%
Mississippi1,677Coldwater
4%
Ohio4,429Coldwater
4%
Georgia13,942College Park
4%
Maryland30,413College Park
4%
Tennessee43,965Collierville
4%
Minnesota1,519Cologne
4%
Texas4,333Comanche
4%
Oklahoma1,663Comanche
4%
Colorado45,913Commerce City
4%
Kansas5,398Concordia
4%
Missouri2,450Concordia
4%
Arizona11,825Coolidge
4%
Mississippi14,573Corinth
4%
Texas19,743Corinth
4%
California47,796Covina
4%
Colorado1,487Crested Butte
4%
Minnesota22,151Crystal
4%
Wisconsin2,170Cumberland
4%
Kentucky2,237Cumberland
4%
Maryland20,859Cumberland
4%
Rhode Island33,506Cumberland
4%
Georgia5,430Cumming
4%
California58,302Cupertino
4%
Nebraska1,919Dakota City
4%
California33,351Dana Point
4%
Illinois22,086Darien
4%
Georgia1,975Darien
4%
South Carolina6,289Darlington
4%
Wisconsin2,451Darlington
4%
Massachusetts34,032Dartmouth
4%
Florida80,863Deerfield Beach
4%
California4,161Del Mar
4%
Delaware1,796Delmar
4%
Maryland3,003Delmar
4%
Ohio3,090Delta
4%
Colorado8,915Delta
4%
Utah3,478Delta
4%
Florida91,951Deltona
4%
Massachusetts14,207Dennis
4%
Iowa1,050De Soto
4%
Illinois1,590De Soto
4%
Kansas5,714De Soto
4%
Missouri6,400De Soto
4%
Texas49,043DeSoto
4%
Texas19,126Dickinson
4%
North Dakota17,787Dickinson
4%
Oklahoma1,207Dickson
4%
Tennessee14,538Dickson
4%
Illinois15,733Dixon
4%
California18,351Dixon
4%
Missouri1,549Dixon
4%
Alabama2,025Dora
4%
Florida61,824Doral
4%
Kansas1,699Douglass
4%
Georgia30,961Douglasville
4%
Texas38,533Duncanville
4%
Florida36,580Dunedin
4%
Georgia46,267Dunwoody
4%
Colorado16,887Durango
4%
Minnesota64,206Eagan
4%
New Jersey64,270East Orange
4%
Ohio4,718East Palestine
4%
California60,540Eastvale
4%
Minnesota47,941Edina
4%
Missouri1,176Edina
4%
Washington39,747Edmonds
4%
Kentucky1,595Edmonton
4%
Mississippi1,034Edwards
4%
Washington18,391Ellensburg
4%
California113,475El Monte
4%
Maryland2,814Emmitsburg
4%
Tennessee1,532Englewood
4%
New Jersey26,764Englewood
4%
Colorado30,255Englewood
4%
Ohio13,439Englewood
4%
Oklahoma1,052Erick
4%
Michigan12,616Escanaba
4%
Michigan1,903Evart
4%
Massachusetts88,857Fall River
4%
Virginia12,279Falls Church
4%
Michigan79,740Farmington Hills
4%
Virginia8,218Farmville
4%
North Carolina4,652Farmville
4%
Missouri21,203Ferguson
4%
Pennsylvania1,636Ferndale
4%
California1,371Ferndale
4%
Michigan19,900Ferndale
4%
Washington11,411Ferndale
4%
Utah2,484Fillmore
4%
California15,002Fillmore
4%
Illinois1,881Fisher
4%
Washington3,548Forks
4%
Iowa25,206Fort Dodge
4%
New Jersey35,345Fort Lee
4%
Massachusetts16,865Foxborough
4%
Massachusetts68,318Framingham
4%
Utah1,171Francis
4%
New Mexico21,678Gallup
4%
California58,829Gardena
4%
Ohio5,533Germantown
4%
Tennessee38,844Germantown
4%
Illinois1,269Germantown
4%
Illinois44,692Glenview
4%
Iowa5,269Glenwood
4%
Minnesota2,564Glenwood
4%
Illinois8,969Glenwood
4%
Arkansas2,228Glenwood
4%
North Carolina35,454Goldsboro
4%
Missouri1,248Goodman
4%
Mississippi1,386Goodman
4%
Arizona65,275Goodyear
4%
South Carolina35,938Goose Creek
4%
Texas46,336Grapevine
4%
Florida41,084Greenacres
4%
Indiana4,520Greendale
4%
Massachusetts17,456Greenfield
4%
Minnesota2,777Greenfield
4%
Iowa1,982Greenfield
4%
Indiana20,602Greenfield
4%
Missouri1,371Greenfield
4%
California16,330Greenfield
4%
Wisconsin36,720Greenfield
4%
Tennessee2,182Greenfield
4%
New Hampshire1,749Greenfield
4%
Illinois1,071Greenfield
4%
Ohio4,643Greenfield
4%
South Carolina25,515Greer
4%
Mississippi13,092Grenada
4%
Connecticut10,010Groton
4%
Massachusetts10,646Groton
4%
South Dakota1,458Groton
4%
Ohio35,609Grove City
4%
Pennsylvania8,329Grove City
4%
Wyoming1,147Guernsey
4%
Colorado5,854Gunnison
4%
Utah3,323Gunnison
4%
Oklahoma11,442Guymon
4%
Guam1,051Hagåtña
4%
Illinois5,563Hampshire
4%
Maryland6,323Hampstead
4%
New Hampshire8,523Hampstead
4%
Missouri17,916Hannibal
4%
Montana3,505Hardin
4%
Missouri10,019Harrisonville
4%
Illinois1,367Harristown
4%
New Hampshire4,697Haverhill
4%
Florida2,123Haverhill
4%
Massachusetts60,879Haverhill
4%
Montana9,310Havre
4%
Maryland12,952Havre de Grace
4%
California90,173Hesperia
4%
Minnesota16,361Hibbing
4%
North Carolina40,015Hickory
4%
Texas12,522Hidalgo
4%
Indiana29,059Hobart
4%
Oklahoma3,756Hobart
4%
New Hampshire7,684Hollis
4%
Oklahoma2,060Hollis
4%
Missouri4,426Hollister
4%
California34,928Hollister
4%
Georgia9,189Holly Springs
4%
Mississippi7,699Holly Springs
4%
North Carolina24,710Holly Springs
4%
Georgia1,141Homer
4%
Michigan1,668Homer
4%
Louisiana3,237Homer
4%
Alaska5,003Homer
4%
Illinois1,193Homer
4%
New Jersey1,922Hopewell
4%
Virginia22,591Hopewell
4%
Minnesota17,591Hopkins
4%
Arkansas35,193Hot Springs
4%
South Dakota3,711Hot Springs
4%
Texas2,600Howe
4%
Michigan9,489Howell
4%
Ohio38,102Huber Heights
4%
California58,114Huntington Park
4%
Texas5,331Hutchins
4%
Kansas42,179Hutchinson
4%
Minnesota14,178Hutchinson
4%
Colorado1,717Idaho Springs
4%
Illinois2,338Ina
4%
Massachusetts13,175Ipswich
4%
Florida23,669Jacksonville Beach
4%
New Mexico2,047Jal
4%
Texas7,602Jasper
4%
Alabama13,857Jasper
4%
Tennessee3,279Jasper
4%
Georgia3,684Jasper
4%
Florida4,098Jasper
4%
Indiana15,038Jasper
4%
Missouri14,712Jennings
4%
Louisiana10,383Jennings
4%
Georgia76,728Johns Creek
4%
Michigan2,258Jonesville
4%
North Carolina2,285Jonesville
4%
Louisiana2,265Jonesville
4%
Virginia1,019Jonesville
4%
Louisiana66,702Kenner
4%
Alabama1,108Killen
4%
California22,723Laguna Beach
4%
California60,239La Habra
4%
Arkansas2,082Lake City
4%
Georgia2,612Lake City
4%
Pennsylvania3,031Lake City
4%
South Carolina6,675Lake City
4%
Florida12,116Lake City
4%
Iowa1,727Lake City
4%
Minnesota5,063Lake City
4%
Oregon36,619Lake Oswego
4%
Texas1,499Lakeside
4%
Oregon1,699Lakeside
4%
Delaware4,394Laurel
4%
Mississippi18,540Laurel
4%
Montana6,718Laurel
4%
Maryland25,115Laurel
4%
California31,063La Verne
4%
Oklahoma1,344Laverne
4%
South Dakota3,124Lead
4%
Utah58,351Lehi
4%
North Carolina13,734Leland
4%
Mississippi4,481Leland
4%
Kansas48,212Lenexa
4%
Massachusetts40,759Leominster
4%
Texas1,983Leonard
4%
Puerto Rico26,960Levittown
4%
Colorado1,880Limon
4%
California80,968Livermore
4%
Kentucky1,365Livermore
4%
Wisconsin3,050Lodi
4%
California62,134Lodi
4%
New Jersey23,943Lodi
4%
Ohio2,753Lodi
4%
Illinois43,395Lombard
4%
California42,434Lompoc
4%
Texas80,423Longview
4%
North Carolina4,888Long View
4%
Washington36,831Longview
4%
California28,976Los Altos
4%
Tennessee5,381Loudon
4%
New Hampshire5,317Loudon
4%
Washington35,873Lynnwood
4%
California69,772Lynwood
4%
Illinois9,007Lynwood
4%
California12,645Malibu
4%
Florida2,170Malone
4%
Washington22,703Maple Valley
4%
Minnesota38,018Maplewood
4%
Missouri8,046Maplewood
4%
Iowa6,141Maquoketa
4%
Iowa1,117Marcus
4%
Arkansas4,115Marianna
4%
Florida7,091Marianna
4%
Mississippi1,735Marks
4%
Missouri11,972Maryville
4%
Illinois7,487Maryville
4%
Tennessee27,465Maryville
4%
North Carolina27,189Matthews
4%
California77,519Menifee
4%
Michigan8,599Menominee
4%
Ohio47,161Mentor
4%
Pennsylvania1,994Mercer
4%
Massachusetts47,255Methuen
4%
Kentucky10,334Middlesboro
4%
Oklahoma54,371Midwest City
4%
Utah60,297Millcreek
4%
Washington18,194Mill Creek
4%
Wyoming3,461Mills
4%
South Dakota15,254Mitchell
4%
Nebraska1,702Mitchell
4%
Indiana4,350Mitchell
4%
Utah5,232Moab
4%
Oregon9,534Monmouth
4%
Illinois9,444Monmouth
4%
Michigan1,657Montrose
4%
Colorado19,132Montrose
4%
Minnesota2,847Montrose
4%
Pennsylvania1,624Montrose
4%
North Carolina34,331Mooresville
4%
Minnesota38,065Moorhead
4%
Mississippi2,405Moorhead
4%
Minnesota3,571Mora
4%
Puerto Rico1,583Mora
4%
North Carolina16,862Morganton
4%
New Jersey18,392Morristown
4%
Tennessee29,137Morristown
4%
Michigan38,401Muskegon
4%
Georgia1,314Nelson
4%
Iowa6,798Nevada
4%
Missouri8,386Nevada
4%
Michigan12,084New Baltimore
4%
Michigan1,519Newberry
4%
Florida6,115Newberry
4%
South Carolina10,277Newberry
4%
Ohio2,272New Boston
4%
Texas4,799New Boston
4%
New Hampshire5,321New Boston
4%
Texas57,677New Braunfels
4%
Connecticut71,254New Britain
4%
Pennsylvania2,978New Britain
4%
Massachusetts6,666Newbury
4%
New Hampshire2,072Newbury
4%
Missouri3,116New Madrid
4%
Georgia2,798Nicholls
4%
Texas2,385Nixon
4%
Oklahoma6,481Noble
4%
Indiana51,969Noblesville
4%
Missouri1,832Noel
4%
Colorado35,789Northglenn
4%
Arkansas62,304North Little Rock
4%
Florida45,887North Miami Beach
4%
Texas63,338North Richland Hills
4%
Illinois51,878Oak Park
4%
Michigan29,319Oak Park
4%
Ohio9,204Oakwood
4%
Ohio3,661Oakwood
4%
Georgia3,970Oakwood
4%
Illinois1,595Oakwood
4%
New Jersey11,701Ocean City
4%
Maryland7,102Ocean City
4%
Oregon31,859Oregon City
4%
Minnesota7,437Orono
4%
Iowa3,619Osage
4%
Iowa25,023Ottumwa
4%
American Samoa3,656Pago Pago
4%
Florida114,194Palm Bay
4%
Florida87,607Palm Coast
4%
Texas1,994Palmer
4%
Alaska5,937Palmer
4%
Puerto Rico1,032Palmer
4%
Massachusetts12,140Palmer
4%
Utah8,167Park City
4%
Illinois7,570Park City
4%
Kansas7,286Park City
4%
Oklahoma2,196Pawnee
4%
Illinois2,739Pawnee
4%
Texas93,128Pearland
4%
New Jersey50,814Perth Amboy
4%
Indiana11,417Peru
4%
Illinois10,295Peru
4%
Mississippi10,454Petal
4%
California57,941Petaluma
4%
New Hampshire6,284Peterborough
4%
Texas48,366Pflugerville
4%
Montana1,048Plains
4%
Texas1,481Plains
4%
Kansas1,146Plains
4%
Georgia19,140Pooler
4%
California54,165Porterville
4%
Washington9,113Port Townsend
4%
Texas5,376Post
4%
Idaho27,574Post Falls
4%
Missouri2,660Potosi
4%
Washington9,239Poulsbo
4%
California47,811Poway
4%
Massachusetts2,942Provincetown
4%
Washington29,822Pullman
4%
Pennsylvania8,985Quakertown
4%
California64,776Rancho Cordova
4%
California66,747Redondo Beach
4%
Massachusetts11,608Rehoboth
4%
Delaware1,520Rehoboth Beach
4%
Utah7,589Richfield
4%
Minnesota35,228Richfield
4%
Ohio3,653Richfield
4%
New Jersey2,779Riverton
4%
Wyoming10,615Riverton
4%
Illinois3,455Riverton
4%
Utah41,997Riverton
4%
Missouri2,856Riverview
4%
Michigan12,486Riverview
4%
Texas10,503Robinson
4%
Illinois7,713Robinson
4%
Michigan70,995Rochester Hills
4%
North Carolina9,536Rockingham
4%
California56,974Rocklin
4%
Illinois7,685Rockton
4%
Texas37,566Rockwall
4%
Tennessee5,562Rockwood
4%
Michigan3,289Rockwood
4%
Virginia4,777Rocky Mount
4%
North Carolina57,700Rocky Mount
4%
California40,971Rohnert Park
4%
Texas10,865Roma
4%
Michigan3,596Romeo
4%
Illinois39,680Romeoville
4%
California53,764Rosemead
4%
California2,415Ross
4%
Massachusetts1,775Russell
4%
Kansas4,506Russell
4%
Kentucky3,380Russell
4%
Massachusetts7,973Rutland
4%
Vermont16,495Rutland
4%
Michigan8,810Saline
4%
Washington57,445Sammamish
4%
California63,522San Clemente
4%
Idaho7,365Sandpoint
4%
Massachusetts20,675Sandwich
4%
Illinois7,421Sandwich
4%
New Hampshire1,326Sandwich
4%
California39,718San Gabriel
4%
California44,199San Jacinto
4%
California34,593San Juan Capistrano
4%
Puerto Rico9,622San Sebastián
4%
California53,413Santee
4%
Minnesota26,911Savage
4%
Pennsylvania5,672Sayre
4%
Oklahoma4,375Sayre
4%
Oregon6,457Seaside
4%
California33,025Seaside
4%
Arizona10,031Sedona
4%
Alabama20,756Selma
4%
North Carolina6,118Selma
4%
California23,219Selma
4%
Texas5,539Selma
4%
South Carolina8,102Seneca
4%
Kansas2,004Seneca
4%
Missouri2,336Seneca
4%
Illinois2,371Seneca
4%
Alaska2,693Seward
4%
Nebraska6,964Seward
4%
Connecticut39,559Shelton
4%
Washington9,840Shelton
4%
Nebraska1,059Shelton
4%
Massachusetts35,608Shrewsbury
4%
New Jersey3,809Shrewsbury
4%
Pennsylvania3,825Shrewsbury
4%
Missouri6,254Shrewsbury
4%
Oregon9,222Silverton
4%
Ohio4,775Silverton
4%
California124,237Simi Valley
4%
Louisiana27,068Slidell
4%
Virginia8,093Smithfield
4%
North Carolina11,040Smithfield
4%
Rhode Island21,430Smithfield
4%
Utah10,832Smithfield
4%
Pennsylvania6,278Somerset
4%
Massachusetts18,165Somerset
4%
Ohio1,482Somerset
4%
Kentucky11,196Somerset
4%
Maryland1,216Somerset
4%
Texas1,631Somerset
4%
West Virginia1,344Sophia
4%
Mississippi48,982Southaven
4%
Vermont17,904South Burlington
4%
Tennessee2,354South Fulton
4%
Georgia3,115South Fulton
4%
Michigan11,327South Lyon
4%
Florida12,219South Miami
4%
North Carolina2,903Southport
4%
Indiana1,712Southport
4%
West Virginia11,044St. Albans
4%
Vermont6,918St. Albans
4%
Michigan2,452St. Ignace
4%
Kentucky2,765St. Mary
4%
Minnesota16,399St. Michael
4%
South Dakota6,627Sturgis
4%
Michigan10,994Sturgis
4%
Kentucky1,898Sturgis
4%
Illinois4,440Sullivan
4%
Missouri7,081Sullivan
4%
Indiana4,249Sullivan
4%
South Carolina43,392Summerville
4%
Georgia4,534Summerville
4%
Washington15,922Sunnyside
4%
New Jersey2,130Sussex
4%
Massachusetts15,865Swansea
4%
Illinois13,430Swansea
4%
Texas3,061Taft
4%
California9,327Taft
4%
Alabama15,676Talladega
4%
Indiana60,785Terre Haute
4%
Mississippi1,063Terry
4%
Texas45,089Texas City
4%
Connecticut36,383Torrington
4%
Wyoming6,501Torrington
4%
Montana1,878Townsend
4%
Massachusetts8,926Townsend
4%
Delaware2,569Townsend
4%
Minnesota2,163Tracy
4%
California82,922Tracy
4%
Iowa1,313Tripoli
4%
California16,180Truckee
4%
Mississippi34,546Tupelo
4%
California68,549Turlock
4%
California73,732Upland
4%
Pennsylvania3,301Upland
4%
Arkansas22,791Van Buren
4%
Ohio10,852Van Wert
4%
California106,433Ventura
4%
Texas2,926Venus
4%
Michigan2,906Vicksburg
4%
Mississippi23,856Vicksburg
4%
California93,834Vista
4%
North Carolina30,099Wake Forest
4%
Florida1,023Waldo
4%
Arkansas1,372Waldo
4%
Michigan6,999Walled Lake
4%
Mississippi1,162Walls
4%
Illinois1,416Walnut
4%
California29,172Walnut
4%
Arkansas4,067Ward
4%
Georgia1,937Warrenton
4%
Virginia9,597Warrenton
4%
Missouri7,880Warrenton
4%
Oregon4,989Warrenton
4%
Wisconsin46,396Wauwatosa
4%
Washington32,765Wenatchee
4%
Wisconsin31,078West Bend
4%
Iowa56,609West Des Moines
4%
North Dakota25,830West Fargo
4%
California34,399West Hollywood
4%
Ohio2,327West Lafayette
4%
Indiana29,596West Lafayette
4%
Massachusetts15,532Westport
4%
Washington2,077Westport
4%
Illinois52,894Wheaton
4%
Minnesota1,424Wheaton
4%
Utah5,270White City
4%
Wisconsin14,390Whitewater
4%
Texas2,085Whitney
4%
Iowa2,802Wilton
4%
New Hampshire3,677Wilton
4%
Nevada7,396Winnemucca
4%
Florida43,020Winter Haven
4%
Florida31,059Winter Park
4%
Michigan13,498Wixom
4%
New Jersey11,819Woodland Park
4%
Colorado7,200Woodland Park
4%
Ohio3,300Woodlawn
4%
Oklahoma12,051Woodward
4%
Iowa1,024Woodward
4%
Ohio25,658Xenia
4%
Pennsylvania1,730Youngsville
4%
North Carolina1,151Youngsville
4%
Louisiana8,105Youngsville
4%
California7,765Yreka
4%
Oklahoma22,709Yukon
4%
Illinois24,413Zion
4%
Massachusetts15,985Abington
2%
Iowa1,589Ackley
2%
Massachusetts21,924Acton
2%
Georgia4,648Adairsville
2%
Pennsylvania1,776Adamstown
2%
Wyoming1,911Afton
2%
Minnesota2,886Afton
2%
Oklahoma1,049Afton
2%
Puerto Rico13,310Aguadilla
2%
Alaska1,027Akutan
2%
North Carolina15,890Albemarle
2%
Alabama21,160Albertville
2%
Minnesota7,044Albertville
2%
Nebraska1,658Albion
2%
Illinois1,988Albion
2%
Michigan8,616Albion
2%
Pennsylvania1,511Albion
2%
Alabama14,875Alexander City
2%
Iowa5,560Algona
2%
Washington3,014Algona
2%
California83,089Alhambra
2%
Florida44,241Altamonte Springs
2%
Texas24,241Alvin
2%
Pennsylvania6,398Ambler
2%
Illinois2,500Amboy
2%
Washington15,767Anacortes
2%
Indiana8,612Angola
2%
Alabama23,106Anniston
2%
Minnesota17,142Anoka
2%
Kansas2,265Anthony
2%
Texas5,011Anthony
2%
New Mexico9,360Anthony
2%
Virginia1,753Appalachia
2%
Nebraska1,026Arapahoe
2%
Alabama4,071Argo
2%
Arkansas10,714Arkadelphia
2%
Kansas12,415Arkansas City
2%
Pennsylvania5,155Arnold
2%
Missouri20,808Arnold
2%
Alabama2,148Ashford
2%
Ohio1,330Ashley
2%
Pennsylvania2,790Ashley
2%
Oregon9,477Astoria
2%
Illinois1,141Astoria
2%
Kansas11,021Atchison
2%
North Carolina1,495Atlantic Beach
2%
Florida13,831Atlantic Beach
2%
Iowa1,036Aurelia
2%
Florida37,988Aventura
2%
Iowa1,506Avoca
2%
Pennsylvania2,651Avoca
2%
California46,361Azusa
2%
Texas2,698Bartlett
2%
Tennessee54,613Bartlett
2%
Illinois41,208Bartlett
2%
New Hampshire2,788Bartlett
2%
Texas1,566Bartonville
2%
Illinois6,471Bartonville
2%
Colorado3,857Basalt
2%
Pennsylvania2,693Bath
2%
New Hampshire1,077Bath
2%
Maine8,324Bath
2%
Washington17,778Battle Ground
2%
Tennessee1,365Baxter
2%
Iowa1,101Baxter
2%
Minnesota7,610Baxter
2%
New Jersey1,170Beach Haven
2%
New York15,541Beacon
2%
Alabama1,070Bear Creek
2%
North Carolina4,169Beaufort
2%
South Carolina12,361Beaufort
2%
West Virginia17,614Beckley
2%
Maryland10,120Bel Air
2%
Texas16,916Bellaire
2%
Michigan1,086Bellaire
2%
Ohio4,275Bellaire
2%
California76,616Bellflower
2%
Tennessee2,437Bells
2%
Texas1,400Bells
2%
Texas4,097Bellville
2%
Ohio1,922Bellville
2%
North Carolina3,312Benson
2%
Arizona5,105Benson
2%
Minnesota3,240Benson
2%
Michigan10,038Benton Harbor
2%
South Dakota2,005Beresford
2%
Massachusetts6,411Berkley
2%
Michigan14,970Berkley
2%
New Mexico8,320Bernalillo
2%
Missouri1,958Bernie
2%
Illinois56,657Berwyn
2%
West Virginia1,036Bethany
2%
Illinois1,352Bethany
2%
Oklahoma19,051Bethany
2%
Missouri3,292Bethany
2%
Delaware1,222Bethany Beach
2%
Iowa33,217Bettendorf
2%
Illinois1,126Big Rock
2%
Massachusetts40,243Billerica
2%
North Carolina7,839Black Mountain
2%
Michigan3,869Bloomfield Hills
2%
Georgia2,713Bloomingdale
2%
New Jersey7,656Bloomingdale
2%
Illinois22,018Bloomingdale
2%
Pennsylvania14,863Bloomsburg
2%
Minnesota3,353Blue Earth
2%
Virginia5,407Bluefield
2%
West Virginia10,447Bluefield
2%
Illinois73,366Bolingbrook
2%
Massachusetts4,897Bolton
2%
Florida57,370Bonita Springs
2%
Idaho2,543Bonners Ferry
2%
Washington17,592Bonney Lake
2%
Texas1,516Booker
2%
Maryland3,336Boonsboro
2%
New Hampshire3,965Boscawen
2%
Washington39,868Bothell
2%
Nevada15,023Boulder City
2%
Utah43,568Bountiful
2%
Missouri1,632Bourbon
2%
Massachusetts19,754Bourne
2%
Massachusetts4,355Boylston
2%
Pennsylvania2,172Braddock
2%
Minnesota13,590Brainerd
2%
Massachusetts35,744Braintree
2%
Pennsylvania9,642Brentwood
2%
Missouri8,055Brentwood
2%
California51,481Brentwood
2%
New Hampshire4,486Brentwood
2%
Maryland3,046Brentwood
2%
Tennessee37,060Brentwood
2%
North Carolina7,683Brevard
2%
New Hampshire1,083Bridgewater
2%
Massachusetts26,563Bridgewater
2%
Virginia5,639Bridgewater
2%
Iowa1,919Britt
2%
Arkansas1,642Brookland
2%
Minnesota30,104Brooklyn Center
2%
Alabama1,828Brookwood
2%
Michigan1,325Brown City
2%
Arkansas16,688Bryant
2%
California80,530Buena Park
2%
Georgia2,173Buena Vista
2%
Puerto Rico1,134Buena Vista
2%
Virginia6,607Buena Vista
2%
Puerto Rico1,660Buena Vista
2%
Colorado2,617Buena Vista
2%
Illinois37,042Calumet City
2%
Washington19,821Camas
2%
Missouri9,933Cameron
2%
Texas5,540Cameron
2%
New Hampshire3,909Canaan
2%
New Hampshire3,909Candia
2%
New Hampshire2,352Canterbury
2%
Texas13,311Canyon
2%
Maine7,871Caribou
2%
Illinois37,691Carpentersville
2%
Iowa3,785Carter Lake
2%
Illinois5,496Carterville
2%
Missouri1,891Carterville
2%
Missouri6,168Caruthersville
2%
Illinois2,769Casey
2%
Colorado10,796Castle Pines
2%
Arizona5,015Cave Creek
2%
Virginia1,130Cedar Bluff
2%
Alabama1,820Cedar Bluff
2%
Texas44,992Cedar Hill
2%
North Carolina1,249Cedar Point
2%
California45,417Ceres
2%
Ohio4,104Chagrin Falls
2%
Minnesota22,952Chanhassen
2%
Massachusetts1,266Charlemont
2%
Iowa7,652Charles City
2%
Michigan2,513Charlevoix
2%
Massachusetts12,981Charlton
2%
Minnesota2,779Chatfield
2%
Georgia4,299Chatsworth
2%
Illinois1,205Chatsworth
2%
Washington3,874Chelan
2%
Massachusetts33,802Chelmsford
2%
Kansas2,099Cheney
2%
Washington10,592Cheney
2%
North Carolina5,744Cherryville
2%
Maryland5,753Chesapeake Beach
2%
Alabama6,106Chickasaw
2%
Ohio21,931Chillicothe
2%
Missouri9,515Chillicothe
2%
Illinois6,097Chillicothe
2%
Texas1,158China
2%
Wisconsin13,679Chippewa Falls
2%
Illinois2,382Christopher
2%
Pennsylvania3,011Churchill
2%
California83,301Citrus Heights
2%
Iowa2,850Clarion
2%
Pennsylvania5,271Clarion
2%
Georgia7,554Clarkston
2%
Washington7,232Clarkston
2%
North Carolina18,625Clemmons
2%
Missouri2,139Clever
2%
Wisconsin4,559Clintonville
2%
Utah1,808Coalville
2%
Florida18,619Cocoa
2%
Florida61,361Coconut Creek
2%
Kansas5,398Colby
2%
Wisconsin1,852Colby
2%
Kentucky5,912Cold Spring
2%
Minnesota4,025Cold Spring
2%
Texas4,709Coleman
2%
Michigan1,243Coleman
2%
Pennsylvania5,100Collegeville
2%
Michigan1,173Colon
2%
California52,154Colton
2%
Indiana8,750Columbia City
2%
Oregon1,946Columbia City
2%
Alabama4,197Columbiana
2%
Ohio6,402Columbiana
2%
Ohio2,151Columbus Grove
2%
Mississippi1,279Como
2%
Ohio12,832Conneaut
2%
Iowa1,108Conrad
2%
Montana2,570Conrad
2%
Pennsylvania7,851Conshohocken
2%
Georgia15,195Conyers
2%
Minnesota61,476Coon Rapids
2%
Iowa1,305Coon Rapids
2%
Michigan4,275Coopersville
2%
Tennessee4,278Coopertown
2%
Iowa18,907Coralville
2%
California7,663Corning
2%
New York11,183Corning
2%
Iowa1,635Corning
2%
Arkansas3,377Corning
2%
California24,697Coronado
2%
Pennsylvania6,609Corry
2%
Texas23,840Corsicana
2%
Michigan3,497Corunna
2%
Iowa1,585Corydon
2%
Ohio11,174Coshocton
2%
Arizona11,265Cottonwood
2%
Minnesota1,212Cottonwood
2%
Alabama1,289Cottonwood
2%
Missouri2,449Country Club
2%
Nebraska3,977Cozad
2%
Alaska1,201Craig
2%
Colorado9,464Craig
2%
Texas2,997Crandall
2%
Iowa7,834Creston
2%
Ohio2,166Creston
2%
Texas6,953Crockett
2%
Illinois40,743Crystal Lake
2%
Oregon1,357Culver
2%
California38,883Culver City
2%
South Dakota2,067Custer
2%
Ohio49,580Cuyahoga Falls
2%
California47,802Cypress
2%
Pennsylvania1,234Dale
2%
Texas7,932Dalhart
2%
Washington1,347Darrington
2%
Nebraska2,913David City
2%
South Dakota1,270Deadwood
2%
New Hampshire1,912Deering
2%
Texas32,010Deer Park
2%
Ohio5,738Deer Park
2%
Illinois3,200Deer Park
2%
Washington3,661Deer Park
2%
Ohio17,077Defiance
2%
Florida33,532Deland
2%
Delaware1,824Delaware City
2%
Colorado1,686Del Norte
2%
Ohio7,123Delphos
2%
Florida69,358Delray Beach
2%
Texas35,938Del Rio
2%
Iowa8,298Denison
2%
Texas22,747Denison
2%
South Carolina3,538Denmark
2%
Ohio2,655Dennison
2%
Florida14,077Destin
2%
Michigan4,067Dexter
2%
Missouri7,864Dexter
2%
New Mexico1,266Dexter
2%
Illinois2,527Diamond
2%
California55,544Diamond Bar
2%
Arkansas1,318Diaz
2%
Pennsylvania6,068Dickson City
2%
Alaska2,329Dillingham
2%
South Carolina6,788Dillon
2%
Montana4,134Dillon
2%
Minnesota4,024Dilworth
2%
Missouri1,997Doniphan
2%
Illinois47,833Downers Grove
2%
Pennsylvania8,380Doylestown
2%
Ohio3,051Doylestown
2%
Utah1,826Duchesne
2%
South Carolina1,247Due West
2%
New York12,563Dunkirk
2%
Indiana2,362Dunkirk
2%
Tennessee4,815Dunlap
2%
Illinois1,386Dunlap
2%
Iowa1,042Dunlap
2%
Massachusetts15,059Duxbury
2%
Tennessee2,341Dyer
2%
Iowa4,058Dyersville
2%
Utah27,773Eagle Mountain
2%
Texas2,788Early
2%
Texas1,065Earth
2%
Rhode Island13,146East Greenwich
2%
Massachusetts4,956Eastham
2%
Michigan2,351East Jordan
2%
Illinois21,302East Moline
2%
Georgia33,712East Point
2%
Maine1,272Eastport
2%
New Jersey8,913East Rutherford
2%
Washington13,179East Wenatchee
2%
Ohio8,410Eaton
2%
Colorado4,365Eaton
2%
Minnesota60,797Eden Prairie
2%
Illinois12,328Effingham
2%
New Hampshire1,465Effingham
2%
Alabama3,940Elba
2%
California42,598El Centro
2%
West Virginia1,518Eleanor
2%
Wisconsin10,084Elkhorn
2%
Illinois44,121Elmhurst
2%
Illinois2,097Elmwood
2%
New Jersey7,401Emerson
2%
Georgia1,470Emerson
2%
Iowa3,904Emmetsburg
2%
Kansas24,942Emporia
2%
Virginia5,925Emporia
2%
Arkansas2,825England
2%
Alabama26,562Enterprise
2%
Oregon1,940Enterprise
2%
Utah1,663Enterprise
2%
Washington11,090Enumclaw
2%
Pennsylvania13,356Ephrata
2%
Washington7,669Ephrata
2%
Massachusetts1,800Erving
2%
Colorado5,858Estes Park
2%
Iowa6,360Estherville
2%
Ohio48,901Euclid
2%
Texas51,272Euless
2%
Washington2,464Everson
2%
Minnesota2,188Excelsior
2%
Nevada8,606Fallon
2%
Kentucky2,169Falmouth
2%
Massachusetts31,531Falmouth
2%
New Jersey1,329Farmingdale
2%
Tennessee20,676Farragut
2%
Florida12,558Fernandina Beach
2%
Nevada19,368Fernley
2%
Texas2,421Ferris
2%
Washington9,178Fife
2%
Colorado10,147Firestone
2%
Indiana76,794Fishers
2%
Wisconsin25,260Fitchburg
2%
Massachusetts40,318Fitchburg
2%
North Carolina3,116Flat Rock
2%
Michigan9,878Flat Rock
2%
Pennsylvania4,105Fleetwood
2%
Pennsylvania1,330Flemington
2%
New Jersey4,581Flemington
2%
Missouri52,158Florissant
2%
Michigan8,389Flushing
2%
California72,203Folsom
2%
New Jersey1,885Folsom
2%
Arkansas4,300Fordyce
2%
Wisconsin12,368Fort Atkinson
2%
California7,273Fort Bragg
2%
Florida46,071Fort Pierce
2%
Florida22,284Fort Walton Beach
2%
Ohio13,453Fostoria
2%
Colorado25,846Fountain
2%
Colorado1,224Fraser
2%
Michigan14,480Fraser
2%
Minnesota1,350Frazee
2%
Texas10,530Fredericksburg
2%
Virginia24,178Fredericksburg
2%
Ohio2,493Fredericktown
2%
Missouri3,985Fredericktown
2%
Kansas2,478Fredonia
2%
Arizona1,314Fredonia
2%
New Hampshire1,489Freedom
2%
Pennsylvania1,569Freedom
2%
Colorado12,646Fruita
2%
Alabama36,856Gadsden
2%
South Carolina12,414Gaffney
2%
Ohio33,230Gahanna
2%
Kansas3,110Galena
2%
Illinois3,429Galena
2%
Ohio3,648Gallipolis
2%
Ohio2,391Gambier
2%
Missouri1,642Garden City
2%
Michigan27,692Garden City
2%
Kansas26,727Garden City
2%
Georgia8,778Garden City
2%
Idaho10,972Garden City
2%
New Jersey30,487Garfield
2%
Michigan3,645Gaylord
2%
Minnesota2,305Gaylord
2%
Missouri1,345Gerald
2%
Nebraska8,500Gering
2%
Washington7,136Gig Harbor
2%
Illinois6,879Gilberts
2%
New Hampshire7,126Gilford
2%
Illinois1,814Gilman
2%
California48,821Gilroy
2%
Michigan4,973Gladstone
2%
Oregon11,497Gladstone
2%
Missouri25,410Gladstone
2%
Michigan2,933Gladwin
2%
Illinois8,723Glencoe
2%
Minnesota5,631Glencoe
2%
Alabama5,160Glencoe
2%
California50,073Glendora
2%
Colorado9,614Glenwood Springs
2%
Iowa1,146Glidden
2%
Arizona7,532Globe
2%
Rhode Island9,746Glocester
2%
Minnesota20,371Golden Valley
2%
Texas7,237Gonzales
2%
California8,187Gonzales
2%
Louisiana9,781Gonzales
2%
Kansas4,481Goodland
2%
New Hampshire2,848Gorham
2%
Massachusetts1,054Goshen
2%
Arkansas1,071Goshen
2%
Indiana31,719Goshen
2%
Utah1,058Goshen
2%
Nebraska3,574Gothenburg
2%
Ohio6,636Grafton
2%
Massachusetts17,765Grafton
2%
West Virginia5,164Grafton
2%
North Dakota4,284Grafton
2%
New Hampshire1,340Grafton
2%
North Carolina14,311Graham
2%
Texas8,908Graham
2%
Louisiana4,949Grambling
2%
Michigan8,276Grand Blanc
2%
Washington1,025Grand Coulee
2%
Minnesota1,351Grand Marais
2%
Oregon34,533Grants Pass
2%
Utah10,170Grantsville
2%
Georgia3,041Grantville
2%
Georgia2,666Grayson
2%
Kentucky4,217Grayson
2%
Pennsylvania3,985Greencastle
2%
Indiana10,326Greencastle
2%
Ohio3,613Greenhills
2%
Arkansas1,259Greenland
2%
New Hampshire3,549Greenland
2%
Virginia1,273Gretna
2%
Florida1,526Gretna
2%
Nebraska4,945Gretna
2%
Louisiana17,736Gretna
2%
Georgia23,643Griffin
2%
Iowa1,036Griswold
2%
Michigan9,479Grosse Pointe Farms
2%
Georgia11,216Grovetown
2%
Virginia1,014Grundy
2%
Arizona5,523Guadalupe
2%
California7,080Guadalupe
2%
Massachusetts7,518Halifax
2%
Virginia1,309Halifax
2%
Texas42,373Haltom City
2%
Texas2,124Hamlin
2%
West Virginia1,142Hamlin
2%
Massachusetts5,139Hampden
2%
California53,967Hanford
2%
Idaho1,144Hansen
2%
Massachusetts10,209Hanson
2%
Oregon13,903Happy Valley
2%
Texas26,727Harker Heights
2%
Utah6,182Harrisville
2%
West Virginia1,876Harrisville
2%
Nebraska1,554Hartington
2%
Iowa2,538Hawarden
2%
Texas1,264Hawkins
2%
Pennsylvania1,245Heidelberg
2%
New Hampshire4,836Henniker
2%
Mississippi14,090Hernando
2%
Virginia23,292Herndon
2%
Utah31,970Herriman
2%
North Carolina2,142Hertford
2%
Texas13,548Hewitt
2%
Kentucky2,395Hickman
2%
Nebraska1,659Hickman
2%
Kentucky6,923Highland Heights
2%
Ohio8,345Highland Heights
2%
Ohio1,130Highland Hills
2%
Illinois29,763Highland Park
2%
New Jersey13,926Highland Park
2%
Texas8,560Highland Park
2%
Michigan11,776Highland Park
2%
New Jersey5,005Highlands
2%
Kansas1,468Hill City
2%
Florida3,209Hilliard
2%
Ohio28,233Hilliard
2%
Missouri1,478Hillsdale
2%
Michigan8,305Hillsdale
2%
New Jersey10,219Hillsdale
2%
West Virginia2,676Hinton
2%
Oklahoma3,196Hinton
2%
Illinois51,895Hoffman Estates
2%
Arizona5,053Holbrook
2%
Massachusetts10,791Holbrook
2%
Texas1,761Holliday
2%
Iowa1,396Holstein
2%
Colorado2,313Holyoke
2%
Massachusetts39,880Holyoke
2%
Illinois19,323Homewood
2%
Alabama25,167Homewood
2%
Oregon7,167Hood River
2%
Oklahoma1,918Hooker
2%
New Hampshire5,589Hopkinton
2%
Rhode Island8,188Hopkinton
2%
Massachusetts14,925Hopkinton
2%
Michigan7,708Houghton
2%
Louisiana33,727Houma
2%
Oregon3,173Hubbard
2%
Texas1,423Hubbard
2%
Ohio7,888Hubbard
2%
Iowa2,146Hull
2%
Massachusetts10,293Hull
2%
Texas15,127Humble
2%
Iowa4,690Humboldt
2%
Tennessee8,452Humboldt
2%
Kansas1,944Humboldt
2%
Pennsylvania4,541Hummelstown
2%
Tennessee3,985Huntingdon
2%
Pennsylvania7,091Huntingdon
2%
Texas37,335Hurst
2%
Maryland17,557Hyattsville
2%
Utah4,359Hyde Park
2%
Iowa2,142Ida Grove
2%
North Carolina33,573Indian Trail
2%
Pennsylvania1,835Industry
2%
Texas9,381Ingleside
2%
Michigan25,369Inkster
2%
South Carolina2,321Inman
2%
Kansas1,386Inman
2%
Minnesota6,424International Falls
2%
Minnesota33,880Inver Grove Heights
2%
Texas1,229Iraan
2%
Michigan7,624Iron Mountain
2%
Ohio11,123Ironton
2%
Missouri1,460Ironton
2%
Kentucky1,181Irvington
2%
Pennsylvania3,987Irwin
2%
Puerto Rico11,255Isabela
2%
Texas1,872Italy
2%
Mississippi2,049Itta Bena
2%
Oklahoma2,448Jay
2%
Kentucky2,203Jenkins
2%
South Carolina1,480Johnsonville
2%
Oregon1,081Joseph
2%
Texas6,309Joshua
2%
Colorado1,225Julesburg
2%
Texas2,571Junction
2%
California95,005Jurupa Valley
2%
Ohio1,553Kalida
2%
Montana19,927Kalispell
2%
Utah2,126Kamas
2%
North Carolina42,607Kannapolis
2%
Kentucky7,006Keene
2%
New Hampshire23,409Keene
2%
Texas6,118Keene
2%
Oregon36,478Keizer
2%
Texas39,632Keller
2%
Texas1,773Kemah
2%
Alaska7,100Kenai
2%
Texas3,312Kenedy
2%
Georgia29,783Kennesaw
2%
Iowa10,780Keokuk
2%
Alaska8,050Ketchikan
2%
Ohio56,143Kettering
2%
Wisconsin3,738Kiel
2%
North Carolina6,683Kill Devil Hills
2%
California11,382Kingsburg
2%
Michigan5,133Kingsford
2%
Georgia15,946Kingsland
2%
Michigan1,480Kingsley
2%
Iowa1,411Kingsley
2%
North Carolina10,645Kings Mountain
2%
Tennessee48,205Kingsport
2%
Texas26,213Kingsville
2%
North Carolina21,749Kinston
2%
Missouri27,540Kirkwood
2%
Oregon20,840Klamath Falls
2%
Indiana45,468Kokomo
2%
Alaska3,201Kotzebue
2%
Colorado1,444Kremmling
2%
Texas28,256Kyle
2%
Illinois1,937Lacon
2%
New Hampshire15,951Laconia
2%
Florida15,622Lady Lake
2%
Texas4,653La Grange
2%
Illinois15,550La Grange
2%
North Carolina2,821La Grange
2%
Ohio2,103Lagrange
2%
Kentucky8,082La Grange
2%
Georgia29,588LaGrange
2%
Colorado7,077La Junta
2%
New Jersey1,759Lake Como
2%
Alabama1,943Lake View
2%
Oregon2,294Lakeview
2%
Michigan1,007Lakeview
2%
Ohio1,075Lakeview
2%
Iowa1,142Lake View
2%
Massachusetts10,602Lakeville
2%
Minnesota55,954Lakeville
2%
Missouri1,131Lake Winnebago
2%
Texas4,675Lake Worth
2%
Mississippi1,638Lambert
2%
New Jersey3,906Lambertville
2%
California57,065La Mesa
2%
Texas9,425Lamesa
2%
California48,527La Mirada
2%
Iowa2,324Lamoni
2%
Wyoming7,487Lander
2%
Pennsylvania1,615Langhorne
2%
Washington1,015Langley
2%
Pennsylvania16,283Lansdale
2%
Pennsylvania10,620Lansdowne
2%
California37,467La Quinta
2%
Kansas4,042Larned
2%
Illinois9,609LaSalle
2%
Colorado1,955LaSalle
2%
Pennsylvania8,333Latrobe
2%
Minnesota2,379Lauderdale
2%
Florida72,094Lauderhill
2%
Kentucky10,505Lawrenceburg
2%
Tennessee10,428Lawrenceburg
2%
Indiana5,042Lawrenceburg
2%
Missouri2,473Lawson
2%
Colorado2,602Leadville
2%
Kansas31,888Leawood
2%
Louisiana6,612Leesville
2%
Ohio2,100Leipsic
2%
South Dakota1,227Lemmon
2%
Illinois2,912Lena
2%
Maryland2,930Leonardtown
2%
Minnesota4,058Le Sueur
2%
North Carolina10,337Lincolnton
2%
Georgia1,566Lincolnton
2%
Alabama2,395Lineville
2%
Georgia1,924Lithonia
2%
Ohio1,111Lithopolis
2%
Pennsylvania9,766Lock Haven
2%
New York21,165Lockport
2%
Illinois24,839Lockport
2%
Louisiana2,578Lockport
2%
Colorado10,218Lone Tree
2%
Iowa1,300Lone Tree
2%
Texas1,689Lorena
2%
Tennessee1,714Loretto
2%
Pennsylvania1,302Loretto
2%
California11,449Los Alamitos
2%
California29,413Los Gatos
2%
Ohio2,643Loudonville
2%
Missouri3,364Louisiana
2%
Nebraska1,028Loup City
2%
Nevada1,894Lovelock
2%
North Carolina21,523Lumberton
2%
Mississippi2,086Lumberton
2%
Texas11,972Lumberton
2%
Oklahoma1,221Luther
2%
Pennsylvania2,845Luzerne
2%
New Hampshire1,716Lyme
2%
Washington11,985Lynden
2%
Kentucky11,002Lyndon
2%
Kansas1,058Lyndon
2%
California61,416Madera
2%
Oregon6,046Madras
2%
New Jersey4,341Magnolia
2%
Mississippi2,420Magnolia
2%
Arkansas11,577Magnolia
2%
Texas1,385Magnolia
2%
Minnesota7,676Mahtomedi
2%
Illinois1,164Malta
2%
Montana1,997Malta
2%
Ohio1,191Malvern
2%
Alabama1,448Malvern
2%
Pennsylvania3,012Malvern
2%
Iowa1,142Malvern
2%
Arkansas10,318Malvern
2%
Colorado1,336Mancos
2%
California35,135Manhattan Beach
2%
Pennsylvania4,860Manheim
2%
Arkansas3,342Manila
2%
Michigan6,226Manistee
2%
Michigan3,097Manistique
2%
Illinois1,642Manito
2%
South Carolina4,108Manning
2%
Iowa1,500Manning
2%
Pennsylvania3,200Manor
2%
Texas4,840Manor
2%
Iowa1,690Manson
2%
California67,096Manteca
2%
Arizona34,961Marana
2%
Florida8,645Marathon
2%
Florida17,930Marco Island
2%
Alabama4,428Margaret
2%
Florida58,656Margate
2%
California19,718Marina
2%
Wisconsin10,968Marinette
2%
Wisconsin1,476Markesan
2%
Iowa27,552Marshalltown
2%
North Carolina2,434Marshville
2%
Texas1,131Martindale
2%
Iowa28,079Mason City
2%
Illinois2,343Mason City
2%
Puerto Rico70,463Mayagüez
2%
Minnesota1,749Mayer
2%
Kentucky10,024Mayfield
2%
Ohio3,451Mayfield
2%
Pennsylvania1,807Mayfield
2%
Florida1,286Mayo
2%
Wisconsin5,154Mayville
2%
North Dakota1,858Mayville
2%
Georgia22,084McDonough
2%
California12,707McFarland
2%
Texas4,987McGregor
2%
Tennessee5,310McKenzie
2%
Kansas1,721Meade
2%
Pennsylvania8,972Mechanicsburg
2%
Ohio1,642Mechanicsburg
2%
Pennsylvania5,327Media
2%
Ohio26,663Medina
2%
Minnesota4,892Medina
2%
Tennessee3,479Medina
2%
Washington2,969Medina
2%
Oklahoma1,144Meeker
2%
Colorado2,475Meeker
2%
Michigan10,715Melvindale
2%
Arkansas5,737Mena
2%
Texas1,471Menard
2%
California32,026Menlo Park
2%
Wisconsin16,264Menomonie
2%
New Hampshire6,241Meredith
2%
Massachusetts6,338Merrimac
2%
Texas7,446Mexia
2%
Indiana31,479Michigan City
2%
Massachusetts23,116Middleborough
2%
New Jersey13,620Middlesex
2%
Massachusetts8,987Middleton
2%
Idaho5,524Middleton
2%
Wisconsin17,442Middleton
2%
New Hampshire1,783Middleton
2%
Utah4,683Midway
2%
North Carolina4,734Midway
2%
Georgia2,121Midway
2%
Florida3,194Midway
2%
Kentucky1,641Midway
2%
Utah1,912Millville
2%
Massachusetts3,190Millville
2%
New Jersey28,370Millville
2%
California66,790Milpitas
2%
Nebraska2,923Minden
2%
Louisiana13,082Minden
2%
Texas4,501Mineola
2%
Florida12,124Minneola
2%
Minnesota6,384Minnetrista
2%
North Carolina22,677Mint Hill
2%
Colorado1,027Minturn
2%
Indiana48,252Mishawaka
2%
Iowa2,838Missouri Valley
2%
Iowa2,254Mitchellville
2%
Iowa1,549Monona
2%
Wisconsin7,533Monona
2%
Ohio1,400Monroeville
2%
Pennsylvania28,341Monroeville
2%
Alabama6,519Monroeville
2%
California36,664Montclair
2%
California62,500Montebello
2%
California60,269Monterey Park
2%
New Jersey7,844Montvale
2%
West Virginia2,544Moorefield
2%
California16,016Moraga
2%
California37,882Morgan Hill
2%
Illinois4,188Morrison
2%
Ohio1,182Morrow
2%
Georgia6,445Morrow
2%
Washington20,371Moses Lake
2%
Alabama1,029Mosses
2%
Minnesota9,052Mound
2%
Oklahoma1,168Mounds
2%
West Virginia9,318Moundsville
2%
Maryland9,288Mount Airy
2%
North Carolina10,407Mount Airy
2%
Georgia1,284Mount Airy
2%
Iowa1,691Mount Ayr
2%
Michigan16,314Mount Clemens
2%
Illinois2,998Mount Morris
2%
Michigan3,086Mount Morris
2%
Illinois54,167Mount Prospect
2%
Illinois5,833Mount Zion
2%
Georgia1,696Mount Zion
2%
Iowa1,618Moville
2%
Texas1,544Muenster
2%
Texas17,877Murphy
2%
North Carolina1,629Murphy
2%
Iowa22,886Muscatine
2%
Texas32,910Nacogdoches
2%
Ohio8,773Napoleon
2%
Florida7,297Neptune Beach
2%
California3,068Nevada City
2%
Illinois2,054New Athens
2%
Oregon22,068Newberg
2%
North Carolina29,343New Bern
2%
Tennessee3,313Newbern
2%
Alabama1,146New Brockton
2%
New York28,866Newburgh
2%
Wisconsin2,554New Lisbon
2%
West Virginia5,366New Martinsville
2%
Georgia33,039Newnan
2%
Pennsylvania1,783New Oxford
2%
Ohio1,629New Paris
2%
Pennsylvania1,086New Philadelphia
2%
Ohio17,283New Philadelphia
2%
Idaho1,538New Plymouth
2%
Minnesota13,522New Ulm
2%
Pennsylvania1,326Newville
2%
Kentucky28,015Nicholasville
2%
Georgia1,696Nicholson
2%
Minnesota1,093Nicollet
2%
Arizona20,837Nogales
2%
Georgia9,116Norcross
2%
Tennessee1,491Norris
2%
Pennsylvania34,339Norristown
2%
Massachusetts28,352North Andover
2%
Ohio3,429North Baltimore
2%
Maryland3,572North East
2%
Pennsylvania4,280North East
2%
New Jersey8,624Northfield
2%
Massachusetts3,032Northfield
2%
Minnesota20,007Northfield
2%
Ohio3,675Northfield
2%
New Hampshire4,829Northfield
2%
Illinois5,420Northfield
2%
Kentucky1,020Northfield
2%
New Hampshire4,301North Hampton
2%
Texas1,725Northlake
2%
Illinois12,323Northlake
2%
Florida44,391North Lauderdale
2%
Minnesota13,394North Mankato
2%
Utah18,525North Ogden
2%
Florida13,129North Palm Beach
2%
Nebraska24,736North Platte
2%
South Dakota2,530North Sioux City
2%
Pennsylvania3,231North Wales
2%
Ohio5,221Northwood
2%
New Hampshire4,241Northwood
2%
Iowa1,931Northwood
2%
Michigan2,845Norway
2%
Ohio19,174Norwood
2%
New Jersey5,711Norwood
2%
Pennsylvania5,890Norwood
2%
Massachusetts28,602Norwood
2%
North Carolina2,379Norwood
2%
Minnesota3,549Norwood Young America
2%
California51,904Novato
2%
Oregon3,267Nyssa
2%
Louisiana7,780Oakdale
2%
Minnesota27,378Oakdale
2%
California20,675Oakdale
2%
Pennsylvania1,457Oakdale
2%
Minnesota8,031Oak Grove
2%
Missouri7,795Oak Grove
2%
Kentucky7,489Oak Grove
2%
Louisiana1,727Oak Grove
2%
Florida2,183Oak Hill
2%
Ohio1,560Oak Hill
2%
Tennessee4,529Oak Hill
2%
West Virginia7,730Oak Hill
2%
Illinois56,690Oak Lawn
2%
Tennessee29,330Oak Ridge
2%
North Carolina6,280Oak Ridge
2%
Oregon3,205Oakridge
2%
Washington5,571Ocean Shores
2%
Delaware2,140Ocean View
2%
Florida47,720Ocoee
2%
Iowa1,013Odebolt
2%
Illinois1,076Odin
2%
Nebraska4,737Ogallala
2%
Louisiana1,008Oil City
2%
Pennsylvania10,549Oil City
2%
Maine7,693Old Town
2%
Iowa2,998Onawa
2%
New York11,393Oneida
2%
Tennessee3,752Oneida
2%
Nebraska3,705O'Neill
2%
New York13,901Oneonta
2%
Alabama6,567Oneonta
2%
Florida11,804Orange City
2%
Iowa6,004Orange City
2%
Texas1,318Orange Grove
2%
Florida8,809Orange Park
2%
Utah1,540Orangeville
2%
Illinois56,767Orland Park
2%
Arkansas7,757Osceola
2%
Iowa4,929Osceola
2%
Kansas1,107Oskaloosa
2%
Iowa11,463Oskaloosa
2%
Minnesota13,571Otsego
2%
Michigan3,956Otsego
2%
Ohio4,470Ottawa Hills
2%
Colorado1,000Ouray
2%
Florida41,557Oviedo
2%
Minnesota25,599Owatonna
2%
Arkansas3,684Ozark
2%
Alabama14,907Ozark
2%
Missouri17,820Ozark
2%
Missouri7,002Pacific
2%
Washington6,605Pacific
2%
Texas1,188Paducah
2%
Kentucky25,024Paducah
2%
Illinois68,557Palatine
2%
Illinois1,369Palestine
2%
Texas18,748Palestine
2%
Florida56,284Palm Beach Gardens
2%
Florida1,160Palm Shores
2%
Florida13,065Panama City Beach
2%
Ohio1,147Pandora
2%
Colorado1,451Paonia
2%
Nebraska20,097Papillion
2%
Colorado1,085Parachute
2%
California54,098Paramount
2%
Missouri5,554Parkville
2%
California29,793Paso Robles
2%
Ohio14,926Pataskala
2%
Idaho1,169Paul
2%
Idaho7,433Payette
2%
Illinois1,026Payson
2%
Utah19,647Payson
2%
Arizona15,301Payson
2%
Georgia2,117Pearson
2%
Texas8,780Pecos
2%
New Mexico1,392Pecos
2%
New York23,583Peekskill
2%
Illinois34,094Pekin
2%
Iowa10,352Pella
2%
Pennsylvania2,318Penndel
2%
Pennsylvania8,498Perkasie
2%
Oklahoma2,831Perkins
2%
California68,386Perris
2%
Ohio20,767Perrysburg
2%
Arkansas1,460Perryville
2%
Missouri8,225Perryville
2%
Maryland4,361Perryville
2%
Michigan5,670Petoskey
2%
Alabama32,822Phenix City
2%
California62,942Pico Rivera
2%
Michigan1,208Pigeon
2%
Tennessee5,875Pigeon Forge
2%
Texas4,010Pilot Point
2%
Wyoming1,129Pine Bluffs
2%
Pennsylvania2,186Pine Grove
2%
Texas2,097Pinehurst
2%
North Carolina14,738Pinehurst
2%
Idaho1,619Pinehurst
2%
Florida53,098Pinellas Park
2%
South Carolina2,064Pine Ridge
2%
Louisiana14,555Pineville
2%
North Carolina7,479Pineville
2%
Kentucky1,732Pineville
2%
Minnesota4,317Pipestone
2%
Utah6,343Plain City
2%
Ohio4,228Plain City
2%
Texas22,194Plainview
2%
Minnesota3,340Plainview
2%
Tennessee2,125Plainview
2%
Nebraska1,246Plainview
2%
Florida39,156Plant City
2%
South Dakota1,230Platte
2%
Missouri2,319Plattsburg
2%
New York19,989Plattsburgh
2%
Nebraska6,504Plattsmouth
2%
Kansas1,211Pleasanton
2%
Texas9,576Pleasanton
2%
California70,285Pleasanton
2%
Utah9,375Pleasant View
2%
Tennessee4,149Pleasant View
2%
Iowa1,694Pleasantville
2%
New Jersey20,149Pleasantville
2%
Maryland4,184Pocomoke City
2%
West Virginia4,350Point Pleasant
2%
New Jersey18,210Point Pleasant
2%
Ohio2,555Poland
2%
Missouri17,023Poplar Bluff
2%
Indiana36,828Portage
2%
Pennsylvania2,638Portage
2%
Michigan46,292Portage
2%
Wisconsin10,324Portage
2%
Washington19,040Port Angeles
2%
Texas3,480Port Aransas
2%
Texas54,376Port Arthur
2%
Florida64,252Port Orange
2%
Pennsylvania22,353Pottstown
2%
Wyoming6,314Powell
2%
Ohio11,496Powell
2%
Arizona38,822Prescott Valley
2%
Texas4,426Presidio
2%
Maine9,317Presque Isle
2%
Utah8,337Price
2%
Minnesota22,796Prior Lake
2%
Washington5,713Prosser
2%
Virginia9,094Pulaski
2%
Tennessee7,870Pulaski
2%
Pennsylvania5,952Punxsutawney
2%
Texas1,480Queen City
2%
Oklahoma1,051Quinton
2%
Virginia16,395Radford
2%
Texas1,944Ralls
2%
Nebraska5,943Ralston
2%
Minnesota23,668Ramsey
2%
Illinois1,037Ramsey
2%
New Jersey14,459Ramsey
2%
California41,643Rancho Palos Verdes
2%
California47,853Rancho Santa Margarita
2%
Colorado2,365Rangely
2%
Michigan1,219Ravenna
2%
Ohio11,724Ravenna
2%
Nebraska1,365Ravenna
2%
Wyoming9,259Rawlins
2%
Washington2,869Raymond
2%
Illinois1,006Raymond
2%
Mississippi1,933Raymond
2%
New Hampshire10,138Raymond
2%
Nebraska1,020Red Cloud
2%
Minnesota16,459Red Wing
2%
Iowa1,663Remsen
2%
Georgia1,086Reynolds
2%
Ohio35,920Reynoldsburg
2%
Minnesota1,275Rice
2%
New Jersey11,032Ridgefield
2%
Washington4,795Ridgefield
2%
Pennsylvania4,078Ridgway
2%
Colorado9,172Rifle
2%
Georgia3,580Ringgold
2%
Louisiana1,495Ringgold
2%
Wisconsin7,733Ripon
2%
California14,297Ripon
2%
Georgia15,134Riverdale
2%
New Jersey3,559Riverdale
2%
Utah8,685Riverdale
2%
Illinois13,549Riverdale
2%
Michigan7,903River Rouge
2%
Florida34,834Riviera Beach
2%
New Jersey6,438Rockaway
2%
Texas5,528Rockdale
2%
Illinois1,976Rockdale
2%
Illinois9,266Rock Falls
2%
Texas10,025Rockport
2%
Indiana2,270Rockport
2%
Massachusetts6,952Rockport
2%
Missouri1,318Rock Port
2%
Iowa2,549Rock Rapids
2%
Wyoming23,036Rock Springs
2%
Texas1,179Rocksprings
2%
Iowa3,354Rock Valley
2%
Missouri19,559Rolla
2%
North Dakota1,280Rolla
2%
West Virginia1,848Romney
2%
Michigan23,989Romulus
2%
Minnesota2,633Roseau
2%
Oregon21,181Roseburg
2%
Texas56,242Rowlett
2%
Louisiana21,859Ruston
2%
New York15,720Rye
2%
New Hampshire5,298Rye
2%
New York5,815Salamanca
2%
Alabama1,940Samson
2%
California23,645San Fernando
2%
North Carolina28,218Sanford
2%
Florida60,035Sanford
2%
Maine20,906Sanford
2%
Florida7,402Sanibel
2%
California13,147San Marino
2%
California57,713San Rafael
2%
Massachusetts26,628Saugus
2%
New Jersey42,704Sayreville
2%
Nebraska6,212Schuyler
2%
Rhode Island10,329Scituate
2%
Massachusetts18,133Scituate
2%
Nebraska15,047Scottsbluff
2%
Alabama14,770Scottsboro
2%
Michigan1,214Scottville
2%
New Jersey2,887Seaside Heights
2%
Kansas1,687Sedgwick
2%
Pennsylvania4,249Sellersville
2%
Texas6,475Seminole
2%
Oklahoma7,488Seminole
2%
Florida18,866Seminole
2%
Iowa4,227Sergeant Bluff
2%
Minnesota37,076Shakopee
2%
Pennsylvania14,018Sharon
2%
Massachusetts17,612Sharon
2%
Pennsylvania3,446Sharpsburg
2%
North Carolina2,024Sharpsburg
2%
Wisconsin7,775Sheboygan Falls
2%
Illinois1,070Sheldon
2%
Iowa5,188Sheldon
2%
Pennsylvania5,073Shenandoah
2%
Virginia2,371Shenandoah
2%
Iowa5,150Shenandoah
2%
Texas2,142Shenandoah
2%
Idaho1,461Shoshone
2%
Iowa2,798Sibley
2%
Louisiana1,218Sibley
2%
Colorado2,930Silt
2%
Colorado3,887Silverthorne
2%
Iowa7,048Sioux Center
2%
Oregon2,038Sisters
2%
West Virginia1,396Sistersville
2%
Illinois3,304Sleepy Hollow
2%
Maryland2,975Smithsburg
2%
Missouri8,425Smithville
2%
Texas3,788Smithville
2%
Ohio1,252Smithville
2%
Tennessee4,530Smithville
2%
Washington9,143Snohomish
2%
Colorado2,826Snowmass Village
2%
Alaska4,163Soldotna
2%
Kansas1,095Solomon
2%
Ohio1,790South Bloomfield
2%
West Virginia13,450South Charleston
2%
Ohio1,681South Charleston
2%
Michigan30,047Southgate
2%
Kentucky3,803Southgate
2%
California94,396South Gate
2%
Texas26,573Southlake
2%
California21,403South Lake Tahoe
2%
Florida1,471South Palm Beach
2%
Ohio3,958South Point
2%
Maine25,424South Portland
2%
Alabama8,412Southside
2%
Nebraska13,365South Sioux City
2%
Minnesota20,160South St. Paul
2%
Arizona5,652South Tucson
2%
Massachusetts9,502Southwick
2%
Utah38,171Spanish Fork
2%
South Dakota10,494Spearfish
2%
Pennsylvania1,154Speers
2%
Iowa4,840Spirit Lake
2%
Idaho1,945Spirit Lake
2%
Ohio17,371Springboro
2%
Louisiana5,269Springhill
2%
Tennessee29,036Spring Hill
2%
Kansas5,428Spring Hill
2%
New Jersey2,993Spring Lake
2%
Michigan2,323Spring Lake
2%
North Carolina12,011Spring Lake
2%
Minnesota2,479Spring Valley
2%
Illinois5,558Spring Valley
2%
Texas17,726Stafford
2%
Kansas1,044Stafford
2%
Idaho3,542St. Anthony
2%
Washington6,241Stanwood
2%
Georgia28,422Statesboro
2%
Ohio5,186St. Clairsville
2%
Colorado12,088Steamboat Springs
2%
Texas17,024Stephenville
2%
Wisconsin26,717Stevens Point
2%
Michigan1,142Stevensville
2%
Montana1,809Stevensville
2%
Louisiana6,677St. Gabriel
2%
California5,814St. Helena
2%
Pennsylvania1,809St. Lawrence
2%
Minnesota45,250St. Louis Park
2%
Texas1,445Stockdale
2%
Georgia25,636Stonecrest
2%
Iowa10,600Storm Lake
2%
Iowa3,431Story City
2%
Virginia6,431Strasburg
2%
Pennsylvania2,809Strasburg
2%
Ohio2,608Strasburg
2%
Oklahoma1,525Stratford
2%
New Jersey7,040Stratford
2%
Texas2,017Stratford
2%
Illinois39,858Streamwood
2%
Oklahoma2,690Stroud
2%
Pennsylvania5,567Stroudsburg
2%
South Carolina1,697St. Stephen
2%
Virginia1,346Stuart
2%
Florida16,293Stuart
2%
Iowa1,648Stuart
2%
Ohio2,220Sugarcreek
2%
Missouri3,345Sugar Creek
2%
Pennsylvania5,310Sugarcreek
2%
South Carolina1,791Sullivan's Island
2%
Louisiana20,410Sulphur
2%
Oklahoma4,929Sulphur
2%
Texas15,450Sulphur Springs
2%
West Virginia3,572Summersville
2%
South Carolina1,000Summerton
2%
Massachusetts3,684Sunderland
2%
Louisiana2,897Sunset
2%
Utah5,207Sunset
2%
Idaho1,406Sun Valley
2%
Florida5,802Surfside
2%
Nebraska1,370Sutherland
2%
Oregon7,810Sutherlin
2%
Massachusetts13,787Swampscott
2%
Iowa2,877Tama
2%
Florida66,054Tamarac
2%
Maryland6,728Taneytown
2%
Texas1,385Tatum
2%
South Dakota3,806Tea
2%
Nebraska1,827Tekamah
2%
Missouri2,243Thayer
2%
Texas36,308The Colony
2%
Oregon13,620The Dalles
2%
Louisiana14,566Thibodaux
2%
Texas1,848Three Rivers
2%
Michigan7,811Three Rivers
2%
Maryland6,170Thurmont
2%
Iowa1,947Tiffin
2%
Ohio17,962Tiffin
2%
Oregon4,935Tillamook
2%
Illinois56,703Tinley Park
2%
Wisconsin9,093Tomah
2%
Arizona1,380Tombstone
2%
Colorado9,096Trinidad
2%
Massachusetts2,003Truro
2%
Washington19,115Tukwila
2%
California59,278Tulare
2%
Alabama9,865Tuskegee
2%
California75,540Tustin
2%
California25,048Twentynine Palms
2%
Ohio18,796Twinsburg
2%
Minnesota3,745Two Harbors
2%
Georgia6,879Tyrone
2%
Pennsylvania5,481Tyrone
2%
Kansas6,150Ulysses
2%
Missouri1,865Unionville
2%
North Carolina6,149Unionville
2%
New Hampshire1,671Unity
2%
Texas18,530Universal City
2%
Missouri35,371University City
2%
Texas23,068University Park
2%
Illinois7,129University Park
2%
Maryland2,548University Park
2%
Ohio33,691Upper Arlington
2%
Wyoming1,100Upton
2%
Massachusetts7,542Upton
2%
Texas15,752Uvalde
2%
Nebraska2,737Valentine
2%
Missouri3,899Vandalia
2%
Illinois7,042Vandalia
2%
Ohio15,256Vandalia
2%
Georgia1,744Varnell
2%
Utah10,650Vernal
2%
Missouri2,482Versailles
2%
Kentucky8,568Versailles
2%
Ohio2,687Versailles
2%
Pennsylvania1,515Versailles
2%
Georgia13,956Villa Rica
2%
Iowa1,252Villisca
2%
Alabama1,988Vincent
2%
New Jersey60,724Vineland
2%
Iowa5,257Vinton
2%
Texas1,984Vinton
2%
Virginia7,990Vinton
2%
Louisiana3,212Vinton
2%
Indiana10,666Wabash
2%
Minnesota2,521Wabasha
2%
South Dakota1,566Wagner
2%
Nebraska4,510Wahoo
2%
Kansas1,865WaKeeney
2%
Nebraska1,457Wakefield
2%
Massachusetts24,932Wakefield
2%
New Hampshire5,078Wakefield
2%
Michigan1,851Wakefield
2%
Massachusetts1,838Wales
2%
Texas2,328Waller
2%
California64,173Walnut Creek
2%
Oklahoma2,551Walters
2%
Ohio9,869Wapakoneta
2%
Oklahoma1,641Warner
2%
New Hampshire2,833Warner
2%
Missouri18,838Warrensburg
2%
Illinois1,210Warrensburg
2%
Minnesota1,781Warroad
2%
California25,545Wasco
2%
Alaska7,831Wasilla
2%
Ohio5,513Waterville
2%
Maine16,182Waterville
2%
Minnesota1,868Waterville
2%
Washington1,138Waterville
2%
California51,199Watsonville
2%
Iowa13,790Waukee
2%
Iowa3,897Waukon
2%
Texas29,538Waxahachie
2%
North Carolina9,904Waxhaw
2%
Virginia20,998Waynesboro
2%
Pennsylvania10,563Waynesboro
2%
Mississippi5,043Waynesboro
2%
Georgia5,766Waynesboro
2%
Tennessee2,449Waynesboro
2%
Minnesota3,688Wayzata
2%
South Dakota1,886Webster
2%
New Hampshire1,872Webster
2%
Massachusetts16,767Webster
2%
Texas10,624Webster
2%
Florida1,114Webster
2%
Iowa8,070Webster City
2%
California2,967Weed
2%
West Virginia19,746Weirton
2%
West Virginia2,406Welch
2%
Massachusetts27,982Wellesley
2%
West Virginia2,805Wellsburg
2%
Kansas1,854Wellsville
2%
Missouri1,217Wellsville
2%
Utah3,641Wellsville
2%
Ohio3,541Wellsville
2%
Arizona2,882Wellton
2%
Utah1,243Wendover
2%
North Carolina2,779Wentworth
2%
Missouri29,070Wentzville
2%
Texas36,774Weslaco
2%
Wisconsin60,411West Allis
2%
Maine17,886Westbrook
2%
Rhode Island22,787Westerly
2%
Ohio36,273Westerville
2%
Massachusetts21,951Westford
2%
Arkansas26,245West Memphis
2%
Florida8,052West Miami
2%
Ohio4,627West Milton
2%
Washington11,833West Richland
2%
California48,744West Sacramento
2%
Rhode Island29,191West Warwick
2%
Nevada4,410West Wendover
2%
Kansas1,506Westwood
2%
New Jersey10,908Westwood
2%
Massachusetts14,618Westwood
2%
New Jersey6,522Wharton
2%
Texas8,878Wharton
2%
Colorado30,166Wheat Ridge
2%
Texas1,572Wheeler
2%
Minnesota23,797White Bear Lake
2%
Tennessee4,638Whiteville
2%
North Carolina5,371Whiteville
2%
Oklahoma2,843Wilburton
2%
Arizona3,757Willcox
2%
North Carolina5,746Williamston
2%
South Carolina3,934Williamston
2%
Michigan3,854Williamston
2%
Kentucky3,925Williamstown
2%
Pennsylvania1,393Williamstown
2%
Massachusetts7,754Williamstown
2%
West Virginia2,908Williamstown
2%
Illinois1,476Williamsville
2%
South Carolina3,139Williston
2%
North Dakota14,716Williston
2%
Florida2,718Williston
2%
Illinois8,540Willowbrook
2%
Illinois27,087Wilmette
2%
Alabama1,827Wilsonville
2%
Oregon19,509Wilsonville
2%
Missouri1,404Winfield
2%
Alabama4,717Winfield
2%
West Virginia2,301Winfield
2%
Illinois9,080Winfield
2%
Kansas12,332Winfield
2%
Iowa1,134Winfield
2%
Illinois3,101Winnebago
2%
Minnesota1,437Winnebago
2%
Louisiana4,840Winnfield
2%
Arizona9,655Winslow
2%
Florida45,266Winter Garden
2%
Massachusetts17,497Winthrop
2%
Minnesota1,399Winthrop
2%
Virginia3,235Wise
2%
Massachusetts38,120Woburn
2%
New Jersey2,472Woodbine
2%
Georgia1,412Woodbine
2%
Iowa1,459Woodbine
2%
Illinois13,770Wood Dale
2%
Washington10,941Woodinville
2%
California7,279Woodlake
2%
California5,287Woodside
2%
Washington1,302Woodway
2%
Texas8,432Woodway
2%
Ohio26,175Wooster
2%
Wyoming5,487Worland
2%
Wyoming1,807Wright
2%
Michigan25,883Wyandotte
2%
Texas41,677Wylie
2%
Arkansas8,367Wynne
2%
Pennsylvania10,448Wyomissing
2%
South Dakota14,454Yankton
2%
Massachusetts23,793Yarmouth
2%
Ohio3,508Yellow Springs
2%
Nevada3,048Yerington
2%
California64,234Yorba Linda
2%
Illinois16,921Yorkville
2%
Ohio1,079Yorkville
2%
Arizona6,156Youngtown
2%
California51,367Yucaipa
2%
Nebraska1,186Yutan
2%
Michigan5,504Zeeland
2%
Michigan1,658Zilwaukee
2%
Minnesota5,228Zimmerman
2%
Louisiana1,759Zwolle
2%
Alabama2,688Abbeville
0%
Georgia2,908Abbeville
0%
South Carolina5,237Abbeville
0%
Louisiana12,257Abbeville
0%
Wisconsin2,310Abbotsford
0%
Pennsylvania1,011Abbottstown
0%
Texas2,812Abernathy
0%
Illinois3,319Abingdon
0%
Virginia8,206Abingdon
0%
Louisiana2,365Abita Springs
0%
New Jersey8,411Absecon
0%
Puerto Rico1,436Aceitunas
0%
Mississippi1,510Ackerman
0%
Massachusetts10,303Acushnet
0%
Georgia20,425Acworth
0%
Tennessee2,207Adamsville
0%
Alabama4,522Adamsville
0%
California31,765Adelanto
0%
Puerto Rico4,406Adjuntas
0%
Michigan21,133Adrian
0%
Minnesota1,209Adrian
0%
Missouri1,677Adrian
0%
Missouri1,347Advance
0%
Guam3,808Agana Heights
0%
Guam4,917Agat
0%
Massachusetts28,438Agawam
0%
California20,330Agoura Hills
0%
Puerto Rico3,212Aguada
0%
Puerto Rico4,204Aguas Buenas
0%
Puerto Rico3,006Aguas Claras
0%
Puerto Rico4,747Aguilita
0%
North Carolina5,057Ahoskie
0%
Puerto Rico8,249Aibonito
0%
Nebraska1,728Ainsworth
0%
Washington7,540Airway Heights
0%
Minnesota2,165Aitkin
0%
Alabama30,352Alabaster
0%
Florida9,949Alachua
0%
Texas7,020Alamo Heights
0%
Illinois1,190Albers
0%
Minnesota18,016Albert Lea
0%
Iowa3,766Albia
0%
Pennsylvania2,355Alburtis
0%
Tennessee8,449Alcoa
0%
Pennsylvania4,156Aldan
0%
West Virginia1,184Alderson
0%
Illinois3,640Aledo
0%
Texas2,701Aledo
0%
Wisconsin3,167Algoma
0%
Michigan4,110Algonac
0%
Illinois30,046Algonquin
0%
Tennessee3,495Algood
0%
Puerto Rico2,569Alianza
0%
Alabama2,486Aliceville
0%
Pennsylvania9,437Aliquippa
0%
Michigan4,998Allegan
0%
New Jersey6,505Allendale
0%
South Carolina3,482Allendale
0%
New Hampshire4,322Allenstown
0%
Ohio22,320Alliance
0%
Nebraska8,491Alliance
0%
Michigan2,674Almont
0%
Illinois2,002Alorton
0%
Texas5,993Alpine
0%
New Jersey1,849Alpine
0%
Utah10,197Alpine
0%
Illinois19,277Alsip
0%
New Hampshire1,937Alstead
0%
Virginia3,452Altavista
0%
California2,827Alturas
0%
Oklahoma19,813Altus
0%
Oklahoma4,945Alva
0%
Texas3,752Alvarado
0%
Texas1,334Alvord
0%
Ohio3,747Amberley
0%
Pennsylvania7,048Ambridge
0%
Ohio4,805Amelia
0%
California19,454American Canyon
0%
Idaho4,457American Falls
0%
Utah28,507American Fork
0%
Georgia17,041Americus
0%
Wisconsin2,902Amery
0%
Massachusetts16,283Amesbury
0%
Louisiana4,141Amite City
0%
Oregon1,614Amity
0%
Idaho13,816Ammon
0%
Mississippi7,316Amory
0%
Montana9,298Anaconda
0%
Oklahoma6,762Anadarko
0%
Texas2,241Anahuac
0%
Iowa5,533Anamosa
0%
Puerto Rico5,075Añasco
0%
Alabama9,015Andalusia
0%
Illinois1,178Andalusia
0%
New Mexico1,216Angel Fire
0%
California3,836Angels Camp
0%
North Carolina4,422Angier
0%
Texas18,827Angleton
0%
Puerto Rico1,203Animas
0%
Florida1,749Anna Maria
0%
Minnesota3,228Annandale
0%
Texas2,747Annetta
0%
West Virginia1,404Ansted
0%
Wisconsin8,234Antigo
0%
Oklahoma2,453Antlers
0%
Puerto Rico1,589Antón Ruíz
0%
New Hampshire2,637Antrim
0%
Florida2,344Apalachicola
0%
Iowa1,128Aplington
0%
Pennsylvania1,647Apollo
0%
Ohio1,173Apple Creek
0%
Missouri1,127Appleton City
0%
Alabama8,050Arab
0%
Georgia1,249Aragon
0%
Texas8,204Aransas Pass
0%
Georgia1,786Arcade
0%
Ohio2,108Arcanum
0%
California17,231Arcata
0%
Pennsylvania6,984Archbald
0%
Ohio4,328Archbold
0%
North Carolina11,434Archdale
0%
Florida1,173Archer
0%
Texas1,834Archer City
0%
North Carolina4,265Archer Lodge
0%
Missouri1,170Archie
0%
Texas1,609Arcola
0%
Illinois2,916Arcola
0%
Minnesota9,552Arden Hills
0%
Alabama1,194Ardmore
0%
Tennessee1,213Ardmore
0%
Oklahoma24,283Ardmore
0%
Puerto Rico44,191Arecibo
0%
Texas3,247Argyle
0%
Oklahoma1,989Arkoma
0%
Michigan1,730Armada
0%
Louisiana1,057Arnaudville
0%
Iowa1,126Arnolds Park
0%
Puerto Rico6,396Arroyo
0%
California17,252Arroyo Grande
0%
New Mexico11,301Artesia
0%
California16,522Artesia
0%
California19,304Arvin
0%
Guam2,137Asan-Maina
0%
Iowa4,170Asbury
0%
New Jersey16,008Asbury Park
0%
Georgia4,152Ashburn
0%
Massachusetts6,081Ashburnham
0%
Massachusetts3,074Ashby
0%
Arkansas4,723Ashdown
0%
North Carolina25,390Asheboro
0%
Texas1,046Asherton
0%
Massachusetts1,737Ashfield
0%
Arkansas1,082Ash Flat
0%
Missouri1,472Ash Grove
0%
Tennessee4,541Ashland City
0%
Washington1,245Asotin
0%
Pennsylvania2,801Aspinwall
0%
Illinois1,168Assumption
0%
Florida2,059Astatula
0%
California28,310Atascadero
0%
Pennsylvania1,408Atglen
0%
Oregon1,126Athena
0%
California6,914Atherton
0%
Massachusetts11,584Athol
0%
New Jersey4,385Atlantic Highlands
0%
Florida2,109Atlantis
0%
Alabama10,194Atmore
0%
Tennessee8,387Atoka
0%
Oklahoma3,107Atoka
0%
Alabama6,048Attalla
0%
Indiana3,245Attica
0%
Minnesota1,133Atwater
0%
California28,168Atwater
0%
Illinois1,224Atwood
0%
Kansas1,194Atwood
0%
American Samoa2,077Aua
0%
Texas2,612Aubrey
0%
Florida16,291Auburndale
0%
Iowa2,043Audubon
0%
New Jersey8,819Audubon
0%
New Jersey1,023Audubon Park
0%
Kentucky1,473Audubon Park
0%
Colorado1,519Ault
0%
Oregon3,584Aumsville
0%
Georgia6,581Austell
0%
Missouri2,993Ava
0%
Pennsylvania4,709Avalon
0%
California3,728Avalon
0%
New Jersey1,334Avalon
0%
California15,505Avenal
0%
Pennsylvania1,488Avis
0%
Illinois1,945Aviston
0%
New Jersey1,901Avon-by-the-Sea
0%
Georgia2,960Avondale Estates
0%
Ohio22,581Avon Lake
0%
Pennsylvania1,014Avonmore
0%
Florida10,695Avon Park
0%
South Carolina1,294Awendaw
0%
North Carolina5,000Ayden
0%
Massachusetts7,427Ayer
0%
Texas10,882Azle
0%
Minnesota1,475Babbitt
0%
Michigan3,129Bad Axe
0%
Pennsylvania4,129Baden
0%
North Carolina1,974Badin
0%
Minnesota1,392Bagley
0%
Georgia12,697Bainbridge
0%
Washington23,025Bainbridge Island
0%
Texas1,496Baird
0%
Puerto Rico3,710Bajadero
0%
Puerto Rico1,309Bajandas
0%
Oregon9,828Baker City
0%
Texas23,897Balch Springs
0%
Texas2,748Balcones Heights
0%
Arkansas2,897Bald Knob
0%
Pennsylvania19,758Baldwin
0%
Michigan1,208Baldwin
0%
Florida1,495Baldwin
0%
Louisiana2,436Baldwin
0%
Georgia3,279Baldwin
0%
Kansas4,514Baldwin City
0%
California75,390Baldwin Park
0%
Mississippi3,297Baldwyn
0%
Florida3,039Bal Harbour
0%
Louisiana4,000Ball
0%
Georgia1,433Ball Ground
0%
Texas3,766Ballinger
0%
Missouri30,404Ballwin
0%
Pennsylvania1,074Bally
0%
South Dakota1,089Baltic
0%
South Carolina3,607Bamberg
0%
Oregon3,066Bandon
0%
Texas1,613Bangs
0%
Oregon1,777Banks
0%
North Carolina1,021Banner Elk
0%
California29,603Banning
0%
Illinois1,583Bannockburn
0%
Wisconsin12,048Baraboo
0%
Michigan2,053Baraga
0%
Puerto Rico2,469Barahona
0%
Ohio26,552Barberton
0%
Kentucky1,218Barbourmeade
0%
West Virginia3,964Barboursville
0%
Kentucky3,165Barbourville
0%
Puerto Rico3,785Barceloneta
0%
Kentucky11,700Bardstown
0%
Arkansas4,649Barling
0%
Ohio4,196Barnesville
0%
Georgia6,755Barnesville
0%
Minnesota2,563Barnesville
0%
Oklahoma1,243Barnsdall
0%
New Hampshire4,593Barnstead
0%
Wyoming2,213Bar Nunn
0%
South Carolina4,750Barnwell
0%
West Virginia1,302Barrackville
0%
Puerto Rico2,695Barranquitas
0%
Guam8,875Barrigada
0%
New Jersey6,983Barrington
0%
Rhode Island16,310Barrington
0%
Illinois10,327Barrington
0%
New Hampshire8,576Barrington
0%
Illinois4,209Barrington Hills
0%
Wisconsin3,423Barron
0%
Oklahoma35,750Bartlesville
0%
Puerto Rico1,311Bartolo
0%
Florida19,926Bartow
0%
Kansas4,641Basehor
0%
Louisiana1,821Basile
0%
Wyoming1,285Basin
0%
Texas7,355Bastrop
0%
Louisiana11,365Bastrop
0%
Illinois26,045Batavia
0%
New York15,465Batavia
0%
Ohio1,625Batavia
0%
South Carolina5,362Batesburg-Leesville
0%
Arkansas10,248Batesville
0%
Indiana6,520Batesville
0%
Mississippi7,463Batesville
0%
Missouri5,590Battlefield
0%
Minnesota1,106Baudette
0%
Georgia4,400Baxley
0%
Kansas4,272Baxter Springs
0%
Nebraska1,209Bayard
0%
New Mexico2,328Bayard
0%
North Carolina1,261Bayboro
0%
Colorado2,333Bayfield
0%
Florida5,964Bay Harbor Islands
0%
Alabama8,044Bay Minette
0%
Alabama2,558Bayou La Batre
0%
Texas1,534Bayou Vista
0%
Minnesota3,471Bayport
0%
Mississippi1,786Bay Springs
0%
Mississippi9,260Bay St. Louis
0%
Ohio15,651Bay Village
0%
Texas2,277Beach City
0%
Ohio1,030Beach City
0%
Illinois13,638Beach Park
0%
Ohio11,927Beachwood
0%
New Jersey11,045Beachwood
0%
Tennessee2,826Bean Station
0%
Illinois6,123Beardstown
0%
Nebraska12,684Beatrice
0%
Kentucky1,307Beattyville
0%
Wisconsin16,243Beaver Dam
0%
Kentucky3,409Beaver Dam
0%
Pennsylvania8,995Beaver Falls
0%
Illinois1,040Beckemeyer
0%
Minnesota4,538Becker
0%
Massachusetts1,779Becket
0%
Ohio10,757Bedford Heights
0%
Arkansas7,315Beebe
0%
Texas3,985Bee Cave
0%
Illinois4,359Beecher
0%
Indiana14,192Beech Grove
0%
Kentucky1,324Beechwood Village
0%
Texas12,858Beeville
0%
Oklahoma1,321Beggs
0%
Kansas6,769Bel Aire
0%
Massachusetts14,649Belchertown
0%
Michigan5,757Belding
0%
New Mexico7,269Belen
0%
North Carolina1,692Belhaven
0%
West Virginia1,921Belington
0%
Pennsylvania1,390Bell Acres
0%
Arkansas26,461Bella Vista
0%
Ohio6,953Bellbrook
0%
Florida4,217Belleair
0%
Florida1,609Belleair Beach
0%
Florida2,199Belleair Bluffs
0%
Ohio13,364Bellefontaine
0%
Missouri10,860Bellefontaine Neighbors
0%
Delaware1,167Bellefonte
0%
Pennsylvania6,188Bellefonte
0%
South Dakota5,594Belle Fourche
0%
Florida20,058Belle Glade
0%
Florida7,166Belle Isle
0%
Tennessee2,912Belle Meade
0%
Kansas1,676Belle Plaine
0%
Minnesota6,661Belle Plaine
0%
Iowa2,534Belle Plaine
0%
Pennsylvania1,088Belle Vernon
0%
Florida5,022Belleview
0%
California42,072Bell Gardens
0%
New Jersey11,583Bellmawr
0%
Texas9,906Bellmead
0%
Illinois19,071Bellwood
0%
Pennsylvania1,848Bellwood
0%
New Jersey5,794Belmar
0%
Iowa2,376Belmond
0%
Missouri1,499Bel-Nor
0%
Ohio6,441Belpre
0%
Missouri2,737Bel-Ridge
0%
California2,068Belvedere
0%
Illinois25,585Belvidere
0%
New Jersey2,681Belvidere
0%
North Carolina1,933Belville
0%
Mississippi2,235Belzoni
0%
Illinois1,730Bement
0%
Texas1,496Benavides
0%
Pennsylvania1,783Ben Avon
0%
Texas21,198Benbrook
0%
California26,997Benicia
0%
Puerto Rico1,409Benítez
0%
Illinois1,556Benld
0%
Colorado2,308Bennett
0%
South Carolina9,069Bennettsville
0%
Illinois18,352Bensenville
0%
Pennsylvania2,577Bentleyville
0%
Washington3,032Benton City
0%
West Virginia1,420Benwood
0%
Kentucky13,561Berea
0%
Ohio19,077Berea
0%
New Jersey26,652Bergenfield
0%
Georgia1,574Berkeley Lake
0%
North Carolina2,508Bermuda Run
0%
Massachusetts2,129Bernardston
0%
New Jersey7,707Bernardsville
0%
Indiana3,999Berne
0%
Louisiana1,689Bernice
0%
Michigan1,800Berrien Springs
0%
Arkansas5,356Berryville
0%
Virginia4,182Berryville
0%
Colorado5,105Berthoud
0%
Texas1,355Bertram
0%
Pennsylvania10,474Berwick
0%
Louisiana4,946Berwick
0%
Maryland3,123Berwyn Heights
0%
Michigan1,905Bessemer
0%
Alabama27,456Bessemer
0%
Pennsylvania1,111Bessemer
0%
North Carolina5,328Bessemer City
0%
Illinois9,521Bethalto
0%
Oklahoma2,895Bethel Acres
0%
Arkansas2,372Bethel Heights
0%
Pennsylvania32,323Bethel Park
0%
North Dakota3,121Beulah
0%
North Carolina1,293Beulaville
0%
Texas1,274Bevil Oaks
0%
Ohio13,054Bexley
0%
Indiana2,915Bicknell
0%
Maine21,337Biddeford
0%
California5,019Big Bear Lake
0%
Pennsylvania1,965Big Beaver
0%
California1,707Biggs
0%
Texas2,936Big Lake
0%
Minnesota10,060Big Lake
0%
Pennsylvania1,201Biglerville
0%
Michigan10,601Big Rapids
0%
Texas1,343Big Sandy
0%
Texas27,282Big Spring
0%
Virginia5,629Big Stone Gap
0%
Montana1,641Big Timber
0%
North Carolina1,343Biltmore Forest
0%
Michigan1,111Bingham Farms
0%
Michigan1,555Birch Run
0%
Minnesota1,042Bird Island
0%
Pennsylvania5,137Birdsboro
0%
Arizona5,575Bisbee
0%
Florida3,159Biscayne Park
0%
North Carolina1,762Biscoe
0%
Texas3,134Bishop
0%
California3,879Bishop
0%
South Carolina3,471Bishopville
0%
Oklahoma20,884Bixby
0%
Washington4,151Black Diamond
0%
Idaho11,899Blackfoot
0%
Missouri6,929Black Jack
0%
Wisconsin3,622Black River Falls
0%
Georgia3,445Blackshear
0%
Virginia3,620Blackstone
0%
Massachusetts9,026Blackstone
0%
Oklahoma7,092Blackwell
0%
North Carolina1,748Bladenboro
0%
Maryland9,148Bladensburg
0%
Delaware1,442Blades
0%
Pennsylvania3,405Blairsville
0%
Pennsylvania6,560Blakely
0%
Georgia5,068Blakely
0%
Ohio4,243Blanchester
0%
Texas1,803Blanco
0%
Massachusetts1,233Blandford
0%
Utah3,641Blanding
0%
Pennsylvania1,432Blawnox
0%
Michigan3,340Blissfield
0%
Wisconsin3,539Bloomer
0%
Minnesota1,996Blooming Prairie
0%
Pennsylvania1,542Blossburg
0%
Texas1,495Blossom
0%
Florida2,478Blountstown
0%
Alabama1,684Blountsville
0%
North Carolina1,247Blowing Rock
0%
Ohio12,016Blue Ash
0%
Iowa1,452Blue Grass
0%
Illinois23,706Blue Island
0%
California1,253Blue Lake
0%
Texas2,393Blue Mound
0%
Illinois1,158Blue Mound
0%
Kansas1,019Blue Rapids
0%
Georgia1,290Blue Ridge
0%
Missouri52,575Blue Springs
0%
Tennessee1,733Bluff City
0%
Utah10,869Bluffdale
0%
Arkansas15,620Blytheville
0%
South Carolina2,034Blythewood
0%
Oregon3,220Boardman
0%
Alabama9,551Boaz
0%
Texas10,669Boerne
0%
Louisiana12,232Bogalusa
0%
Georgia1,034Bogart
0%
Texas1,154Bogata
0%
North Carolina5,373Boiling Spring Lakes
0%
North Carolina4,631Boiling Springs
0%
Oklahoma1,184Boley
0%
Tennessee5,417Bolivar
0%
West Virginia1,045Bolivar
0%
Missouri10,325Bolivar
0%
Iowa3,860Bondurant
0%
Texas10,127Bonham
0%
Florida2,692Bonifay
0%
Pennsylvania1,807Bonneauville
0%
Kansas7,334Bonner Springs
0%
Missouri6,864Bonne Terre
0%
Arkansas2,131Bono
0%
Arkansas3,990Booneville
0%
Mississippi8,743Booneville
0%
New Jersey8,347Boonton
0%
Indiana6,246Boonville
0%
Missouri8,319Boonville
0%
North Carolina1,192Boonville
0%
Puerto Rico2,023Boquerón
0%
Puerto Rico1,043Boquerón
0%
New Jersey3,924Bordentown
0%
Texas13,350Borger
0%
Wisconsin3,231Boscobel
0%
New Mexico3,904Bosque Farms
0%
Ohio1,317Boston Heights
0%
Pennsylvania1,277Boswell
0%
Ohio1,168Botkins
0%
North Dakota2,211Bottineau
0%
New Jersey10,402Bound Brook
0%
Illinois18,631Bourbonnais
0%
Texas1,862Bovina
0%
Georgia2,040Bowdon
0%
Massachusetts4,996Boxborough
0%
South Dakota7,800Box Elder
0%
Massachusetts7,965Boxford
0%
Louisiana1,004Boyce
0%
Texas1,207Boyd
0%
Pennsylvania4,062Boyertown
0%
Michigan3,735Boyne City
0%
Pennsylvania3,256Brackenridge
0%
Texas1,688Brackettville
0%
California1,048Bradbury
0%
Pennsylvania1,880Braddock Hills
0%
Florida1,278Bradenton Beach
0%
Pennsylvania1,171Bradford Woods
0%
New Jersey4,298Bradley Beach
0%
Minnesota1,793Braham
0%
Illinois6,191Braidwood
0%
South Carolina1,024Branchville
0%
Kentucky2,643Brandenburg
0%
Georgia7,511Braselton
0%
Ohio1,197Bratenahl
0%
California24,953Brawley
0%
Oklahoma1,209Bray
0%
Indiana7,912Brazil
0%
Texas3,028Brazoria
0%
Louisiana8,139Breaux Bridge
0%
Missouri4,746Breckenridge Hills
0%
Ohio13,658Brecksville
0%
Illinois4,442Breese
0%
Minnesota2,346Breezy Point
0%
Puerto Rico3,373Breñas
0%
Texas15,824Brenham
0%
Maine9,317Brewer
0%
Washington2,369Brewster
0%
Ohio2,168Brewster
0%
Massachusetts9,820Brewster
0%
Alabama5,408Brewton
0%
Texas1,435Briarcliff
0%
Texas7,837Bridge City
0%
New Jersey24,958Bridgeton
0%
Missouri11,550Bridgeton
0%
Illinois16,446Bridgeview
0%
Pennsylvania5,148Bridgeville
0%
Delaware2,366Bridgeville
0%
Michigan2,291Bridgman
0%
New Jersey4,774Brielle
0%
Washington6,276Brier
0%
New Jersey9,450Brigantine
0%
Utah18,736Brigham City
0%
Wisconsin3,148Brillion
0%
Massachusetts3,609Brimfield
0%
Arkansas3,188Brinkley
0%
Oklahoma4,222Bristow
0%
South Dakota1,241Britton
0%
Illinois7,932Broadview
0%
Ohio19,397Broadview Heights
0%
North Carolina1,209Broadway
0%
Virginia3,693Broadway
0%
Pennsylvania2,113Brockway
0%
Kentucky1,211Brodhead
0%
Wisconsin3,293Brodhead
0%
New Jersey1,955Brooklawn
0%
Georgia1,395Brooklet
0%
Ohio1,540Brooklyn Heights
0%
Virginia1,112Brookneal
0%
Ohio19,212Brook Park
0%
Texas4,712Brookshire
0%
Alabama1,363Brookside
0%
Texas1,515Brookside Village
0%
Mississippi1,223Brooksville
0%
Florida8,298Brooksville
0%
Pennsylvania3,930Brookville
0%
Ohio5,869Brookville
0%
Louisiana8,197Broussard
0%
Texas9,657Brownfield
0%
Texas1,044Brownsboro
0%
Texas19,306Brownwood
0%
Georgia1,189Broxton
0%
Mississippi1,939Bruce
0%
Tennessee1,478Bruceton
0%
Texas1,620Bruceville-Eddy
0%
Alabama2,076Brundidge
0%
Colorado5,463Brush
0%
Louisiana2,589Brusly
0%
Pennsylvania1,367Bryn Athyn
0%
North Carolina1,422Bryson City
0%
Ohio2,744Buckeye Lake
0%
West Virginia5,639Buckhannon
0%
Massachusetts1,902Buckland
0%
Washington4,344Buckley
0%
Missouri3,076Buckner
0%
Ohio12,390Bucyrus
0%
Mississippi1,063Bude
0%
Wisconsin1,023Buffalo City
0%
Illinois41,496Buffalo Grove
0%
Georgia12,225Buford
0%
Minnesota1,000Buhl
0%
Idaho4,122Buhl
0%
Kansas1,333Buhler
0%
Texas2,469Bullard
0%
Arkansas1,950Bull Shoals
0%
Illinois1,077Bull Valley
0%
Texas4,681Bulverde
0%
Illinois1,774Bunker Hill
0%
Texas3,638Bunker Hill Village
0%
Louisiana4,171Bunkie
0%
Florida2,820Bunnell
0%
North Carolina3,854Burgaw
0%
Pennsylvania1,381Burgettstown
0%
Texas10,814Burkburnett
0%
Kentucky1,521Burkesville
0%
Idaho10,345Burley
0%
California28,806Burlingame
0%
Texas5,972Burnet
0%
South Carolina2,673Burnettown
0%
Illinois4,206Burnham
0%
Pennsylvania2,058Burnham
0%
Oklahoma2,057Burns Flat
0%
Rhode Island15,955Burrillville
0%
Illinois10,559Burr Ridge
0%
Nebraska1,209Burwell
0%
Illinois3,117Bushnell
0%
Florida3,119Bushnell
0%
North Carolina7,589Butner
0%
Ohio2,444Byesville
0%
Mississippi1,302Byhalia
0%
Oklahoma1,175Byng
0%
Mississippi11,489Byram
0%
Missouri2,781Byrnes Mill
0%
Georgia4,512Byron
0%
Illinois3,753Byron
0%
Minnesota4,914Byron
0%
Puerto Rico3,334Cabán
0%
Missouri2,146Cabool
0%
Puerto Rico9,803Cabo Rojo
0%
Arkansas23,776Cabot
0%
Puerto Rico1,001Cacao
0%
Oklahoma2,796Cache
0%
Texas3,179Cactus
0%
Texas1,370Caddo Mills
0%
Michigan10,355Cadillac
0%
Puerto Rico82,243Caguas
0%
Illinois15,241Cahokia
0%
North Carolina2,776Cajah's Mountain
0%
California23,058Calabasas
0%
North Carolina1,786Calabash
0%
Maine3,004Calais
0%
Minnesota2,868Caledonia
0%
Michigan1,511Caledonia
0%
Mississippi1,041Caledonia
0%
Oklahoma2,164Calera
0%
Alabama11,620Calera
0%
Mississippi1,774Calhoun City
0%
South Carolina2,004Calhoun Falls
0%
Arkansas1,545Calico Rock
0%
Nevada1,130Caliente
0%
New Jersey1,076Califon
0%
California7,879Calimesa
0%
California7,705Calipatria
0%
California5,155Calistoga
0%
Florida1,353Callahan
0%
Florida15,216Callaway
0%
Illinois7,835Calumet Park
0%
Texas1,192Calvert
0%
Kentucky2,566Calvert City
0%
Missouri1,293Calverton Park
0%
Iowa4,448Camanche
0%
Kentucky1,081Camargo
0%
Illinois1,228Cambria
0%
Pennsylvania2,595Cambridge Springs
0%
Missouri3,718Camdenton
0%
Georgia5,360Camilla
0%
Puerto Rico6,868Campanilla
0%
Kentucky9,108Campbellsville
0%
Pennsylvania7,886Camp Hill
0%
Alabama1,014Camp Hill
0%
Puerto Rico3,006Campo Rico
0%
Illinois1,132Camp Point
0%
Louisiana1,056Campti
0%
New Hampshire3,333Campton
0%
Illinois11,131Campton Hills
0%
Arizona10,873Camp Verde
0%
Puerto Rico3,704Camuy
0%
Texas2,649Canadian
0%
Ohio5,469Canal Fulton
0%
Ohio7,117Canal Winchester
0%
New York10,545Canandaigua
0%
Oregon15,829Canby
0%
Minnesota1,795Canby
0%
Puerto Rico16,760Candelaria
0%
Puerto Rico4,818Candelaria Arenas
0%
Puerto Rico1,215Candelero Arriba
0%
North Dakota1,115Cando
0%
Kansas2,215Caney
0%
Ohio7,535Canfield
0%
Indiana1,563Cannelton
0%
Oregon1,690Cannon Beach
0%
Minnesota4,083Cannon Falls
0%
Colorado16,400Cañon City
0%
Pennsylvania8,996Canonsburg
0%
Puerto Rico7,297Canóvanas
0%
California10,561Canyon Lake
0%
Oregon1,884Canyonville
0%
Michigan1,890Capac
0%
North Carolina1,990Cape Carteret
0%
Virginia1,009Cape Charles
0%
New Mexico1,489Capitan
0%
Puerto Rico3,954Capitanejo
0%
California9,918Capitola
0%
Maryland4,337Capitol Heights
0%
Illinois1,376Capron
0%
Arkansas1,279Caraway
0%
Illinois2,134Carbon Cliff
0%
Alabama2,021Carbon Hill
0%
Ohio2,047Cardington
0%
Arizona3,363Carefree
0%
Louisiana7,526Carencro
0%
Ohio3,676Carey
0%
Nevada2,368Carlin
0%
Illinois5,917Carlinville
0%
Missouri7,445Carl Junction
0%
New Jersey6,127Carlstadt
0%
Illinois3,281Carlyle
0%
California3,722Carmel-by-the-Sea
0%
Illinois5,240Carmi
0%
Washington1,786Carnation
0%
Oklahoma1,723Carnegie
0%
Pennsylvania7,975Carnegie
0%
North Carolina5,706Carolina Beach
0%
North Carolina3,357Carolina Shores
0%
Illinois39,711Carol Stream
0%
California13,040Carpinteria
0%
Florida2,515Carrabelle
0%
North Carolina19,567Carrboro
0%
Illinois1,653Carrier Mills
0%
North Dakota2,065Carrington
0%
Puerto Rico2,738Carrizales
0%
Texas5,368Carrizo Springs
0%
Pennsylvania3,876Carroll Valley
0%
New Jersey22,625Carteret
0%
Georgia19,731Cartersville
0%
Massachusetts11,509Carver
0%
Minnesota3,724Carver
0%
Tennessee2,297Caryville
0%
Iowa1,978Cascade
0%
Oregon1,144Cascade Locks
0%
Illinois4,245Caseyville
0%
Washington3,116Cashmere
0%
Michigan2,428Cass City
0%
Florida28,876Casselberry
0%
North Dakota2,329Casselton
0%
Michigan1,774Cassopolis
0%
Missouri3,266Cassville
0%
Utah1,631Castle Dale
0%
Texas4,122Castle Hills
0%
Pennsylvania8,308Castle Shannon
0%
Texas2,785Castroville
0%
Puerto Rico28,140Cataño
0%
Pennsylvania6,438Catasauqua
0%
Pennsylvania1,552Catawissa
0%
Kentucky1,856Catlettsburg
0%
Illinois2,040Catlin
0%
Oklahoma7,151Catoosa
0%
North Dakota1,302Cavalier
0%
Kentucky2,240Cave City
0%
Arkansas1,950Cave City
0%
Oregon1,883Cave Junction
0%
Georgia1,200Cave Spring
0%
Arkansas1,729Cave Springs
0%
South Carolina12,528Cayce
0%
Puerto Rico16,680Cayey
0%
Puerto Rico1,120Cayuco
0%
Wisconsin11,412Cedarburg
0%
Colorado2,253Cedaredge
0%
Utah10,266Cedar Hills
0%
Michigan3,509Cedar Springs
0%
Georgia9,750Cedartown
0%
Arkansas1,394Cedarville
0%
Ohio3,983Cedarville
0%
Puerto Rico3,381Ceiba
0%
Puerto Rico5,633Ceiba
0%
Puerto Rico4,081Celada
0%
Ohio1,773Centerburg
0%
Utah1,416Centerfield
0%
New Hampshire1,096Center Harbor
0%
Florida1,409Center Hill
0%
Michigan8,257Center Line
0%
Alabama16,921Center Point
0%
Iowa2,421Center Point
0%
Arkansas9,515Centerton
0%
Puerto Rico1,301Central Aguirre
0%
Rhode Island19,376Central Falls
0%
Oklahoma1,199Central High
0%
Oregon17,169Central Point
0%
Pennsylvania1,252Centre Hall
0%
Florida1,817Century
0%
West Virginia1,450Ceredo
0%
Illinois1,403Cerro Gordo
0%
North Carolina1,836Chadbourn
0%
Missouri2,955Chaffee
0%
Northern Mariana Islands3,108Chalan Kanoa
0%
Guam6,822Chalan-Pago-Ordot
0%
Pennsylvania4,022Chalfont
0%
Idaho1,081Challis
0%
New Mexico1,022Chama
0%
Pennsylvania20,204Chambersburg
0%
Georgia9,892Chamblee
0%
Minnesota23,089Champlin
0%
Illinois12,560Channahon
0%
Kansas9,125Chanute
0%
South Carolina1,445Chapin
0%
Kansas1,412Chapman
0%
West Virginia1,256Chapmanville
0%
Ohio5,148Chardon
0%
Iowa4,321Chariton
0%
Missouri1,363Charlack
0%
Pennsylvania4,108Charleroi
0%
Virginia2,344Chase City
0%
New Jersey8,962Chatham Borough
0%
Alabama1,288Chatom
0%
Florida3,065Chattahoochee
0%
Georgia2,378Chattahoochee Hills
0%
Ohio1,038Chauncey
0%
Illinois1,062Chebanse
0%
Oklahoma3,335Checotah
0%
Illinois1,785Chenoa
0%
South Carolina5,851Cheraw
0%
Arkansas4,671Cherokee Village
0%
Colorado5,987Cherry Hills Village
0%
Kansas2,377Cherryvale
0%
Illinois3,162Cherry Valley
0%
Michigan2,394Chesaning
0%
New Jersey1,634Chesilhurst
0%
New Jersey1,649Chester Borough
0%
Pennsylvania2,544Chester Heights
0%
Pennsylvania1,746Cheswick
0%
Delaware1,623Cheswold
0%
Wisconsin2,221Chetek
0%
Kansas1,121Chetopa
0%
Maryland6,173Cheverly
0%
Ohio8,378Cheviot
0%
Maryland1,953Chevy Chase Village
0%
Washington2,603Chewelah
0%
Illinois14,305Chicago Ridge
0%
Georgia3,101Chickamauga
0%
Oklahoma16,036Chickasha
0%
Pennsylvania1,027Chicora
0%
Florida2,169Chiefland
0%
Alabama5,175Childersburg
0%
Texas6,105Childress
0%
Virginia1,811Chilhowie
0%
Wisconsin3,933Chilton
0%
North Carolina4,162China Grove
0%
Texas1,180China Grove
0%
Virginia2,941Chincoteague
0%
Montana1,203Chinook
0%
Arizona10,817Chino Valley
0%
Florida3,570Chipley
0%
Minnesota4,967Chisago City
0%
Minnesota4,976Chisholm
0%
Montana1,684Choteau
0%
Oklahoma2,097Chouteau
0%
California18,720Chowchilla
0%
Illinois1,343Chrisman
0%
Pennsylvania1,168Christiana
0%
Virginia20,965Christiansburg
0%
Idaho13,922Chubbuck
0%
Tennessee6,737Church Hill
0%
Louisiana4,560Church Point
0%
Puerto Rico2,591Ciales
0%
Texas20,203Cibolo
0%
Puerto Rico5,109Cidra
0%
Kansas2,179Cimarron
0%
New Mexico1,021Cimarron
0%
Minnesota4,918Circle Pines
0%
Ohio13,505Circleville
0%
Texas3,872Cisco
0%
Alabama3,905Citronelle
0%
Pennsylvania6,790Clairton
0%
Alabama8,619Clanton
0%
Minnesota1,360Clara City
0%
Oklahoma18,581Claremore
0%
Texas2,077Clarendon
0%
Arkansas1,664Clarendon
0%
Illinois8,427Clarendon Hills
0%
Iowa5,572Clarinda
0%
Arizona4,097Clarkdale
0%
Georgia1,733Clarkesville
0%
Mississippi17,962Clarksdale
0%
Pennsylvania1,478Clarks Green
0%
Missouri2,632Clarkson Valley
0%
Pennsylvania5,118Clarks Summit
0%
Missouri1,288Clarkton
0%
Oregon1,737Clatskanie
0%
Texas1,199Claude
0%
Michigan11,825Clawson
0%
Georgia2,746Claxton
0%
Kansas4,348Clay Center
0%
Kentucky1,077Clay City
0%
Missouri1,430Claycomo
0%
Utah30,683Clearfield
0%
Pennsylvania6,209Clearfield
0%
Iowa7,777Clear Lake
0%
California15,250Clearlake
0%
South Dakota1,273Clear Lake
0%
Texas1,063Clear Lake Shores
0%
Texas29,637Cleburne
0%
Washington1,874Cle Elum
0%
New Jersey5,000Clementon
0%
West Virginia1,227Clendenin
0%
Pennsylvania2,079Cleona
0%
Florida36,693Clermont
0%
Ohio3,296Cleves
0%
Florida7,985Clewiston
0%
New Jersey23,510Cliffside Park
0%
Virginia3,886Clifton Forge
0%
Pennsylvania6,648Clifton Heights
0%
Virginia1,449Clintwood
0%
Michigan2,646Clio
0%
Alabama1,399Clio
0%
Iowa15,447Clive
0%
Minnesota12,124Cloquet
0%
New Jersey8,373Closter
0%
South Carolina5,094Clover
0%
California8,618Cloverdale
0%
Kentucky1,152Cloverport
0%
Texas11,230Clute
0%
Ohio6,399Clyde
0%
Texas3,699Clyde
0%
North Carolina1,229Clyde
0%
Washington2,988Clyde Hill
0%
Pennsylvania1,358Clymer
0%
Illinois5,587Coal City
0%
Pennsylvania2,280Coaldale
0%
Oklahoma1,967Coalgate
0%
Ohio2,165Coal Grove
0%
Arkansas1,012Coal Hill
0%
Alabama1,657Coaling
0%
California13,380Coalinga
0%
Kentucky1,706Coal Run Village
0%
Illinois3,743Coal Valley
0%
Puerto Rico11,522Coamo
0%
Pennsylvania13,081Coatesville
0%
North Carolina2,103Coats
0%
Illinois1,157Cobden
0%
Oregon1,035Coburg
0%
Georgia5,150Cochran
0%
Pennsylvania1,136Cochranton
0%
Texas4,192Cockrell Hill
0%
Florida11,737Cocoa Beach
0%
Virginia2,040Coeburn
0%
Kansas10,298Coffeyville
0%
Minnesota2,698Cohasset
0%
Massachusetts7,542Cohasset
0%
New York16,168Cohoes
0%
Minnesota2,694Cokato
0%
Oklahoma1,140Colbert
0%
Kentucky1,100Coldstream
0%
New Hampshire2,301Colebrook
0%
Missouri1,121Cole Camp
0%
Minnesota1,970Coleraine
0%
Washington2,796Colfax
0%
Louisiana1,558Colfax
0%
Iowa1,925Colfax
0%
California1,963Colfax
0%
Illinois1,061Colfax
0%
Tennessee8,282Collegedale
0%
Washington8,787College Place
0%
Texas22,805Colleyville
0%
Pennsylvania8,785Collingdale
0%
New Jersey13,835Collingswood
0%
Oklahoma5,606Collinsville
0%
Illinois25,579Collinsville
0%
Texas1,624Collinsville
0%
Alabama1,983Collinsville
0%
California1,792Colma
0%
Maryland1,404Colmar Manor
0%
Michigan1,483Coloma
0%
Illinois5,099Colona
0%
Virginia3,540Colonial Beach
0%
Virginia17,410Colonial Heights
0%
Georgia1,992Colquitt
0%
Massachusetts1,671Colrain
0%
Montana2,214Colstrip
0%
Montana4,688Columbia Falls
0%
Minnesota19,496Columbia Heights
0%
Colorado1,256Columbine Valley
0%
Iowa1,899Columbus Junction
0%
California5,971Colusa
0%
Washington4,731Colville
0%
Kansas1,327Colwich
0%
Pennsylvania2,550Colwyn
0%
Texas2,863Combes
0%
Texas1,905Combine
0%
Georgia1,126Comer
0%
Puerto Rico4,020Comerío
0%
Ohio1,609Commercial Point
0%
Puerto Rico1,900Comunas
0%
Washington4,210Connell
0%
Pennsylvania7,650Connellsville
0%
North Carolina1,650Connelly Springs
0%
Indiana13,481Connersville
0%
North Carolina8,193Conover
0%
Michigan2,076Constantine
0%
Ohio1,127Continental
0%
Texas21,531Converse
0%
Ohio1,085Convoy
0%
Kansas1,276Conway Springs
0%
Pennsylvania1,914Conyngham
0%
Tennessee30,435Cookeville
0%
Missouri1,196Cool Valley
0%
Florida35,853Cooper City
0%
Pennsylvania2,390Coopersburg
0%
Alabama1,224Coosada
0%
Pennsylvania3,157Coplay
0%
Texas32,247Copperas Cove
0%
Texas1,320Copper Canyon
0%
Puerto Rico3,293Coquí
0%
Oregon3,866Coquille
0%
Pennsylvania5,692Coraopolis
0%
Puerto Rico2,131Corazón
0%
Kentucky7,304Corbin
0%
Minnesota5,379Corcoran
0%
California24,813Corcoran
0%
Puerto Rico1,405Corcovado
0%
Georgia11,147Cordele
0%
Alabama2,095Cordova
0%
Alaska2,239Cordova
0%
Georgia4,160Cornelia
0%
North Carolina24,865Cornelius
0%
Oregon11,869Cornelius
0%
Tennessee1,194Cornersville
0%
New Hampshire1,640Cornish
0%
Puerto Rico10,160Corozal
0%
New Mexico8,329Corrales
0%
Texas1,592Corrigan
0%
California9,253Corte Madera
0%
Ohio7,149Cortland
0%
New York19,204Cortland
0%
Illinois4,270Cortland
0%
Washington1,656Cosmopolis
0%
California7,265Cotati
0%
Puerto Rico3,047Coto Laurel
0%
Puerto Rico1,604Coto Norte
0%
Maryland1,305Cottage City
0%
Oregon9,686Cottage Grove
0%
Minnesota34,589Cottage Grove
0%
Missouri3,075Cottleville
0%
Louisiana2,006Cottonport
0%
Louisiana1,009Cotton Valley
0%
Utah34,214Cottonwood Heights
0%
Texas1,123Cottonwood Shores
0%
Texas3,605Cotulla
0%
Pennsylvania2,546Coudersport
0%
Washington1,098Coulee Dam
0%
Kansas2,205Council Grove
0%
Missouri1,274Country Club Hills
0%
Illinois16,541Country Club Hills
0%
Illinois5,895Countryside
0%
Washington1,831Coupeville
0%
Virginia1,281Courtland
0%
Louisiana1,964Coushatta
0%
Tennessee1,737Cowan
0%
Alabama1,871Cowarts
0%
Oklahoma9,943Coweta
0%
South Carolina2,162Cowpens
0%
Pennsylvania5,951Crafton
0%
Ohio1,173Craig Beach
0%
Illinois1,254Crainville
0%
North Carolina4,178Cramerton
0%
Wisconsin1,920Crandon
0%
Missouri1,462Crane
0%
Texas3,348Crane
0%
Indiana15,915Crawfordsville
0%
North Carolina4,102Creedmoor
0%
Alabama1,926Creola
0%
Oklahoma1,411Crescent
0%
Florida1,542Crescent City
0%
California7,643Crescent City
0%
Kentucky3,801Crescent Springs
0%
Iowa3,868Cresco
0%
New Jersey8,573Cresskill
0%
Pennsylvania1,708Cresson
0%
Pennsylvania1,636Cressona
0%
Illinois20,837Crest Hill
0%
Ohio4,658Crestline
0%
Florida24,664Crestview
0%
Kentucky3,148Crestview Hills
0%
Missouri11,912Crestwood
0%
Kentucky4,531Crestwood
0%
Illinois10,950Crestwood
0%
Oregon5,031Creswell
0%
Illinois8,259Crete
0%
Nebraska6,960Crete
0%
Illinois5,451Creve Coeur
0%
Missouri17,833Creve Coeur
0%
Virginia2,326Crewe
0%
Ohio1,852Cridersville
0%
Colorado1,189Cripple Creek
0%
Maryland2,726Crisfield
0%
Kentucky3,815Crittenden
0%
Missouri1,110Crocker
0%
South Dakota1,269Crooks
0%
Minnesota7,891Crookston
0%
Ohio2,534Crooksville
0%
North Dakota1,070Crosby
0%
Minnesota2,386Crosby
0%
Texas1,741Crosbyton
0%
Florida1,712Cross City
0%
Arkansas5,507Crossett
0%
Minnesota2,141Crosslake
0%
Tennessee1,714Cross Plains
0%
Tennessee10,795Crossville
0%
Alabama1,862Crossville
0%
Michigan2,447Croswell
0%
Louisiana13,265Crowley
0%
Texas12,838Crowley
0%
Indiana27,317Crown Point
0%
Tennessee1,428Crump
0%
Missouri4,855Crystal City
0%
Texas7,135Crystal City
0%
Michigan1,469Crystal Falls
0%
Florida3,162Crystal River
0%
Mississippi5,044Crystal Springs
0%
Wisconsin2,086Cuba City
0%
Wisconsin18,267Cudahy
0%
California23,805Cudahy
0%
Texas8,252Cuero
0%
Puerto Rico1,590Culebra
0%
Louisiana1,163Cullen
0%
Alabama14,775Cullman
0%
Virginia16,658Culpeper
0%
Pennsylvania2,541Curwensville
0%
Oklahoma7,826Cushing
0%
Georgia11,267Cusseta
0%
Texas1,062Cut and Shoot
0%
Montana2,869Cut Bank
0%
Georgia3,873Cuthbert
0%
Florida44,867Cutler Bay
0%
Kentucky6,402Cynthiana
0%
Oklahoma1,059Cyril
0%
Colorado4,152Dacono
0%
Georgia4,442Dacula
0%
Florida7,232Dade City
0%
Alabama3,230Dadeville
0%
Puerto Rico1,604Daguao
0%
Georgia5,242Dahlonega
0%
Texas2,556Daingerfield
0%
Alabama5,295Daleville
0%
Iowa1,623Dallas Center
0%
Pennsylvania3,851Dallastown
0%
Idaho2,335Dalton Gardens
0%
Texas2,259Dalworthington Gardens
0%
Northern Mariana Islands2,718Dandan
0%
Tennessee2,812Dandridge
0%
Florida32,271Dania Beach
0%
Illinois1,154Danvers
0%
Massachusetts26,493Danvers
0%
Alabama21,570Daphne
0%
Pennsylvania10,692Darby
0%
Arkansas4,745Dardanelle
0%
Missouri11,494Dardenne Prairie
0%
Minnesota1,469Dassel
0%
Alabama1,238Dauphin Island
0%
Georgia2,010Davisboro
0%
Illinois2,373Davis Junction
0%
Michigan5,173Davison
0%
Kentucky2,764Dawson Springs
0%
Georgia2,536Dawsonville
0%
Florida4,541Daytona Beach Shores
0%
Alabama1,154Deatsville
0%
Florida21,118DeBary
0%
Tennessee2,361Decherd
0%
Iowa8,127Decorah
0%
Texas2,681deCordova
0%
Guam44,943Dededo
0%
Massachusetts24,729Dedham
0%
Minnesota3,642Deephaven
0%
Montana3,111Deer Lodge
0%
Florida6,719DeFuniak Springs
0%
Ohio1,286De Graff
0%
Wisconsin7,085Delafield
0%
Illinois1,689Delavan
0%
Wisconsin8,463Delavan
0%
Louisiana1,866Delcambre
0%
Oklahoma21,332Del City
0%
Texas2,247De Leon
0%
South Dakota3,633Dell Rapids
0%
Missouri5,025Dellwood
0%
Minnesota1,063Dellwood
0%
Pennsylvania2,682Delmont
0%
Indiana2,893Delphi
0%
California1,624Del Rey Oaks
0%
New Jersey4,881Demarest
0%
New Mexico14,855Deming
0%
Alabama7,483Demopolis
0%
Georgia1,823Demorest
0%
Louisiana10,215Denham Springs
0%
Texas4,479Denver City
0%
Wisconsin23,800De Pere
0%
Oregon1,398Depoe Bay
0%
Illinois1,838De Pue
0%
Arkansas6,594De Queen
0%
Louisiana3,235DeQuincy
0%
Louisiana10,578DeRidder
0%
Mississippi1,025Derma
0%
Arkansas2,316Dermott
0%
Arkansas1,717Des Arc
0%
California25,938Desert Hot Springs
0%
Ohio1,799Deshler
0%
Missouri5,054Desloge
0%
South Dakota1,089De Smet
0%
Missouri8,373Des Peres
0%
Minnesota8,569Detroit Lakes
0%
North Dakota7,141Devils Lake
0%
Texas4,348Devine
0%
Oklahoma3,432Dewey
0%
Arizona3,894Dewey-Humboldt
0%
Arkansas3,292DeWitt
0%
Michigan4,507DeWitt
0%
Iowa5,322De Witt
0%
Mississippi8,425Diamondhead
0%
Mississippi9,486D'Iberville
0%
Texas5,402Diboll
0%
Arkansas1,133Dierks
0%
Kansas1,038Dighton
0%
Massachusetts7,086Dighton
0%
Iowa1,209Dike
0%
Texas3,894Dilley
0%
Pennsylvania2,550Dillsburg
0%
Texas4,393Dimmitt
0%
Michigan1,234Dimondale
0%
California21,453Dinuba
0%
Maryland5,837District Heights
0%
Illinois1,172Divernon
0%
Illinois3,644Dixmoor
0%
North Carolina1,586Dobson
0%
Minnesota2,670Dodge Center
0%
Wisconsin4,698Dodgeville
0%
Illinois23,153Dolton
0%
Louisiana7,436Donaldsonville
0%
Georgia2,650Donalsonville
0%
Pennsylvania4,781Donora
0%
Puerto Rico13,258Dorado
0%
Georgia8,330Doraville
0%
Pennsylvania8,593Dormont
0%
California4,950Dos Palos
0%
Texas2,872Double Oak
0%
Alabama1,083Double Springs
0%
Kentucky5,484Douglass Hills
0%
Michigan5,879Dowagiac
0%
Pennsylvania7,887Downingtown
0%
Illinois1,005Downs
0%
Massachusetts29,457Dracut
0%
Oregon1,151Drain
0%
Pennsylvania1,790Dravosburg
0%
Mississippi1,927Drew
0%
North Carolina1,876Drexel
0%
Idaho1,660Driggs
0%
Texas2,020Dripping Springs
0%
Oklahoma2,907Drumright
0%
Kentucky2,191Dry Ridge
0%
California21,321Duarte
0%
Pennsylvania7,793DuBois
0%
Pennsylvania1,203Duboistown
0%
Massachusetts11,390Dudley
0%
Missouri1,121Duenweg
0%
Arkansas4,706Dumas
0%
Texas14,691Dumas
0%
Virginia4,961Dumfries
0%
New Jersey17,304Dumont
0%
West Virginia7,907Dunbar
0%
Pennsylvania1,038Dunbar
0%
New Hampshire2,758Dunbarton
0%
Pennsylvania1,522Duncannon
0%
Pennsylvania1,235Duncansville
0%
Minnesota1,367Dundas
0%
New Jersey7,227Dunellen
0%
Oregon1,303Dunes City
0%
Pennsylvania14,059Dunmore
0%
North Carolina9,279Dunn
0%
Florida1,819Dunnellon
0%
California1,650Dunsmuir
0%
Massachusetts3,179Dunstable
0%
Illinois4,138Dupo
0%
Pennsylvania2,717Dupont
0%
Washington8,199DuPont
0%
Puerto Rico1,320Duque
0%
Missouri1,763Duquesne
0%
Pennsylvania5,562Duquesne
0%
Illinois6,109Du Quoin
0%
Illinois1,443Durand
0%
Wisconsin1,931Durand
0%
Michigan3,446Durand
0%
Iowa1,832Durant
0%
Mississippi2,673Durant
0%
Oklahoma15,856Durant
0%
Pennsylvania4,916Duryea
0%
Louisiana1,716Duson
0%
Washington6,713Duvall
0%
Illinois4,260Dwight
0%
Tennessee17,145Dyersburg
0%
Iowa1,379Dysart
0%
Arizona4,885Eagar
0%
South Dakota1,318Eagle Butte
0%
Iowa3,583Eagle Grove
0%
Florida2,708Eagle Lake
0%
Texas3,635Eagle Lake
0%
Minnesota2,422Eagle Lake
0%
Texas26,604Eagle Pass
0%
Oregon8,469Eagle Point
0%
Wisconsin1,398Eagle River
0%
Arkansas2,414Earle
0%
Iowa1,450Earlham
0%
Kentucky1,413Earlington
0%
Illinois1,701Earlville
0%
South Carolina19,993Easley
0%
Illinois6,301East Alton
0%
Pennsylvania1,172East Bangor
0%
Pennsylvania1,521East Berlin
0%
Texas2,292East Bernard
0%
Minnesota11,626East Bethel
0%
Alabama2,478East Brewton
0%
Massachusetts13,794East Bridgewater
0%
Massachusetts2,183East Brookfield
0%
Ohio1,591East Canton
0%
Utah1,475East Carbon
0%
Indiana29,698East Chicago
0%
Ohio17,859East Cleveland
0%
Pennsylvania1,215East Conemaugh
0%
Georgia2,441East Dublin
0%
Illinois1,704East Dubuque
0%
Illinois2,860East Dundee
0%
Minnesota8,601East Grand Forks
0%
Michigan10,694East Grand Rapids
0%
Pennsylvania2,931East Greenville
0%
Minnesota1,004East Gull Lake
0%
Massachusetts16,053Easthampton
0%
Illinois1,543East Hazel Crest
0%
Montana1,984East Helena
0%
New Hampshire2,357East Kingston
0%
Ohio18,606Eastlake
0%
Texas3,964Eastland
0%
Pennsylvania2,668East Lansdowne
0%
Ohio11,204East Liverpool
0%
Massachusetts15,720East Longmeadow
0%
Georgia4,962Eastman
0%
Pennsylvania2,138East McKeesport
0%
New Jersey2,406East Newark
0%
North Carolina3,626Eastover
0%
California28,155East Palo Alto
0%
Illinois23,402East Peoria
0%
Pennsylvania4,506East Petersburg
0%
Pennsylvania1,822East Pittsburgh
0%
Michigan32,442Eastpointe
0%
Missouri3,176East Prairie
0%
Tennessee20,979East Ridge
0%
North Carolina1,545East Spencer
0%
Pennsylvania9,836East Stroudsburg
0%
Michigan2,808East Tawas
0%
Pennsylvania1,890East Washington
0%
Michigan5,214Eaton Rapids
0%
Georgia6,480Eatonton
0%
New Jersey12,559Eatontown
0%
Washington2,756Eatonville
0%
Florida2,301Eatonville
0%
Pennsylvania3,351Ebensburg
0%
Georgia4,034Echols County
0%
Alabama1,001Eclectic
0%
Pennsylvania8,975Economy
0%
Michigan9,512Ecorse
0%
Texas3,166Edcouch
0%
Pennsylvania2,410Eddystone
0%
Iowa1,024Eddyville
0%
Kentucky2,554Eddyville
0%
North Carolina5,001Edenton
0%
Minnesota1,042Eden Valley
0%
Massachusetts4,067Edgartown
0%
Texas2,776Edgecliff Village
0%
South Carolina4,750Edgefield
0%
Kansas1,741Edgerton
0%
Wisconsin5,461Edgerton
0%
Minnesota1,189Edgerton
0%
Ohio2,006Edgerton
0%
Colorado5,170Edgewater
0%
Florida22,669Edgewater
0%
New Jersey11,513Edgewater
0%
Florida2,977Edgewood
0%
Pennsylvania3,118Edgewood
0%
New Mexico3,735Edgewood
0%
Texas1,436Edgewood
0%
Kentucky8,575Edgewood
0%
Washington9,379Edgewood
0%
Pennsylvania1,676Edgeworth
0%
Pennsylvania6,445Edinboro
0%
Maryland1,445Edmonston
0%
Michigan1,201Edmore
0%
Texas5,489Edna
0%
Michigan1,259Edwardsburg
0%
Illinois24,293Edwardsville
0%
Kansas4,340Edwardsville
0%
Pennsylvania4,827Edwardsville
0%
New Jersey4,243Egg Harbor City
0%
Massachusetts1,225Egremont
0%
Alabama1,498Elberta
0%
Georgia4,653Elberton
0%
Minnesota1,176Elbow Lake
0%
Illinois5,602Elburn
0%
Texas11,682El Campo
0%
Texas3,273El Cenizo
0%
Missouri4,567Eldon
0%
Iowa2,732Eldora
0%
Texas1,953Eldorado
0%
Arkansas18,884El Dorado
0%
Kansas13,235El Dorado
0%
Illinois4,122Eldorado
0%
Missouri3,593El Dorado Springs
0%
Iowa5,651Eldridge
0%
Texas2,791Electra
0%
New Mexico1,431Elephant Butte
0%
Ohio1,882Elida
0%
North Carolina18,643Elizabeth City
0%
Tennessee14,176Elizabethton
0%
Pennsylvania1,506Elizabethville
0%
Iowa1,273Elkader
0%
Oklahoma11,693Elk City
0%
Illinois33,127Elk Grove Village
0%
North Carolina4,023Elkin
0%
West Virginia7,094Elkins
0%
Arkansas2,648Elkins
0%
Pennsylvania1,821Elkland
0%
Minnesota4,110Elko New Market
0%
South Dakota1,963Elk Point
0%
Michigan1,642Elk Rapids
0%
Utah3,231Elk Ridge
0%
Minnesota22,974Elk River
0%
Iowa1,117Elk Run Heights
0%
Kentucky2,062Elkton
0%
Maryland15,443Elkton
0%
Virginia2,729Elkton
0%
Texas2,714El Lago
0%
Georgia1,812Ellaville
0%
North Dakota1,394Ellendale
0%
North Carolina1,021Ellerbe
0%
Georgia1,619Ellijay
0%
Kansas2,131Ellinwood
0%
Kansas2,075Ellis
0%
Mississippi4,448Ellisville
0%
Missouri9,133Ellisville
0%
Pennsylvania1,180Ellport
0%
Maine7,843Ellsworth
0%
Kansas3,120Ellsworth
0%
Pennsylvania1,017Ellsworth
0%
Pennsylvania7,918Ellwood City
0%
Washington3,299Elma
0%
Puerto Rico1,482El Mangó
0%
North Carolina1,302Elm City
0%
Texas1,680Elmendorf
0%
New Jersey1,395Elmer
0%
Arizona31,797El Mirage
0%
Alabama1,262Elmore
0%
Ohio1,414Elmore
0%
Arkansas1,535Elm Springs
0%
Illinois24,883Elmwood Park
0%
New Jersey19,131Elmwood Park
0%
Ohio2,192Elmwood Place
0%
Puerto Rico1,075El Negro
0%
Puerto Rico1,478El Ojo
0%
North Carolina9,384Elon
0%
Arizona16,631Eloy
0%
Puerto Rico1,716El Paraiso
0%
Florida2,471El Portal
0%
Oklahoma16,749El Reno
0%
Wisconsin1,442Elroy
0%
Texas6,214Elsa
0%
Missouri1,934Elsberry
0%
California16,654El Segundo
0%
Delaware5,981Elsmere
0%
Kentucky8,451Elsmere
0%
Louisiana1,128Elton
0%
Puerto Rico2,511El Tumbao
0%
Pennsylvania1,225Elverson
0%
Illinois2,279Elwood
0%
Utah1,091Elwood
0%
Indiana8,614Elwood
0%
Kansas1,227Elwood
0%
Puerto Rico2,857Emajagua
0%
North Carolina3,658Emerald Isle
0%
California10,080Emeryville
0%
Utah1,931Emigration Canyon
0%
Kentucky2,498Eminence
0%
Pennsylvania11,188Emmaus
0%
Idaho6,557Emmett
0%
Texas1,226Emory
0%
Pennsylvania2,068Emporium
0%
Pennsylvania2,447Emsworth
0%
Illinois1,146Energy
0%
New Hampshire4,582Enfield
0%
North Carolina2,537Enfield
0%
New Jersey5,281Englewood Cliffs
0%
New Jersey1,847Englishtown
0%
Georgia1,278Enigma
0%
Texas18,540Ennis
0%
Utah6,331Enoch
0%
Ohio2,447Enon
0%
Washington1,113Entiat
0%
Utah6,858Ephraim
0%
New Hampshire6,411Epping
0%
New Hampshire4,566Epsom
0%
Iowa1,860Epworth
0%
Louisiana2,114Erath
0%
Tennessee1,324Erin
0%
Kentucky18,082Erlanger
0%
Tennessee6,097Erwin
0%
North Carolina4,524Erwin
0%
California7,132Escalon
0%
Texas2,417Escobares
0%
New Mexico10,224Espanola
0%
Puerto Rico1,219Esperanza
0%
Puerto Rico1,270Espino
0%
New Jersey2,113Essex Fells
0%
Michigan3,478Essexville
0%
Oregon2,695Estacada
0%
New Mexico1,655Estancia
0%
New Jersey1,735Estell Manor
0%
Florida33,474Estero
0%
South Carolina2,040Estill
0%
Tennessee2,055Estill Springs
0%
Pennsylvania3,451Etna
0%
Tennessee3,490Etowah
0%
Kansas6,142Eudora
0%
Arkansas2,269Eudora
0%
Alabama13,137Eufaula
0%
Oklahoma2,813Eufaula
0%
Georgia4,136Euharlee
0%
New Mexico2,922Eunice
0%
Louisiana10,398Eunice
0%
Mississippi2,197Eupora
0%
Arkansas2,073Eureka Springs
0%
Florida21,083Eustis
0%
Alabama2,934Eutaw
0%
Pennsylvania1,830Evans City
0%
Iowa4,751Evansdale
0%
Minnesota3,718Eveleth
0%
Ohio2,844Evendale
0%
Alabama3,944Evergreen
0%
Illinois19,852Evergreen Park
0%
Texas6,028Everman
0%
Missouri11,084Excelsior Springs
0%
Virginia1,462Exmore
0%
Minnesota1,977Eyota
0%
Pennsylvania1,201Factoryville
0%
American Samoa1,737Fagatogo
0%
Ohio32,932Fairborn
0%
Georgia12,950Fairburn
0%
Nebraska3,942Fairbury
0%
Illinois3,757Fairbury
0%
Pennsylvania1,987Fairchance
0%
Arkansas2,338Fairfield Bay
0%
Missouri1,393Fair Grove
0%
New Jersey6,121Fair Haven
0%
Massachusetts15,873Fairhaven
0%
Alabama15,326Fairhope
0%
Oklahoma1,057Fairland
0%
New Jersey32,457Fair Lawn
0%
Ohio7,511Fairlawn
0%
North Carolina2,687Fairmont
0%
Minnesota10,666Fairmont
0%
West Virginia18,704Fairmont
0%
Illinois2,635Fairmont City
0%
Maryland1,494Fairmount Heights
0%
Texas6,712Fair Oaks Ranch
0%
Ohio3,116Fairport Harbor
0%
Illinois17,078Fairview Heights
0%
Ohio16,827Fairview Park
0%
Kansas3,872Fairway
0%
Puerto Rico28,930Fajardo
0%
Minnesota5,321Falcon Heights
0%
American Samoa1,898Faleniu
0%
Texas4,962Falfurrias
0%
Alabama1,279Falkville
0%
Nebraska4,325Falls City
0%
Pennsylvania1,041Falls Creek
0%
Florida1,015Fanning Springs
0%
New Jersey7,318Fanwood
0%
Minnesota23,352Faribault
0%
Iowa1,537Farley
0%
Illinois2,037Farmer City
0%
Texas28,616Farmers Branch
0%
Texas3,295Farmersville
0%
Ohio1,009Farmersville
0%
California10,588Farmersville
0%
Louisiana3,860Farmerville
0%
Pennsylvania4,953Farrell
0%
Utah6,671Farr West
0%
Texas1,361Farwell
0%
Texas7,427Fate
0%
Colorado11,467Federal Heights
0%
Maryland2,739Federalsburg
0%
Florida5,754Fellsmere
0%
Delaware1,405Felton
0%
Wisconsin2,497Fennimore
0%
Michigan1,398Fennville
0%
Michigan11,756Fenton
0%
Missouri4,022Fenton
0%
Minnesota13,138Fergus Falls
0%
Louisiana3,511Ferriday
0%
Utah1,560Ferron
0%
Michigan2,892Ferrysburg
0%
Missouri11,602Festus
0%
Idaho2,508Filer
0%
Washington6,495Fircrest
0%
California7,549Firebaugh
0%
Georgia9,053Fitzgerald
0%
New Hampshire2,396Fitzwilliam
0%
Florida5,081Flagler Beach
0%
Illinois1,110Flanagan
0%
South Dakota2,341Flandreau
0%
Texas1,386Flatonia
0%
Kentucky7,423Flatwoods
0%
Kentucky2,658Flemingsburg
0%
Oklahoma1,177Fletcher
0%
North Carolina7,212Fletcher
0%
Arkansas1,355Flippin
0%
Alabama1,440Flomaton
0%
Mississippi1,886Flora
0%
Illinois5,070Flora
0%
Alabama1,980Florala
0%
Texas6,425Floresville
0%
New Jersey11,696Florham Park
0%
Illinois9,464Flossmoor
0%
Georgia5,679Flowery Branch
0%
Mississippi7,823Flowood
0%
Texas3,038Floydada
0%
Pennsylvania6,622Folcroft
0%
Alabama14,618Foley
0%
Minnesota2,603Foley
0%
Georgia2,502Folkston
0%
West Virginia2,986Follansbee
0%
South Carolina2,617Folly Beach
0%
Pennsylvania2,989Ford City
0%
Illinois2,763Ford Heights
0%
Arkansas1,011Foreman
0%
Mississippi5,684Forest
0%
Ohio1,461Forest
0%
South Carolina10,361Forest Acres
0%
North Carolina7,470Forest City
0%
Pennsylvania1,890Forest City
0%
Iowa4,151Forest City
0%
Oregon21,083Forest Grove
0%
Maryland2,447Forest Heights
0%
Texas12,355Forest Hill
0%
Pennsylvania6,516Forest Hills
0%
Tennessee4,812Forest Hills
0%
Minnesota18,375Forest Lake
0%
Georgia18,468Forest Park
0%
Ohio18,726Forest Park
0%
Illinois14,167Forest Park
0%
Texas13,824Forney
0%
Illinois1,220Forrest
0%
Arkansas15,435Forrest City
0%
Illinois1,446Forreston
0%
Missouri2,255Forsyth
0%
Georgia3,788Forsyth
0%
Montana1,777Forsyth
0%
Illinois3,490Forsyth
0%
Montana1,464Fort Benton
0%
Alabama1,344Fort Deposit
0%
Georgia1,107Fort Gaines
0%
Oklahoma4,154Fort Gibson
0%
Ohio1,492Fort Loramie
0%
Colorado7,377Fort Lupton
0%
Iowa11,051Fort Madison
0%
Florida6,203Fort Meade
0%
South Carolina10,811Fort Mill
0%
Kentucky8,207Fort Mitchell
0%
Colorado11,315Fort Morgan
0%
Florida7,102Fort Myers Beach
0%
Georgia9,263Fort Oglethorpe
0%
Alabama14,012Fort Payne
0%
South Dakota2,078Fort Pierre
0%
Ohio1,457Fort Recovery
0%
Kansas8,082Fort Scott
0%
Texas8,289Fort Stockton
0%
New Mexico1,031Fort Sumner
0%
Kentucky16,325Fort Thomas
0%
California11,926Fortuna
0%
Georgia9,815Fort Valley
0%
Kentucky5,723Fort Wright
0%
Pennsylvania4,212Forty Fort
0%
Minnesota1,527Fosston
0%
California30,567Foster City
0%
Pennsylvania4,629Fountain Hill
0%
Arizona22,489Fountain Hills
0%
South Carolina7,799Fountain Inn
0%
California55,313Fountain Valley
0%
North Carolina1,934Four Oaks
0%
Michigan1,208Fowler
0%
California5,570Fowler
0%
Colorado1,182Fowler
0%
Michigan2,886Fowlerville
0%
Pennsylvania5,377Fox Chapel
0%
Wisconsin1,519Fox Lake
0%
Illinois10,579Fox Lake
0%
Illinois4,854Fox River Grove
0%
Pennsylvania3,805Frackville
0%
New Hampshire1,562Francestown
0%
New Hampshire1,104Franconia
0%
Michigan4,944Frankenmuth
0%
Illinois1,021Franklin Grove
0%
New Jersey10,590Franklin Lakes
0%
Illinois18,333Franklin Park
0%
Pennsylvania13,467Franklin Park
0%
North Carolina2,012Franklinton
0%
Louisiana3,857Franklinton
0%
North Carolina1,169Franklinville
0%
Texas1,229Frankston
0%
Puerto Rico1,948Fránquez
0%
Ohio1,306Frazeysburg
0%
Illinois4,354Freeburg
0%
New Jersey12,052Freehold Borough
0%
Pennsylvania3,520Freeland
0%
South Dakota1,306Freeman
0%
Pennsylvania2,636Freemansburg
0%
Texas2,820Freer
0%
Louisiana1,116French Settlement
0%
New Jersey1,373Frenchtown
0%
Mississippi1,200Friars Point
0%
Washington2,176Friday Harbor
0%
Minnesota27,208Fridley
0%
Nebraska1,027Friend
0%
Texas35,898Friendswood
0%
Texas4,127Friona
0%
Alabama1,309Frisco City
0%
Texas2,113Fritch
0%
Kansas3,439Frontenac
0%
Missouri3,482Frontenac
0%
Virginia14,425Front Royal
0%
Maryland9,002Frostburg
0%
Florida3,273Frostproof
0%
Utah5,992Fruit Heights
0%
Idaho4,684Fruitland
0%
Maryland4,866Fruitland
0%
Florida10,122Fruitland Park
0%
Michigan1,093Fruitport
0%
Puerto Rico1,110Fuig
0%
Minnesota1,318Fulda
0%
Texas1,169Fulshear
0%
Alabama8,380Fultondale
0%
North Carolina18,008Fuquay-Varina
0%
Alabama1,018Fyffe
0%
Puerto Rico2,585Galateo
0%
Virginia6,989Galax
0%
Texas10,899Galena Park
0%
Michigan2,009Galesburg
0%
Illinois32,195Galesburg
0%
Wisconsin1,481Galesville
0%
Pennsylvania1,146Galeton
0%
Ohio10,568Galion
0%
Tennessee30,278Gallatin
0%
Missouri1,786Gallatin
0%
Pennsylvania1,668Gallitzin
0%
California23,647Galt
0%
Illinois2,589Galva
0%
North Carolina4,043Gamewell
0%
Texas1,994Ganado
0%
Northern Mariana Islands3,588Garapan
0%
Alabama13,893Gardendale
0%
Texas3,259Garden Ridge
0%
Maine5,675Gardiner
0%
Kansas19,135Gardner
0%
Massachusetts20,228Gardner
0%
Illinois1,463Gardner
0%
Ohio28,849Garfield Heights
0%
Iowa3,129Garner
0%
North Carolina25,776Garner
0%
Kansas3,412Garnett
0%
South Dakota1,166Garretson
0%
Ohio2,338Garrettsville
0%
North Dakota1,453Garrison
0%
Puerto Rico1,086Garrochales
0%
New Jersey4,226Garwood
0%
North Carolina1,054Garysburg
0%
Indiana5,965Gas City
0%
Arkansas2,078Gassville
0%
Virginia2,048Gate City
0%
Ohio2,279Gates Mills
0%
Texas12,449Gatesville
0%
Tennessee3,944Gatlinburg
0%
Mississippi18,572Gautier
0%
Oregon1,462Gearhart
0%
Oklahoma1,280Geary
0%
Pennsylvania2,467Geistown
0%
Illinois6,586Geneseo
0%
Ohio1,254Geneva-on-the-Lake
0%
Utah1,292Genola
0%
Arkansas3,158Gentry
0%
Texas2,439George West
0%
Alabama1,738Georgiana
0%
Illinois3,438Germantown Hills
0%
Oklahoma1,268Geronimo
0%
Oregon2,464Gervais
0%
Texas1,061Gholson
0%
Nebraska1,833Gibbon
0%
New Jersey2,274Gibbsboro
0%
Michigan4,656Gibraltar
0%
Ohio2,581Gibsonburg
0%
Illinois3,407Gibson City
0%
North Carolina6,505Gibsonville
0%
Texas4,875Giddings
0%
Missouri1,093Gideon
0%
Arizona1,922Gila Bend
0%
Colorado1,034Gilcrest
0%
Illinois3,319Gillespie
0%
New Hampshire3,777Gilmanton
0%
Texas4,897Gilmer
0%
Pennsylvania3,104Girard
0%
Kansas2,780Girard
0%
Ohio9,933Girard
0%
Illinois2,103Girard
0%
Pennsylvania1,519Girardville
0%
Virginia1,461Glade Spring
0%
Texas6,400Gladewater
0%
Illinois1,022Glasford
0%
New Jersey18,533Glassboro
0%
Pennsylvania4,483Glassport
0%
Tennessee1,445Gleason
0%
North Carolina1,502Glen Alpine
0%
Maryland6,000Glenarden
0%
Illinois12,934Glen Carbon
0%
New York26,964Glen Cove
0%
Illinois34,208Glendale Heights
0%
Montana4,935Glendive
0%
Illinois27,450Glen Ellyn
0%
New Jersey1,704Glen Gardner
0%
Louisiana1,342Glenmora
0%
Texas11,146Glenn Heights
0%
Idaho1,319Glenns Ferry
0%
Georgia3,569Glennville
0%
Pennsylvania7,151Glenolden
0%
Oklahoma10,808Glenpool
0%
New Jersey7,527Glen Ridge
0%
New Jersey11,601Glen Rock
0%
Wyoming2,576Glenrock
0%
Pennsylvania2,046Glen Rock
0%
Texas2,450Glen Rose
0%
New York14,700Glens Falls
0%
West Virginia1,537Glenville
0%
Wisconsin1,242Glenwood City
0%
Puerto Rico1,751G. L. García
0%
New Jersey11,456Gloucester City
0%
Ohio1,793Glouster
0%
New York15,665Gloversville
0%
Minnesota1,394Glyndon
0%
Ohio1,288Gnadenhutten
0%
Kansas4,381Goddard
0%
Illinois17,982Godfrey
0%
Texas1,005Godley
0%
New Hampshire17,651Goffstown
0%
Washington2,154Gold Bar
0%
Oregon2,253Gold Beach
0%
Washington3,407Goldendale
0%
Louisiana2,101Golden Meadow
0%
Oregon1,220Gold Hill
0%
Oklahoma1,801Goldsby
0%
Texas1,886Goldthwaite
0%
California29,888Goleta
0%
Ohio3,566Golf Manor
0%
Texas1,908Goliad
0%
Alabama2,264Good Hope
0%
Minnesota1,176Goodhue
0%
Idaho3,567Gooding
0%
Tennessee15,921Goodlettsville
0%
Michigan1,860Goodrich
0%
Minnesota4,036Goodview
0%
Alabama1,475Goodwater
0%
Oklahoma1,293Goodwell
0%
Virginia1,481Gordonsville
0%
Tennessee1,213Gordonsville
0%
Illinois1,049Goreville
0%
Texas1,083Gorman
0%
Arkansas3,548Gosnell
0%
Missouri1,526Gower
0%
Iowa1,037Gowrie
0%
Florida2,200Graceville
0%
Missouri12,854Grain Valley
0%
Louisiana3,613Gramercy
0%
Texas7,989Granbury
0%
Oklahoma1,038Grandfield
0%
Michigan10,412Grand Haven
0%
Louisiana1,296Grand Isle
0%
Michigan7,786Grand Ledge
0%
Minnesota1,139Grand Meadow
0%
Texas3,136Grand Saline
0%
California12,040Grand Terrace
0%
Texas1,561Grandview
0%
Illinois1,441Grandview
0%
Washington10,854Grandview
0%
Missouri24,475Grandview
0%
Ohio6,511Grandview Heights
0%
Kansas1,637Grandview Plaza
0%
Michigan15,378Grandville
0%
Texas1,417Granger
0%
Washington3,258Granger
0%
Iowa1,244Granger
0%
Idaho3,141Grangeville
0%
Oklahoma2,065Granite
0%
Illinois29,849Granite City
0%
Minnesota2,897Granite Falls
0%
North Carolina4,698Granite Falls
0%
Washington3,388Granite Falls
0%
North Carolina2,960Granite Quarry
0%
Texas4,909Granite Shoals
0%
New Hampshire2,985Grantham
0%
Illinois1,331Grant Park
0%
Florida4,254Grant-Valkaria
0%
Massachusetts1,566Granville
0%
Illinois1,427Granville
0%
Ohio5,674Granville
0%
Texas1,488Grapeland
0%
Michigan1,173Grass Lake
0%
California12,860Grass Valley
0%
Arkansas2,325Gravette
0%
Michigan1,884Grayling
0%
Kentucky2,870Graymoor-Devondale
0%
Illinois20,957Grayslake
0%
Tennessee1,502Graysville
0%
Alabama2,165Graysville
0%
Illinois1,666Grayville
0%
Massachusetts7,104Great Barrington
0%
Kansas16,006Great Bend
0%
Tennessee1,064Greenback
0%
Maryland23,068Greenbelt
0%
Tennessee6,433Greenbrier
0%
Arkansas4,706Greenbrier
0%
Florida8,313Green Cove Springs
0%
Tennessee15,062Greeneville
0%
Arkansas2,761Green Forest
0%
North Carolina2,107Green Level
0%
Illinois3,866Green Oaks
0%
Missouri2,622Green Park
0%
Wyoming12,515Green River
0%
Kentucky2,163Greensburg
0%
Indiana11,492Greensburg
0%
Pennsylvania14,897Greensburg
0%
Ohio1,367Green Springs
0%
Pennsylvania4,426Green Tree
0%
Illinois1,513Greenup
0%
Kentucky1,188Greenup
0%
Colorado13,925Greenwood Village
0%
Wyoming1,847Greybull
0%
California6,584Gridley
0%
Illinois1,432Gridley
0%
North Carolina2,611Grifton
0%
Illinois1,226Griggsville
0%
Iowa8,246Grimes
0%
Iowa9,218Grinnell
0%
Texas4,320Groesbeck
0%
Michigan11,555Grosse Pointe Park
0%
Michigan3,008Grosse Pointe Shores
0%
Michigan16,135Grosse Pointe Woods
0%
Virginia2,673Grottoes
0%
Alabama1,570Grove Hill
0%
Massachusetts6,459Groveland
0%
Florida14,677Groveland
0%
Ohio5,372Groveport
0%
California13,156Grover Beach
0%
Texas16,144Groves
0%
Texas1,057Groveton
0%
Tennessee1,813Gruetli-Laager
0%
Iowa2,706Grundy Center
0%
Texas1,194Gruver
0%
Northern Mariana Islands2,354Gualo Rai
0%
Puerto Rico7,254Guánica
0%
Puerto Rico2,036Guayabal
0%
Puerto Rico22,691Guayama
0%
Puerto Rico3,949Guayanilla
0%
Puerto Rico75,443Guaynabo
0%
Louisiana1,398Gueydan
0%
Alabama2,376Guin
0%
Florida6,716Gulf Breeze
0%
Alabama9,741Gulf Shores
0%
Texas5,667Gun Barrel City
0%
Texas1,502Gunter
0%
Alabama8,197Guntersville
0%
Mississippi2,083Guntown
0%
Puerto Rico7,609Gurabo
0%
Arkansas2,212Gurdon
0%
Illinois31,295Gurnee
0%
California5,520Gustine
0%
Kentucky1,419Guthrie
0%
Oklahoma10,191Guthrie
0%
Iowa1,569Guthrie Center
0%
Iowa1,919Guttenberg
0%
New Jersey11,176Guttenberg
0%
Georgia1,684Guyton
0%
Colorado6,477Gypsum
0%
Puerto Rico3,531Hacienda San Jose
0%
New Jersey9,724Hackettstown
0%
Alabama1,516Hackleburg
0%
New Jersey11,593Haddonfield
0%
New Jersey7,473Haddon Heights
0%
Massachusetts5,250Hadley
0%
New Mexico1,257Hagerman
0%
Georgia2,737Hahira
0%
Idaho7,960Hailey
0%
Florida25,091Haines City
0%
Illinois3,597Hainesville
0%
Texas2,252Hale Center
0%
New Jersey8,318Haledon
0%
Alabama4,173Haleyville
0%
California11,324Half Moon Bay
0%
Pennsylvania2,670Hallam
0%
Florida39,940Hallandale Beach
0%
Texas2,557Hallettsville
0%
Maine2,329Hallowell
0%
Tennessee2,255Halls
0%
Pennsylvania1,307Hallstead
0%
Texas3,567Hallsville
0%
Missouri1,491Hallsville
0%
Kansas2,083Halstead
0%
Minnesota15,296Ham Lake
0%
North Carolina6,565Hamlet
0%
New Jersey14,756Hammonton
0%
New Hampshire2,236Hampton Falls
0%
Michigan22,423Hamtramck
0%
South Carolina17,997Hanahan
0%
Alabama2,982Hanceville
0%
Maryland1,545Hancock
0%
New Hampshire1,654Hancock
0%
Michigan4,634Hancock
0%
Missouri2,101Hanley Hills
0%
Illinois1,225Hanna City
0%
Illinois39,973Hanover Park
0%
Georgia6,373Hapeville
0%
Louisiana9,277Harahan
0%
Michigan1,703Harbor Beach
0%
Michigan1,194Harbor Springs
0%
South Carolina2,952Hardeeville
0%
Kentucky2,343Hardinsburg
0%
Massachusetts2,990Hardwick
0%
Iowa5,106Harlan
0%
Kentucky1,745Harlan
0%
Minnesota1,020Harmony
0%
Alabama1,637Harpersville
0%
Michigan14,236Harper Woods
0%
Oklahoma5,095Harrah
0%
Tennessee6,350Harriman
0%
Delaware3,643Harrington
0%
New Jersey4,664Harrington Park
0%
Kentucky8,340Harrodsburg
0%
Tennessee4,389Harrogate
0%
Indiana6,220Hartford City
0%
Iowa1,672Hartley
0%
Alabama14,255Hartselle
0%
Oklahoma2,125Hartshorne
0%
Tennessee7,870Hartsville
0%
South Carolina7,764Hartsville
0%
Ohio2,963Hartville
0%
Georgia4,469Hartwell
0%
North Dakota1,783Harvey
0%
Illinois25,282Harvey
0%
Pennsylvania2,777Harveys Lake
0%
Massachusetts12,243Harwich
0%
Illinois8,612Harwood Heights
0%
New Jersey11,842Hasbrouck Heights
0%
Oklahoma2,007Haskell
0%
Texas3,320Haskell
0%
Arkansas3,990Haskell
0%
Ohio1,188Haskins
0%
Texas1,521Haslet
0%
Minnesota22,172Hastings
0%
Pennsylvania1,278Hastings
0%
Michigan7,350Hastings
0%
Nebraska25,231Hastings
0%
Pennsylvania7,357Hatboro
0%
New Mexico1,648Hatch
0%
Massachusetts3,279Hatfield
0%
Pennsylvania3,297Hatfield
0%
Puerto Rico4,439Hatillo
0%
Puerto Rico2,055Hato Candal
0%
Louisiana3,454Haughton
0%
North Carolina20,792Havelock
0%
California14,254Hawaiian Gardens
0%
Georgia4,589Hawkinsville
0%
Minnesota2,067Hawley
0%
Pennsylvania1,220Hawley
0%
New Jersey3,382Haworth
0%
North Carolina2,295Haw River
0%
Illinois7,663Hawthorn Woods
0%
Idaho13,294Hayden
0%
Colorado1,810Hayden
0%
Minnesota1,340Hayfield
0%
Virginia1,518Haymarket
0%
Louisiana2,327Haynesville
0%
Kansas10,826Haysville
0%
Missouri2,939Hayti
0%
Kentucky4,456Hazard
0%
Illinois14,100Hazel Crest
0%
Michigan16,422Hazel Park
0%
Missouri25,703Hazelwood
0%
Arkansas1,468Hazen
0%
North Dakota2,411Hazen
0%
Mississippi4,009Hazlehurst
0%
Georgia4,226Hazlehurst
0%
Pennsylvania25,349Hazleton
0%
Alabama4,510Headland
0%
California11,254Healdsburg
0%
Oklahoma2,788Healdton
0%
Texas4,457Hearne
0%
Ohio10,285Heath
0%
Texas7,329Heath
0%
Oklahoma3,414Heavener
0%
Utah14,414Heber City
0%
Arkansas7,165Heber Springs
0%
Ohio2,336Hebron
0%
Illinois1,216Hebron
0%
Maryland1,084Hebron
0%
Nebraska1,579Hebron
0%
Kentucky1,087Hebron Estates
0%
Minnesota1,151Hector
0%
Texas2,544Hedwig Village
0%
Alabama3,480Heflin
0%
Arkansas12,282Helena-West Helena
0%
Pennsylvania5,898Hellertown
0%
New Jersey2,178Helmetta
0%
Texas7,346Helotes
0%
Utah2,031Helper
0%
North Carolina1,537Hemby Bridge
0%
Texas1,251Hemphill
0%
Alabama2,344Henagar
0%
Oklahoma2,131Hennessey
0%
Texas3,144Henrietta
0%
Oklahoma5,927Henryetta
0%
Georgia4,011Hephzibah
0%
Oregon1,291Heppner
0%
Missouri3,468Herculaneum
0%
California24,060Hercules
0%
Kansas2,529Herington
0%
Kentucky1,076Heritage Creek
0%
Missouri2,431Hermann
0%
Minnesota9,414Hermantown
0%
Oregon16,745Hermiston
0%
Pennsylvania16,414Hermitage
0%
California19,506Hermosa Beach
0%
Illinois12,501Herrin
0%
Illinois1,591Herscher
0%
Kansas3,711Hesston
0%
North Dakota1,226Hettinger
0%
Idaho3,089Heyburn
0%
Illinois2,841Heyworth
0%
Florida24,043Hialeah Gardens
0%
Iowa7,024Hiawatha
0%
Kansas3,261Hiawatha
0%
Texas3,412Hickory Creek
0%
Illinois14,049Hickory Hills
0%
Ohio3,557Hicksville
0%
Texas1,373Hico
0%
California1,856Hidden Hills
0%
Texas2,936Hideaway
0%
Missouri4,797Higginsville
0%
New Jersey3,648High Bridge
0%
Florida3,915Highland Beach
0%
Texas15,084Highland Village
0%
Pennsylvania2,399Highspire
0%
Florida6,137High Springs
0%
New Jersey5,494Hightstown
0%
Illinois5,405Highwood
0%
Utah2,916Hildale
0%
North Carolina2,020Hildebran
0%
Illinois1,326Hillcrest
0%
Florida2,020Hillsboro Beach
0%
Illinois8,157Hillside
0%
Virginia2,729Hillsville
0%
Kentucky8,172Hillview
0%
Illinois2,070Hinckley
0%
Minnesota1,800Hinckley
0%
Oregon1,563Hines
0%
Georgia33,437Hinesville
0%
Massachusetts22,157Hingham
0%
New Hampshire4,046Hinsdale
0%
Massachusetts2,032Hinsdale
0%
Illinois16,816Hinsdale
0%
Georgia3,546Hiram
0%
Ohio1,406Hiram
0%
Texas6,961Hitchcock
0%
Kentucky3,206Hodgenville
0%
Illinois1,897Hodgkins
0%
Georgia3,060Hogansville
0%
Tennessee3,757Hohenwald
0%
New Jersey4,078Ho-Ho-Kus
0%
Kansas2,708Hoisington
0%
Alabama4,286Hokes Bluff
0%
Kansas2,089Holcomb
0%
Massachusetts17,346Holden
0%
Missouri2,252Holden
0%
Oklahoma5,771Holdenville
0%
New Hampshire2,108Holderness
0%
Nebraska5,495Holdrege
0%
Ohio1,109Holgate
0%
Texas1,127Holiday Lakes
0%
Utah30,793Holladay
0%
Mississippi2,702Hollandale
0%
Pennsylvania5,764Hollidaysburg
0%
Massachusetts13,547Holliston
0%
South Carolina1,277Holly Hill
0%
Florida12,316Holly Hill
0%
North Carolina1,277Holly Ridge
0%
Texas3,119Hollywood Park
0%
Florida4,295Holmes Beach
0%
Kansas3,325Holton
0%
Missouri3,247Holts Summit
0%
California5,939Holtville
0%
Idaho2,633Homedale
0%
Pennsylvania1,705Homer City
0%
Illinois24,220Homer Glen
0%
Georgia2,456Homerville
0%
Illinois4,349Hometown
0%
Oklahoma3,565Hominy
0%
Virginia1,451Honaker
0%
Texas8,807Hondo
0%
South Carolina3,597Honea Path
0%
Pennsylvania4,519Honesdale
0%
Pennsylvania1,716Honey Brook
0%
Texas1,668Honey Grove
0%
Utah1,372Honeyville
0%
Texas2,769Hooks
0%
New Hampshire13,451Hooksett
0%
Utah8,236Hooper
0%
Alaska1,093Hooper Bay
0%
Illinois5,351Hoopeston
0%
New Jersey14,950Hopatcong
0%
Massachusetts5,911Hopedale
0%
North Carolina15,088Hope Mills
0%
Kentucky31,577Hopkinsville
0%
Washington8,726Hoquiam
0%
North Dakota2,430Horace
0%
Arkansas1,044Horatio
0%
Wisconsin3,655Horicon
0%
Texas16,730Horizon City
0%
Puerto Rico12,443Hormigueros
0%
New York8,563Hornell
0%
Mississippi26,066Horn Lake
0%
Kentucky2,311Horse Cave
0%
Texas3,510Horseshoe Bay
0%
Arkansas2,184Horseshoe Bend
0%
Kansas1,769Horton
0%
Georgia1,377Hoschton
0%
Arkansas12,807Hot Springs Village
0%
Michigan1,808Howard City
0%
Minnesota1,962Howard Lake
0%
Florida1,175Howey-in-the-Hills
0%
Kansas1,203Hoxie
0%
Arkansas2,780Hoxie
0%
Minnesota2,017Hoyt Lakes
0%
Puerto Rico2,456H. Rivera Colón
0%
Arizona1,853Huachuca City
0%
Massachusetts4,382Hubbardston
0%
Texas1,682Hudson Oaks
0%
Michigan7,116Hudsonville
0%
Alabama16,105Hueytown
0%
Arkansas1,441Hughes
0%
Texas1,758Hughes Springs
0%
Pennsylvania1,392Hughestown
0%
Pennsylvania2,116Hughesville
0%
California6,640Hughson
0%
Minnesota13,332Hugo
0%
Oklahoma5,310Hugo
0%
Kansas3,921Hugoton
0%
Pennsylvania1,002Hulmeville
0%
Puerto Rico18,629Humacao
0%
Missouri1,048Humansville
0%
Texas4,376Hunters Creek Village
0%
Indiana6,057Huntingburg
0%
Michigan6,238Huntington Woods
0%
Illinois24,291Huntley
0%
Wisconsin1,547Hurley
0%
New Mexico1,297Hurley
0%
Maryland2,092Hurlock
0%
West Virginia6,284Hurricane
0%
Utah15,676Hurricane
0%
Kentucky4,216Hurstbourne
0%
Kentucky1,811Hurstbourne Acres
0%
Virginia1,300Hurt
0%
Texas16,461Hutto
0%
Iowa3,317Huxley
0%
Florida2,783Hypoluxo
0%
Utah7,926Hyrum
0%
Oklahoma7,010Idabel
0%
Texas2,296Idalou
0%
American Samoa3,195Ili'ili
0%
Puerto Rico3,899Imbéry
0%
Michigan3,597Imlay City
0%
Nebraska2,071Imperial
0%
California14,758Imperial
0%
California26,324Imperial Beach
0%
Guam2,273Inarajan
0%
Florida2,913Indialantic
0%
Florida8,565Indian Harbour Beach
0%
Maryland3,844Indian Head
0%
Illinois3,809Indian Head Park
0%
Kentucky2,868Indian Hills
0%
Iowa14,782Indianola
0%
Mississippi10,683Indianola
0%
Florida4,252Indian River Shores
0%
Florida4,286Indian Rocks Beach
0%
Florida1,476Indian Shores
0%
Alabama2,363Indian Springs Village
0%
California4,958Indian Wells
0%
Puerto Rico1,484Indios
0%
Puerto Rico5,354Ingenio
0%
Florida1,323Inglis
0%
Pennsylvania3,330Ingram
0%
Texas1,790Ingram
0%
Oklahoma1,788Inola
0%
Florida1,461Interlachen
0%
Kansas5,697Iola
0%
Idaho1,803Iona
0%
California7,918Ione
0%
Michigan11,394Ionia
0%
Louisiana1,500Iota
0%
Texas1,161Iowa Colony
0%
Texas6,378Iowa Park
0%
South Carolina11,097Irmo
0%
Alabama12,349Irondale
0%
Michigan3,029Iron River
0%
Michigan5,387Ironwood
0%
Oregon1,826Irrigon
0%
California1,422Irwindale
0%
Minnesota5,251Isanti
0%
Michigan6,470Ishpeming
0%
Florida6,383Islamorada
0%
New Jersey1,673Island Heights
0%
Illinois8,080Island Lake
0%
South Carolina4,133Isle of Palms
0%
Washington30,440Issaquah
0%
Texas1,644Itasca
0%
Illinois8,649Itasca
0%
Mississippi3,028Iuka
0%
South Carolina1,218Iva
0%
Texas1,427Ivanhoe
0%
Utah7,908Ivins
0%
Pennsylvania1,030Ivyland
0%
Texas10,553Jacinto City
0%
Texas4,506Jacksboro
0%
Tennessee2,020Jacksboro
0%
Ohio1,462Jackson Center
0%
Pennsylvania1,841Jacobus
0%
New Hampshire5,457Jaffrey
0%
Puerto Rico1,062Jagual
0%
New Jersey5,915Jamesburg
0%
South Carolina12,166James Island
0%
Texas1,034Jarrell
0%
Indiana2,222Jasonville
0%
Puerto Rico1,529Jauca
0%
Puerto Rico2,759Jayuya
0%
Louisiana5,530Jeanerette
0%
Louisiana1,903Jean Lafitte
0%
Pennsylvania9,673Jeannette
0%
Pennsylvania10,626Jefferson Hills
0%
Kentucky26,595Jeffersontown
0%
Tennessee2,355Jellico
0%
Alabama2,585Jemison
0%
Louisiana3,398Jena
0%
Pennsylvania4,422Jenkintown
0%
Oklahoma16,924Jenks
0%
Pennsylvania2,169Jermyn
0%
Illinois1,656Jerome
0%
Idaho10,890Jerome
0%
Pennsylvania4,363Jersey Shore
0%
Texas7,609Jersey Village
0%
Illinois8,465Jerseyville
0%
Pennsylvania4,678Jessup
0%
Georgia10,214Jesup
0%
Iowa2,520Jesup
0%
Iowa1,215Jewell Junction
0%
Texas1,173Jewett
0%
Pennsylvania4,781Jim Thorpe
0%
Puerto Rico2,479Jobos
0%
Oregon1,744John Day
0%
Illinois6,337Johnsburg
0%
Pennsylvania2,483Johnsonburg
0%
Illinois3,543Johnston City
0%
Tennessee5,051Jonesborough
0%
Texas2,075Jones Creek
0%
Texas3,892Jourdanton
0%
Puerto Rico7,916Juana Díaz
0%
Arkansas2,019Judsonia
0%
Puerto Rico7,564Juncos
0%
Kansas23,361Junction City
0%
Kentucky2,241Junction City
0%
Oregon5,392Junction City
0%
Florida3,648Juno Beach
0%
Illinois12,926Justice
0%
Texas3,246Justin
0%
Northern Mariana Islands3,026Kagman
0%
Missouri2,078Kahoka
0%
Michigan2,020Kalkaska
0%
Iowa2,363Kalona
0%
Idaho1,295Kamiah
0%
Utah4,448Kanab
0%
Pennsylvania3,713Kane
0%
Illinois27,537Kankakee
0%
Louisiana4,600Kaplan
0%
Texas3,049Karnes City
0%
Minnesota5,931Kasson
0%
Texas6,600Kaufman
0%
Wisconsin15,462Kaukauna
0%
Utah30,328Kaysville
0%
New Jersey10,105Keansburg
0%
Utah37,194Kearns
0%
Kansas1,912Kechi
0%
Maryland1,152Keedysville
0%
Michigan2,970Keego Harbor
0%
Colorado1,127Keenesburg
0%
Minnesota1,068Keewatin
0%
Idaho2,120Kellogg
0%
Oklahoma1,150Kellyville
0%
Washington11,916Kelso
0%
Wyoming2,656Kemmerer
0%
Texas1,041Kemp
0%
Texas1,090Kempner
0%
Virginia1,264Kenbridge
0%
Indiana9,862Kendallville
0%
Pennsylvania2,877Kenhorst
0%
Illinois2,513Kenilworth
0%
New Jersey7,914Kenilworth
0%
North Carolina1,345Kenly
0%
North Dakota1,096Kenmare
0%
Washington20,476Kenmore
0%
Texas6,741Kennedale
0%
Florida5,059Kenneth City
0%
Missouri10,932Kennett
0%
Pennsylvania6,046Kennett Square
0%
West Virginia3,216Kenova
0%
Arkansas1,648Kensett
0%
Michigan1,057Kent City
0%
Minnesota1,815Kenyon
0%
Iowa1,006Keosauqua
0%
Iowa1,009Keota
0%
Texas1,563Kerens
0%
California13,544Kerman
0%
Texas5,713Kermit
0%
North Carolina23,095Kernersville
0%
Texas22,392Kerrville
0%
Colorado1,454Kersey
0%
South Carolina1,803Kershaw
0%
Idaho2,689Ketchum
0%
Washington1,578Kettle Falls
0%
Illinois12,916Kewanee
0%
Wisconsin2,952Kewaunee
0%
Florida13,149Key Biscayne
0%
New Jersey7,240Keyport
0%
West Virginia5,439Keyser
0%
Florida1,518Keystone Heights
0%
South Carolina1,626Kiawah Island
0%
Oklahoma1,685Kiefer
0%
Illinois3,968Kildeer
0%
Texas13,453Kilgore
0%
Louisiana1,206Killian
0%
Virginia1,488Kilmarnock
0%
Tennessee1,395Kimball
0%
Nebraska2,496Kimball
0%
Missouri2,400Kimberling City
0%
Idaho3,264Kimberly
0%
Alabama2,711Kimberly
0%
Illinois1,505Kincaid
0%
Louisiana2,477Kinder
0%
Missouri1,013King City
0%
Oregon3,111King City
0%
California12,874King City
0%
Oklahoma4,633Kingfisher
0%
Tennessee2,756Kingston Springs
0%
South Carolina3,328Kingstree
0%
West Virginia2,939Kingwood
0%
New Jersey10,248Kinnelon
0%
Alabama2,198Kinsey
0%
Kansas1,464Kinsley
0%
Kansas1,029Kiowa
0%
Texas8,000Kirby
0%
Texas2,144Kirbyville
0%
Missouri17,505Kirksville
0%
Ohio6,861Kirtland
0%
Pennsylvania4,026Kittanning
0%
Washington1,349Kittitas
0%
North Carolina11,403Knightdale
0%
Missouri2,709Knob Noster
0%
Texas1,130Knox City
0%
Northern Mariana Islands3,543Koblerville
0%
Oklahoma1,298Konawa
0%
Mississippi7,402Kosciusko
0%
Texas2,123Kountze
0%
Oklahoma2,053Krebs
0%
Louisiana1,198Krotz Springs
0%
Texas1,576Krugerville
0%
Texas4,118Krum
0%
Pennsylvania2,924Kulpmont
0%
Idaho15,210Kuna
0%
North Carolina2,009Kure Beach
0%
Pennsylvania5,002Kutztown
0%
Puerto Rico1,947La Alianza
0%
Florida5,226LaBelle
0%
California20,246La Cañada Flintridge
0%
Kentucky1,009LaCenter
0%
Washington2,951La Center
0%
New York18,141Lackawanna
0%
Texas1,119LaCoste
0%
Minnesota4,830La Crescent
0%
Kansas1,152La Cygne
0%
Texas6,457Lacy-Lakeview
0%
Illinois1,295Ladd
0%
Puerto Rico3,081La Dolores
0%
Missouri8,521Ladue
0%
Wisconsin3,414Ladysmith
0%
Texas7,214La Feria
0%
Puerto Rico2,743La Fermina
0%
Pennsylvania1,468Laflin
0%
Tennessee7,456La Follette
0%
Texas6,082Lago Vista
0%
Oregon13,082La Grande
0%
Illinois13,579La Grange Park
0%
Texas1,622La Grulla
0%
California30,344Laguna Hills
0%
Texas3,142Laguna Vista
0%
California16,192Laguna Woods
0%
California5,325La Habra Heights
0%
Illinois1,235La Harpe
0%
Michigan1,283Laingsburg
0%
Puerto Rico4,586Lajas
0%
Texas3,986La Joya
0%
Florida5,977Lake Alfred
0%
Louisiana2,738Lake Arthur
0%
Illinois4,973Lake Barrington
0%
Illinois5,722Lake Bluff
0%
Florida1,797Lake Butler
0%
Florida3,628Lake Clarke Shores
0%
Minnesota2,549Lake Crystal
0%
Texas7,111Lake Dallas
0%
Minnesota8,069Lake Elmo
0%
California51,821Lake Elsinore
0%
Minnesota1,694Lakefield
0%
California77,264Lake Forest
0%
Illinois19,375Lake Forest
0%
Washington12,602Lake Forest Park
0%
Florida1,442Lake Hamilton
0%
Florida2,814Lake Helen
0%
New Jersey2,654Lakehurst
0%
Illinois28,965Lake in the Hills
0%
Michigan1,681Lake Isabella
0%
Texas26,832Lake Jackson
0%
Michigan1,007Lake Linden
0%
Missouri1,939Lake Lotawana
0%
North Carolina1,169Lake Lure
0%
Florida17,283Lake Mary
0%
Iowa2,027Lake Mills
0%
Wisconsin5,708Lake Mills
0%
Illinois6,017Lakemoor
0%
Ohio3,064Lakemore
0%
Michigan2,018Lake Odessa
0%
Michigan2,973Lake Orion
0%
Missouri1,586Lake Ozark
0%
Iowa1,105Lake Park
0%
North Carolina3,422Lake Park
0%
Florida8,605Lake Park
0%
California4,753Lakeport
0%
Louisiana3,991Lake Providence
0%
Missouri1,432Lakeshire
0%
Minnesota1,004Lake Shore
0%
Kentucky2,668Lakeside Park
0%
Tennessee1,826Lakesite
0%
Indiana12,572Lake Station
0%
Minnesota1,051Lake St. Croix Beach
0%
Washington28,061Lake Stevens
0%
Missouri14,545Lake St. Louis
0%
Illinois8,741Lake Villa
0%
Arkansas2,575Lake Village
0%
North Carolina1,471Lake Waccamaw
0%
Florida16,577Lake Wales
0%
Texas11,679Lakeway
0%
Michigan1,291Lakewood Club
0%
Florida38,267Lake Worth Beach
0%
Illinois17,631Lake Zurich
0%
Kansas2,224Lakin
0%
Puerto Rico2,590La Luisa
0%
Missouri4,532Lamar
0%
Colorado7,804Lamar
0%
Arkansas1,605Lamar
0%
Texas14,511La Marque
0%
Puerto Rico1,050Lamboglia
0%
Missouri1,140La Monte
0%
Texas6,735Lampasas
0%
Illinois1,457Lanark
0%
North Carolina3,087Landis
0%
Maryland1,687Landover Hills
0%
South Carolina2,376Landrum
0%
Massachusetts3,091Lanesborough
0%
Alabama6,468Lanett
0%
North Dakota1,878Langdon
0%
Pennsylvania1,440Langhorne Manor
0%
Oklahoma1,724Langston
0%
Michigan2,011L'Anse
0%
Pennsylvania3,941Lansford
0%
Florida11,867Lantana
0%
California15,568La Palma
0%
Puerto Rico1,044La Parguera
0%
Michigan8,841Lapeer
0%
Oregon1,653La Pine
0%
Missouri1,366La Plata
0%
Maryland8,753La Plata
0%
Puerto Rico1,900La Playa
0%
Indiana22,053La Porte
0%
Texas33,806La Porte
0%
Iowa2,285La Porte City
0%
California39,816La Puente
0%
Idaho1,137Lapwai
0%
Puerto Rico4,917Lares
0%
North Dakota1,346Larimore
0%
California11,926Larkspur
0%
Pennsylvania4,480Larksville
0%
Colorado2,410Las Animas
0%
Puerto Rico2,570Las Carolinas / Bairoa
0%
Puerto Rico1,053Las Croabas
0%
Puerto Rico2,049Las Marías
0%
Puerto Rico1,557Las Ollas
0%
Puerto Rico5,883Las Piedras
0%
Missouri2,086Lathrop
0%
California18,023Lathrop
0%
Michigan4,075Lathrup Village
0%
South Carolina1,379Latta
0%
Florida6,680Lauderdale-by-the-Sea
0%
Florida36,324Lauderdale Lakes
0%
Pennsylvania3,894Laureldale
0%
North Carolina2,155Laurel Park
0%
New Jersey1,908Laurel Springs
0%
South Carolina9,139Laurens
0%
Iowa1,258Laurens
0%
North Carolina15,948Laurinburg
0%
Michigan1,977Laurium
0%
Arkansas2,289Lavaca
0%
New Jersey1,875Lavallette
0%
Tennessee32,588La Vergne
0%
Utah4,225La Verkin
0%
Texas1,031La Vernia
0%
Texas2,439La Villa
0%
Nebraska16,640La Vista
0%
Texas2,223Lavon
0%
Georgia2,156Lavonia
0%
California32,769Lawndale
0%
New Jersey2,945Lawnside
0%
Arkansas1,993Leachville
0%
Missouri1,282Leadwood
0%
Texas27,271Leander
0%
Washington1,963Leavenworth
0%
Kansas35,247Leavenworth
0%
Kentucky1,813Lebanon Junction
0%
Minnesota2,499Le Center
0%
Iowa3,765Le Claire
0%
Louisiana1,227Lecompte
0%
Pennsylvania2,146Leechburg
0%
Pennsylvania1,890Leesport
0%
Ohio1,967Leetonia
0%
Pennsylvania1,218Leetsdale
0%
Pennsylvania5,500Lehighton
0%
Kentucky6,699Leitchfield
0%
Illinois1,503Leland Grove
0%
Iowa9,826Le Mars
0%
California25,320Lemon Grove
0%
Illinois16,000Lemont
0%
California24,531Lemoore
0%
Pennsylvania4,553Lemoyne
0%
New Hampshire1,154Lempster
0%
South Dakota2,111Lennox
0%
North Carolina18,226Lenoir
0%
Tennessee8,642Lenoir City
0%
Massachusetts5,025Lenox
0%
Iowa1,407Lenox
0%
American Samoa1,919Leone
0%
New Jersey8,937Leonia
0%
Texas10,231Leon Valley
0%
Louisiana1,084Leonville
0%
Kansas1,526Leoti
0%
Arkansas1,893Lepanto
0%
Illinois3,560Le Roy
0%
Michigan1,851Leslie
0%
Minnesota1,730Lester Prairie
0%
Texas13,555Levelland
0%
Alabama2,085Level Plains
0%
Massachusetts1,851Leverett
0%
Delaware3,233Lewes
0%
Kentucky1,670Lewisport
0%
Montana2,628Libby
0%
Ohio1,180Liberty Center
0%
Washington7,594Liberty Lake
0%
Illinois20,315Libertyville
0%
Puerto Rico1,112Liborio Negrón Torres
0%
Missouri3,124Licking
0%
Florida11,283Lighthouse Point
0%
Indiana4,405Ligonier
0%
Pennsylvania1,569Ligonier
0%
Missouri1,190Lilbourn
0%
Georgia11,596Lilburn
0%
North Carolina3,183Lillington
0%
Illinois1,598Limestone
0%
Kansas1,291Lincoln Center
0%
Ohio3,263Lincoln Heights
0%
Michigan38,144Lincoln Park
0%
New Jersey10,521Lincoln Park
0%
Illinois7,275Lincolnshire
0%
South Carolina1,139Lincolnville
0%
Illinois12,590Lincolnwood
0%
Texas4,804Lindale
0%
Illinois14,462Lindenhurst
0%
New Jersey17,479Lindenwold
0%
Utah10,761Lindon
0%
Texas1,017Lindsay
0%
California11,768Lindsay
0%
Oklahoma2,840Lindsay
0%
Kansas3,454Lindsborg
0%
Minnesota4,442Lindstrom
0%
Pennsylvania1,036Linesville
0%
Missouri1,459Linn
0%
Minnesota20,216Lino Lakes
0%
Indiana5,413Linton
0%
North Dakota1,097Linton
0%
New Jersey7,092Linwood
0%
Alabama2,210Lipscomb
0%
Illinois22,390Lisle
0%
New Hampshire8,271Litchfield
0%
Minnesota6,726Litchfield
0%
Michigan1,369Litchfield
0%
Illinois6,939Litchfield
0%
Arizona5,476Litchfield Park
0%
Pennsylvania9,161Lititz
0%
Minnesota9,773Little Canada
0%
Rhode Island3,492Little Compton
0%
Texas25,906Little Elm
0%
Minnesota8,343Little Falls
0%
New York4,946Little Falls
0%
New Jersey10,626Little Ferry
0%
Texas6,377Littlefield
0%
Arkansas2,585Little Flock
0%
Texas1,967Little River-Academy
0%
New Jersey5,950Little Silver
0%
Pennsylvania4,434Littlestown
0%
Alabama1,011Littleville
0%
California8,392Live Oak
0%
Texas13,137Live Oak
0%
Florida6,974Live Oak
0%
Texas3,259Llano
0%
Puerto Rico1,733Lluveras
0%
Colorado4,726Lochbuie
0%
Texas12,689Lockhart
0%
Ohio3,460Lockland
0%
Texas1,842Lockney
0%
North Carolina2,926Locust
0%
Alabama1,186Locust Fork
0%
Georgia5,402Locust Grove
0%
Oklahoma1,423Locust Grove
0%
Louisiana1,555Logansport
0%
Indiana18,396Logansport
0%
Pennsylvania1,240Loganville
0%
Georgia10,458Loganville
0%
Puerto Rico3,875Loíza
0%
California23,261Loma Linda
0%
California20,256Lomita
0%
Maryland1,214Lonaconing
0%
Oklahoma5,054Lone Grove
0%
Missouri1,050Lone Jack
0%
Texas1,581Lone Star
0%
Florida7,323Longboat Key
0%
New Jersey30,719Long Branch
0%
Illinois1,328Long Creek
0%
Illinois8,043Long Grove
0%
Minnesota1,768Long Lake
0%
Massachusetts15,784Longmeadow
0%
Minnesota3,458Long Prairie
0%
Florida15,124Longwood
0%
Arkansas4,245Lonoke
0%
Minnesota3,674Lonsdale
0%
Indiana2,751Loogootee
0%
Georgia1,602Lookout Mountain
0%
Tennessee1,832Lookout Mountain
0%
California6,430Loomis
0%
New Mexico2,797Lordsburg
0%
Ohio3,423Lordstown
0%
Texas1,147Lorenzo
0%
South Carolina2,396Loris
0%
California7,922Los Altos Hills
0%
California35,972Los Banos
0%
Texas7,044Los Fresnos
0%
Texas1,029Los Indios
0%
Puerto Rico2,118Los Llanos
0%
New Mexico14,835Los Lunas
0%
Puerto Rico2,129Los Prados
0%
New Mexico6,024Los Ranchos de Albuquerque
0%
Virginia1,555Louisa
0%
Kentucky2,467Louisa
0%
North Carolina3,414Louisburg
0%
Kansas4,307Louisburg
0%
Georgia6,422Lovejoy
0%
Wyoming2,360Lovell
0%
Illinois23,996Loves Park
0%
Virginia1,620Lovettsville
0%
New Mexico1,413Loving
0%
New Mexico11,009Lovington
0%
Illinois1,130Lovington
0%
Ohio1,155Lowellville
0%
Pennsylvania11,760Lower Burrell
0%
Texas1,701Lowry Crossing
0%
Florida3,564Loxahatchee Groves
0%
Alabama1,632Loxley
0%
Wisconsin1,261Loyal
0%
Kentucky1,461Loyall
0%
North Carolina1,136Lucama
0%
Mississippi2,923Lucedale
0%
Ohio1,012Luckey
0%
Michigan8,076Ludington
0%
Kentucky4,407Ludlow
0%
Massachusetts21,103Ludlow
0%
Georgia1,703Ludowici
0%
Texas35,115Lufkin
0%
Puerto Rico2,912Luis Lloréns Torres
0%
Puerto Rico2,290Luis M. Cintrón
0%
Georgia2,758Lula
0%
Texas5,401Luling
0%
Georgia1,328Lumber City
0%
Georgia2,741Lumpkin
0%
Michigan1,436Luna Pier
0%
Massachusetts10,086Lunenburg
0%
Puerto Rico7,761Luquillo
0%
Virginia4,897Luray
0%
Wyoming1,567Lusk
0%
Louisiana3,559Lutcher
0%
Tennessee1,074Luttrell
0%
Minnesota4,745Luverne
0%
Alabama2,800Luverne
0%
Arkansas1,178Luxora
0%
Puerto Rico2,886Luyando
0%
Texas2,608Lyford
0%
Pennsylvania1,781Lykens
0%
Wyoming2,115Lyman
0%
South Carolina3,243Lyman
0%
New Hampshire1,683Lyndeborough
0%
Ohio14,001Lyndhurst
0%
Massachusetts11,596Lynnfield
0%
Florida21,492Lynn Haven
0%
Colorado2,033Lyons
0%
Georgia4,367Lyons
0%
Kansas3,734Lyons
0%
Illinois10,729Lyons
0%
Oregon1,161Lyons
0%
Texas2,502Lytle
0%
Texas2,992Mabank
0%
West Virginia1,408Mabscott
0%
Washington2,281Mabton
0%
Florida6,705Macclenny
0%
Ohio11,128Macedonia
0%
Illinois23,499Machesney Park
0%
Illinois1,950Mackinaw
0%
Pennsylvania3,074Macungie
0%
New Hampshire1,771Madbury
0%
Ohio8,720Madeira
0%
Florida4,327Madeira Beach
0%
Minnesota2,308Madelia
0%
Oklahoma3,770Madill
0%
Michigan29,694Madison Heights
0%
Minnesota1,017Madison Lake
0%
Texas4,396Madisonville
0%
Tennessee4,577Madisonville
0%
Kentucky19,591Madisonville
0%
Puerto Rico1,215Magas Arriba
0%
Mississippi4,408Magee
0%
North Carolina1,142Maggie Valley
0%
Utah28,257Magna
0%
Pennsylvania4,162Mahanoy City
0%
Minnesota1,214Mahnomen
0%
Illinois7,258Mahomet
0%
North Carolina3,329Maiden
0%
Florida17,947Maitland
0%
Kansas3,444Maize
0%
Florida3,133Malabar
0%
Idaho2,095Malad City
0%
American Samoa1,182Malaeimi
0%
Texas2,315Malakoff
0%
Arizona1,426Mammoth
0%
California8,234Mammoth Lakes
0%
Louisiana3,242Mamou
0%
New Jersey5,897Manasquan
0%
Virginia14,241Manassas Park
0%
Puerto Rico14,011Manatí
0%
Wisconsin1,371Manawa
0%
Michigan1,390Mancelona
0%
Massachusetts5,136Manchester-by-the-Sea
0%
North Dakota18,331Mandan
0%
Louisiana11,560Mandeville
0%
Guam15,191Mangilao
0%
Florida2,017Mangonia Park
0%
Oklahoma3,010Mangum
0%
Colorado4,992Manitou Springs
0%
Wisconsin33,736Manitowoc
0%
Iowa1,323Manly
0%
Oklahoma3,076Mannford
0%
West Virginia2,063Mannington
0%
Louisiana1,419Mansura
0%
Mississippi1,144Mantachie
0%
Illinois9,204Manteno
0%
North Carolina1,320Manteo
0%
Utah3,420Manti
0%
Michigan1,287Manton
0%
Minnesota1,197Mantorville
0%
Ohio1,033Mantua
0%
Texas5,229Manvel
0%
New Jersey10,344Manville
0%
Louisiana2,853Many
0%
Ohio23,138Maple Heights
0%
Minnesota2,059Maple Lake
0%
Illinois1,310Maple Park
0%
Minnesota1,768Maple Plain
0%
Minnesota1,756Mapleton
0%
Utah9,255Mapleton
0%
Iowa1,224Mapleton
0%
American Samoa1,126Mapusagafou
0%
Texas6,093Marble Falls
0%
Massachusetts19,808Marblehead
0%
Missouri1,477Marble Hill
0%
Wyoming1,094Marbleton
0%
Missouri2,233Marceline
0%
Michigan1,198Marcellus
0%
Pennsylvania2,397Marcus Hook
0%
Iowa2,528Marengo
0%
Illinois7,648Marengo
0%
Texas1,982Marfa
0%
New Jersey6,354Margate City
0%
Puerto Rico1,285María Antonia
0%
Puerto Rico2,240Mariano Colón
0%
Ohio3,399Mariemont
0%
Michigan4,248Marine City
0%
Louisiana1,098Maringouin
0%
Missouri2,225Marionville
0%
Illinois1,979Marissa
0%
Arkansas2,566Marked Tree
0%
Illinois12,508Markham
0%
Louisiana5,702Marksville
0%
Michigan1,875Marlette
0%
Texas5,969Marlin
0%
West Virginia1,054Marlinton
0%
Oklahoma4,662Marlow
0%
Arkansas1,111Marmaduke
0%
West Virginia1,503Marmet
0%
Illinois1,801Maroa
0%
Illinois2,824Marquette Heights
0%
Utah1,978Marriott-Slaterville
0%
Illinois5,094Marseilles
0%
Georgia1,448Marshallville
0%
Wisconsin19,118Marshfield
0%
Massachusetts25,132Marshfield
0%
Missouri6,633Marshfield
0%
North Carolina1,869Mars Hill
0%
Idaho1,031Marsing
0%
Missouri1,136Marthasville
0%
Ohio6,913Martins Ferry
0%
Puerto Rico2,232Martorell
0%
Puerto Rico1,011Marueño
0%
Arkansas1,186Marvell
0%
North Carolina5,574Marvin
0%
Florida4,370Mary Esther
0%
Missouri27,472Maryland Heights
0%
Florida5,873Mascotte
0%
Illinois7,483Mascoutah
0%
Massachusetts14,006Mashpee
0%
Pennsylvania3,463Masontown
0%
Ohio32,257Massillon
0%
Pennsylvania2,469Matamoras
0%
New Jersey8,810Matawan
0%
Texas4,942Mathis
0%
Massachusetts6,045Mattapoisett
0%
Washington4,333Mattawa
0%
Michigan1,997Mattawan
0%
Illinois19,009Matteson
0%
Illinois18,555Mattoon
0%
Texas1,056Maud
0%
Oklahoma1,048Maud
0%
Ohio14,282Maumee
0%
Arkansas17,163Maumelle
0%
Puerto Rico1,668Maunabo
0%
Wisconsin4,423Mauston
0%
North Carolina2,439Maxton
0%
Ohio19,155Mayfield Heights
0%
Arkansas2,234Mayflower
0%
Massachusetts10,106Maynard
0%
Tennessee2,413Maynardville
0%
North Carolina2,477Mayodan
0%
North Carolina1,027Maysville
0%
Missouri1,114Maysville
0%
Kentucky9,011Maysville
0%
Georgia1,798Maysville
0%
Oklahoma1,232Maysville
0%
Illinois24,090Maywood
0%
California27,395Maywood
0%
New Jersey9,555Maywood
0%
Illinois1,015Mazon
0%
Pennsylvania2,300McAdoo
0%
Oklahoma18,383McAlester
0%
Ohio1,705McArthur
0%
Idaho2,991McCall
0%
Texas1,887McCamey
0%
Georgia1,056McCaysville
0%
Washington1,652McCleary
0%
South Carolina2,174McColl
0%
Mississippi12,790McComb
0%
Ohio1,649McComb
0%
Pennsylvania1,053McConnellsburg
0%
Ohio1,780McConnelsville
0%
Nebraska7,698McCook
0%
South Carolina2,783McCormick
0%
Arkansas1,729McCrory
0%
Illinois1,049McCullom Lake
0%
Tennessee1,750McEwen
0%
Arkansas4,219McGehee
0%
Illinois26,992McHenry
0%
Pennsylvania19,732McKeesport
0%
Pennsylvania6,081McKees Rocks
0%
Illinois2,883McLeansboro
0%
Texas1,408McLendon-Chisholm
0%
Oklahoma4,044McLoud
0%
West Virginia1,926McMechen
0%
Tennessee13,605McMinnville
0%
Oregon32,187McMinnville
0%
Kansas13,161McPherson
0%
Georgia8,623McRae–Helena
0%
Pennsylvania3,038McSherrystown
0%
Texas1,665Meadowlakes
0%
Texas4,619Meadows Place
0%
Pennsylvania13,392Meadville
0%
North Carolina11,386Mebane
0%
Iowa1,146Mechanicsville
0%
New York5,196Mechanicville
0%
Massachusetts12,024Medfield
0%
New Jersey4,146Medford Lakes
0%
Iowa1,560Mediapolis
0%
Washington5,059Medical Lake
0%
Kansas2,020Medicine Lodge
0%
Massachusetts12,752Medway
0%
South Carolina1,226Meggett
0%
Georgia1,035Meigs
0%
Florida3,288Melbourne Beach
0%
Iowa1,288Melcher-Dallas
0%
Texas4,772Melissa
0%
Minnesota3,598Melrose
0%
Massachusetts26,983Melrose
0%
Illinois25,411Melrose Park
0%
Louisiana1,041Melville
0%
Minnesota1,306Menahga
0%
Wisconsin17,353Menasha
0%
Mississippi2,504Mendenhall
0%
New Jersey4,981Mendham Borough
0%
Massachusetts5,839Mendon
0%
Utah1,173Mendon
0%
Illinois7,372Mendota
0%
California11,014Mendota
0%
Minnesota11,071Mendota Heights
0%
Ohio7,439Mentor-on-the-Lake
0%
Wisconsin23,132Mequon
0%
Texas15,679Mercedes
0%
Washington22,699Mercer Island
0%
Pennsylvania1,553Mercersburg
0%
New Jersey3,821Merchantville
0%
Illinois1,044Meredosia
0%
Guam1,850Merizo
0%
Texas2,590Merkel
0%
Kansas11,017Merriam
0%
Missouri1,761Merriam Woods
0%
Wisconsin9,661Merrill
0%
New Hampshire25,494Merrimack
0%
Illinois1,900Merrionette Park
0%
Louisiana1,103Merryville
0%
New Mexico2,196Mesilla
0%
Illinois3,636Metamora
0%
Mississippi1,067Metcalfe
0%
Illinois6,537Metropolis
0%
Georgia4,130Metter
0%
New Jersey13,478Metuchen
0%
Florida1,223Mexico Beach
0%
Pennsylvania2,184Meyersdale
0%
Florida31,628Miami Lakes
0%
Ohio20,167Miamisburg
0%
Florida10,562Miami Shores
0%
Florida14,315Miami Springs
0%
Pennsylvania1,316Middleburg
0%
Ohio15,950Middleburg Heights
0%
Ohio2,690Middlefield
0%
Ohio2,527Middleport
0%
Michigan3,319Middleville
0%
Alabama5,365Midfield
0%
Alabama2,344Midland City
0%
New Jersey7,128Midland Park
0%
Texas18,664Midlothian
0%
Illinois14,819Midlothian
0%
Utah32,249Midvale
0%
Pennsylvania3,528Mifflinburg
0%
Minnesota2,946Milaca
0%
South Dakota3,353Milbank
0%
Pennsylvania1,099Milesburg
0%
Montana8,410Miles City
0%
Pennsylvania1,159Millbourne
0%
California21,532Millbrae
0%
Alabama14,640Millbrook
0%
Massachusetts13,261Millbury
0%
Ohio1,200Millbury
0%
Oregon1,855Mill City
0%
Georgia17,715Milledgeville
0%
Illinois1,032Milledgeville
0%
Oregon1,329Millersburg
0%
Pennsylvania2,555Millersburg
0%
Ohio3,036Millersburg
0%
Ohio1,044Millersport
0%
Tennessee6,440Millersville
0%
Pennsylvania8,167Millersville
0%
Pennsylvania1,613Mill Hall
0%
Colorado5,610Milliken
0%
Michigan1,072Millington
0%
Tennessee10,176Millington
0%
Massachusetts7,891Millis
0%
Alabama1,049Millport
0%
Delaware4,446Millsboro
0%
North Carolina6,729Mills River
0%
Illinois4,011Millstadt
0%
New Jersey6,893Milltown
0%
Pennsylvania3,714Millvale
0%
California13,903Mill Valley
0%
Washington1,786Millwood
0%
Oregon7,050Milton-Freewater
0%
Oklahoma1,632Minco
0%
Wisconsin2,487Mineral Point
0%
Arkansas1,208Mineral Springs
0%
North Carolina2,650Mineral Springs
0%
Texas16,792Mineral Wells
0%
Pennsylvania4,404Minersville
0%
Ohio3,710Minerva
0%
Ohio1,272Minerva Park
0%
Ohio3,454Mingo Junction
0%
Illinois1,252Minier
0%
Minnesota1,392Minneota
0%
Illinois2,078Minonk
0%
Illinois10,924Minooka
0%
Ohio2,804Minster
0%
Puerto Rico1,804Miranda
0%
Kansas3,475Mission Hills
0%
Missouri13,974Moberly
0%
South Dakota3,465Mobridge
0%
Puerto Rico3,861Moca
0%
North Carolina5,048Mocksville
0%
Ohio3,866Mogadore
0%
Pennsylvania3,011Mohnton
0%
Illinois18,740Mokena
0%
Oregon8,108Molalla
0%
Missouri2,442Moline Acres
0%
Illinois3,310Momence
0%
Utah1,450Mona
0%
Pennsylvania5,737Monaca
0%
Texas6,961Monahans
0%
South Carolina7,885Moncks Corner
0%
Wisconsin2,777Mondovi
0%
Illinois5,148Monee
0%
Pennsylvania7,719Monessen
0%
Missouri8,873Monett
0%
Arkansas1,501Monette
0%
Guam6,825Mongmong-Toto-Maite
0%
New Jersey3,279Monmouth Beach
0%
West Virginia1,044Monongah
0%
Pennsylvania4,298Monongahela
0%
Puerto Rico2,592Monserrate
0%
Massachusetts8,560Monson
0%
Massachusetts8,437Montague
0%
California1,443Montague
0%
Michigan2,361Montague
0%
Pennsylvania1,712Mont Alto
0%
Texas3,836Mont Belvieu
0%
Tennessee1,192Monteagle
0%
Puerto Rico2,800Monte Grande
0%
Wisconsin1,495Montello
0%
Washington3,991Montesano
0%
California3,341Monte Sereno
0%
Alabama6,323Montevallo
0%
Minnesota5,383Montevideo
0%
Colorado4,444Monte Vista
0%
Iowa1,462Montezuma
0%
Georgia3,460Montezuma
0%
Missouri2,834Montgomery City
0%
Utah2,599Monticello
0%
Illinois5,548Monticello
0%
Arkansas9,467Monticello
0%
Indiana5,378Monticello
0%
Iowa3,796Monticello
0%
Minnesota12,759Monticello
0%
Kentucky6,188Monticello
0%
Florida2,425Monticello
0%
Georgia2,657Monticello
0%
Mississippi1,571Monticello
0%
Pennsylvania4,615Montoursville
0%
Florida1,675Montverde
0%
New Hampshire2,409Mont Vernon
0%
Colorado5,530Monument
0%
Alabama11,726Moody
0%
Texas1,371Moody
0%
New Jersey2,708Moonachie
0%
Wyoming1,009Moorcroft
0%
Florida1,807Moore Haven
0%
Oklahoma1,190Mooreland
0%
California34,421Moorpark
0%
Minnesota2,751Moose Lake
0%
Pennsylvania5,719Moosic
0%
Ohio6,337Moraine
0%
Kentucky6,845Morehead
0%
North Carolina8,654Morehead City
0%
Ohio3,320Moreland Hills
0%
Michigan2,220Morenci
0%
Louisiana12,404Morgan City
0%
Kentucky3,285Morganfield
0%
Texas4,208Morgan's Point Resort
0%
New Mexico1,910Moriarty
0%
Maryland2,015Morningside
0%
Utah1,640Moroni
0%
Puerto Rico2,032Morovis
0%
Arkansas6,767Morrilton
0%
Illinois1,056Morrisonville
0%
New Jersey5,532Morris Plains
0%
North Carolina18,585Morrisville
0%
Pennsylvania8,728Morrisville
0%
California10,234Morro Bay
0%
Illinois23,270Morton Grove
0%
Missouri2,509Moscow Mills
0%
Tennessee2,362Mosheim
0%
Wisconsin3,988Mosinee
0%
Mississippi13,704Moss Point
0%
Alabama3,471Moulton
0%
New Hampshire4,044Moultonborough
0%
Georgia14,268Moultrie
0%
Mississippi1,533Mound Bayou
0%
Missouri1,159Mound City
0%
Kansas1,871Moundridge
0%
Minnesota12,155Mounds View
0%
Alabama2,427Moundville
0%
Alabama20,413Mountain Brook
0%
Tennessee2,531Mountain City
0%
Georgia1,088Mountain City
0%
Missouri4,789Mountain Grove
0%
Idaho14,206Mountain Home
0%
Arkansas12,448Mountain Home
0%
Minnesota2,869Mountain Iron
0%
Minnesota2,104Mountain Lake
0%
Maryland2,092Mountain Lake Park
0%
New Jersey4,160Mountain Lakes
0%
New Jersey6,685Mountainside
0%
Wyoming1,286Mountain View
0%
Colorado1,320Mountain View
0%
California74,066Mountain View
0%
Arkansas2,748Mountain View
0%
Missouri2,719Mountain View
0%
New Jersey5,050Mount Arlington
0%
Pennsylvania5,883Mount Carmel
0%
Illinois7,284Mount Carmel
0%
Tennessee5,429Mount Carmel
0%
Illinois1,717Mount Carroll
0%
Florida14,216Mount Dora
0%
New Jersey4,676Mount Ephraim
0%
North Carolina1,181Mount Gilead
0%
Ohio3,657Mount Gilead
0%
Ohio6,100Mount Healthy
0%
North Carolina13,655Mount Holly
0%
Pennsylvania2,032Mount Holly Springs
0%
West Virginia1,414Mount Hope
0%
Arkansas1,076Mount Ida
0%
Virginia2,042Mount Jackson
0%
Pennsylvania7,386Mount Joy
0%
Tennessee23,671Mount Juliet
0%
Washington19,885Mountlake Terrace
0%
North Carolina4,611Mount Olive
0%
Illinois2,099Mount Olive
0%
Pennsylvania3,405Mount Oliver
0%
Ohio3,685Mount Orab
0%
Pennsylvania3,059Mount Penn
0%
Pennsylvania3,170Mount Pocono
0%
Illinois1,566Mount Pulaski
0%
Maryland8,080Mount Rainier
0%
California3,394Mount Shasta
0%
Illinois2,025Mount Sterling
0%
Ohio1,733Mount Sterling
0%
Pennsylvania2,448Mount Union
0%
Pennsylvania2,807Mountville
0%
Pennsylvania1,399Mount Wolf
0%
Illinois1,831Moweaqua
0%
Washington3,454Moxee
0%
Oregon3,286Mt. Angel
0%
Kentucky6,895Mt. Sterling
0%
Puerto Rico1,561Mucarabones
0%
Washington20,275Mukilteo
0%
Arkansas1,655Mulberry
0%
Florida4,192Mulberry
0%
Oklahoma3,466Muldrow
0%
Texas5,158Muleshoe
0%
West Virginia1,559Mullens
0%
South Carolina4,663Mullins
0%
Kansas6,143Mulvane
0%
Texas1,300Munday
0%
Illinois31,064Mundelein
0%
Alabama1,292Munford
0%
Tennessee5,927Munford
0%
Kentucky1,615Munfordville
0%
Pennsylvania11,408Munhall
0%
Michigan2,355Munising
0%
Ohio5,056Munroe Falls
0%
Illinois7,970Murphysboro
0%
Pennsylvania20,094Murrysville
0%
Alabama13,146Muscle Shoals
0%
Michigan10,856Muskegon Heights
0%
Oklahoma17,395Mustang
0%
Pennsylvania3,062Myerstown
0%
Maryland1,626Myersville
0%
Oregon3,439Myrtle Creek
0%
Oregon2,514Myrtle Point
0%
North Carolina2,757Nags Head
0%
Puerto Rico4,443Naguabo
0%
Massachusetts3,410Nahant
0%
Georgia1,053Nahunta
0%
Pennsylvania10,465Nanticoke
0%
Pennsylvania2,737Nanty-Glo
0%
Washington1,795Napavine
0%
Indiana6,648Nappanee
0%
Puerto Rico1,655Naranjito
0%
Pennsylvania4,282Narberth
0%
Rhode Island15,868Narragansett
0%
Virginia2,034Narrows
0%
Texas4,002Nassau Bay
0%
Texas1,420Natalia
0%
Mississippi15,792Natchez
0%
Louisiana18,323Natchitoches
0%
Massachusetts33,006Natick
0%
California58,582National City
0%
New Jersey3,036National Park
0%
Illinois1,149Nauvoo
0%
Ohio1,924Navarre
0%
Texas7,095Navasota
0%
North Carolina1,480Navassa
0%
Northern Mariana Islands1,001Navy Hill
0%
Colorado1,445Nederland
0%
Texas17,014Nederland
0%
Massachusetts28,886Needham
0%
California4,844Needles
0%
Texas2,929Needville
0%
Wisconsin25,501Neenah
0%
Michigan4,568Negaunee
0%
Wisconsin2,463Neillsville
0%
Wisconsin2,580Nekoosa
0%
Nebraska1,625Neligh
0%
Ohio5,394Nelsonville
0%
Kansas2,490Neodesha
0%
Illinois1,636Neoga
0%
Missouri11,835Neosho
0%
Utah5,631Nephi
0%
New Jersey4,869Neptune City
0%
Pennsylvania1,583Nescopeck
0%
Pennsylvania3,349Nesquehoning
0%
Kansas1,459Ness City
0%
New Jersey3,232Netcong
0%
Mississippi1,992Nettleton
0%
Michigan1,976Newaygo
0%
Illinois3,349New Baden
0%
Pennsylvania1,499New Beaver
0%
Ohio3,003New Bremen
0%
Minnesota21,456New Brighton
0%
Pennsylvania6,022New Brighton
0%
Michigan1,883New Buffalo
0%
Ohio2,167Newburgh Heights
0%
Massachusetts17,416Newburyport
0%
Ohio5,782New Carlisle
0%
Maryland12,135New Carrollton
0%
Ohio3,822Newcomerstown
0%
Ohio2,477New Concord
0%
Oklahoma2,915New Cordell
0%
West Virginia1,103New Cumberland
0%
Pennsylvania7,277New Cumberland
0%
New Hampshire2,638New Durham
0%
Pennsylvania2,184New Eagle
0%
South Carolina2,052New Ellenton
0%
Louisiana1,187Newellton
0%
Texas1,250New Fairview
0%
New Jersey1,553Newfield
0%
New Hampshire1,680Newfields
0%
Missouri1,089New Franklin
0%
Ohio14,213New Franklin
0%
Pennsylvania4,462New Freedom
0%
New Hampshire2,165New Hampton
0%
Iowa3,571New Hampton
0%
Pennsylvania5,385New Holland
0%
Wisconsin3,236New Holstein
0%
Louisiana30,617New Iberia
0%
New Hampshire5,099New Ipswich
0%
Tennessee1,951New Johnsonville
0%
Pennsylvania13,118New Kensington
0%
Oklahoma2,317Newkirk
0%
Ohio3,993New Lebanon
0%
Illinois24,394New Lenox
0%
Ohio4,730New Lexington
0%
Louisiana2,504New Llano
0%
Tennessee1,334New Market
0%
New Hampshire8,936Newmarket
0%
Virginia2,181New Market
0%
Massachusetts1,509New Marlborough
0%
Ohio2,249New Miami
0%
Ohio1,635New Middletown
0%
Florida16,494New Port Richey
0%
Minnesota7,321New Prague
0%
New Jersey12,171New Providence
0%
Minnesota1,203New Richland
0%
Wisconsin8,375New Richmond
0%
Ohio2,591New Richmond
0%
Louisiana4,831New Roads
0%
North Dakota1,391New Rockford
0%
Iowa1,293New Sharon
0%
Rhode Island1,051New Shoreham
0%
Florida27,229New Smyrna Beach
0%
Pennsylvania2,177New Stanton
0%
Texas1,111New Summerfield
0%
Tennessee3,037New Tazewell
0%
Ohio4,764Newton Falls
0%
Ohio1,224New Vienna
0%
Ohio1,239New Waterford
0%
Texas1,032New Waverly
0%
Pennsylvania2,466New Wilmington
0%
Maryland1,396New Windsor
0%
Minnesota1,199New York Mills
0%
Utah6,438Nibley
0%
Florida15,579Niceville
0%
Oklahoma3,710Nichols Hills
0%
Kansas1,063Nickerson
0%
Oklahoma2,393Nicoma Park
0%
Illinois29,803Niles
0%
Michigan11,600Niles
0%
Ohio19,221Niles
0%
South Carolina1,998Ninety Six
0%
Oklahoma1,002Ninnekah
0%
Minnesota1,971Nisswa
0%
West Virginia7,178Nitro
0%
Missouri19,022Nixa
0%
Texas3,034Nocona
0%
Illinois2,256Nokomis
0%
Texas4,519Nolanville
0%
Tennessee5,861Nolensville
0%
Washington1,330Nooksack
0%
Iowa1,431Nora Springs
0%
California27,063Norco
0%
North Carolina1,125Norlina
0%
Missouri5,008Normandy
0%
Washington6,336Normandy Park
0%
Illinois14,572Norridge
0%
Illinois1,275Norris City
0%
Massachusetts13,708North Adams
0%
Pennsylvania1,297North Apollo
0%
New Jersey15,311North Arlington
0%
Massachusetts28,712North Attleborough
0%
South Carolina21,348North Augusta
0%
Illinois16,760North Aurora
0%
Illinois3,047North Barrington
0%
Florida8,273North Bay Village
0%
Maryland1,978North Beach
0%
Pennsylvania1,983North Belle Vernon
0%
Massachusetts14,155Northborough
0%
Pennsylvania4,857North Braddock
0%
Michigan1,033North Branch
0%
Minnesota10,125North Branch
0%
Massachusetts15,707Northbridge
0%
Illinois33,170Northbrook
0%
Massachusetts4,680North Brookfield
0%
New Jersey6,183North Caldwell
0%
Ohio17,507North Canton
0%
Pennsylvania2,846North Catasauqua
0%
Pennsylvania1,313North Charleroi
0%
Illinois32,574North Chicago
0%
Ohio9,370North College Hill
0%
Iowa1,041North English
0%
Pennsylvania3,835Northern Cambria
0%
New Jersey8,417North Haledon
0%
Missouri4,208North Kansas City
0%
Rhode Island26,486North Kingstown
0%
Ohio2,917North Kingsville
0%
Ohio1,498North Lewisburg
0%
Iowa13,374North Liberty
0%
Utah10,140North Logan
0%
Michigan3,786North Muskegon
0%
South Carolina13,752North Myrtle Beach
0%
Kansas1,766North Newton
0%
Minnesota4,469North Oaks
0%
Ohio32,713North Olmsted
0%
Illinois1,573North Pekin
0%
New Jersey21,677North Plainfield
0%
Oregon1,947North Plains
0%
Rhode Island32,078North Providence
0%
Ohio1,027North Randall
0%
Massachusetts14,892North Reading
0%
Florida1,477North Redington Beach
0%
Ohio29,466North Ridgeville
0%
Illinois6,672North Riverside
0%
Ohio30,452North Royalton
0%
Utah19,413North Salt Lake
0%
Rhode Island11,967North Smithfield
0%
Minnesota11,460North St. Paul
0%
New York31,568North Tonawanda
0%
Pennsylvania3,802Northumberland
0%
New Hampshire2,288Northumberland
0%
Illinois1,352North Utica
0%
New Jersey4,640Northvale
0%
Indiana6,728North Vernon
0%
New Jersey4,041North Wildwood
0%
North Carolina4,273North Wilkesboro
0%
Missouri4,227Northwoods
0%
Pennsylvania1,912North York
0%
Michigan23,994Norton Shores
0%
Kentucky1,204Nortonville
0%
Massachusetts10,506Norwell
0%
Oklahoma3,731Nowata
0%
Minnesota4,443Nowthen
0%
West Virginia1,593Nutter Fort
0%
American Samoa3,955Nu'uuli
0%
Massachusetts4,527Oak Bluffs
0%
North Carolina1,856Oakboro
0%
Illinois7,883Oak Brook
0%
Illinois2,134Oakbrook Terrace
0%
Wisconsin34,451Oak Creek
0%
North Dakota1,856Oakes
0%
Illinois27,962Oak Forest
0%
Massachusetts1,902Oakham
0%
Ohio2,760Oak Harbor
0%
Washington22,161Oak Harbor
0%
North Carolina6,804Oak Island
0%
Indiana2,429Oakland City
0%
Florida45,339Oakland Park
0%
Texas1,388Oak Leaf
0%
New Jersey4,038Oaklyn
0%
Pennsylvania6,303Oakmont
0%
Minnesota4,339Oak Park Heights
0%
Texas2,784Oak Point
0%
Texas3,053Oak Ridge North
0%
Illinois2,083Oakwood Hills
0%
Ohio4,537Obetz
0%
Tennessee1,119Obion
0%
Illinois1,466Oblong
0%
West Virginia1,394Oceana
0%
New Jersey2,011Ocean Gate
0%
New Jersey5,832Oceanport
0%
Florida1,956Ocean Ridge
0%
Mississippi17,442Ocean Springs
0%
Georgia3,414Ocilla
0%
Wisconsin15,712Oconomowoc
0%
Wisconsin4,513Oconto
0%
Wisconsin2,891Oconto Falls
0%
Illinois1,046Odell
0%
Texas2,440Odem
0%
Alabama3,585Odenville
0%
Iowa6,415Oelwein
0%
New York11,128Ogdensburg
0%
New Jersey2,410Ogdensburg
0%
Illinois3,791Oglesby
0%
Georgia1,328Oglethorpe
0%
Alabama1,170Ohatchee
0%
Pennsylvania3,471Ohioville
0%
Oklahoma1,013Oilton
0%
California7,461Ojai
0%
Washington2,607Okanogan
0%
Oklahoma1,215Okarche
0%
Illinois1,434Okawville
0%
Florida5,731Okeechobee
0%
Oklahoma1,204Okeene
0%
Oklahoma3,223Okemah
0%
Oklahoma12,321Okmulgee
0%
Mississippi2,692Okolona
0%
Pennsylvania8,313Old Forge
0%
Texas1,205Old River-Winfree
0%
Florida14,841Oldsmar
0%
New Jersey5,750Old Tappan
0%
New York14,452Olean
0%
Puerto Rico2,064Olimpo
0%
Mississippi33,484Olive Branch
0%
Kentucky1,599Olive Hill
0%
Tennessee3,231Oliver Springs
0%
Michigan1,605Olivet
0%
Missouri7,737Olivette
0%
Minnesota2,484Olivia
0%
Texas2,232Olmos Park
0%
Ohio9,035Olmsted Falls
0%
Texas3,285Olney
0%
Illinois9,115Olney
0%
Texas2,215Olton
0%
Illinois4,988Olympia Fields
0%
Pennsylvania5,153Olyphant
0%
Washington4,794Omak
0%
Georgia1,221Omega
0%
Wisconsin3,517Omro
0%
Wisconsin17,736Onalaska
0%
Texas2,660Onalaska
0%
Virginia1,262Onancock
0%
Illinois1,368Onarga
0%
Michigan1,494Ontonagon
0%
Oklahoma1,146Oologah
0%
Florida16,356Opa-locka
0%
Alabama26,477Opelika
0%
Louisiana16,634Opelousas
0%
Alabama6,659Opp
0%
Illinois1,371Oquawka
0%
New Jersey7,978Oradell
0%
Alabama5,441Orange Beach
0%
California9,078Orange Cove
0%
Colorado3,119Orchard City
0%
Kentucky1,595Orchard Grass Hills
0%
Michigan2,375Orchard Lake Village
0%
Nebraska2,140Ord
0%
Colorado1,080Ordway
0%
Texas1,141Ore City
0%
New Hampshire1,237Orford
0%
California17,643Orinda
0%
Illinois1,861Orion
0%
Illinois7,149Orland Hills
0%
Florida43,475Ormond Beach
0%
Idaho3,142Orofino
0%
Minnesota1,300Oronoco
0%
Missouri2,381Oronogo
0%
California15,546Oroville
0%
Washington1,706Oroville
0%
Ohio8,371Orrville
0%
Washington6,737Orting
0%
Minnesota1,916Ortonville
0%
Michigan1,442Ortonville
0%
Ohio1,659Orwell
0%
Pennsylvania3,099Orwigsburg
0%
Missouri4,351Osage Beach
0%
Kansas2,943Osage City
0%
Minnesota1,740Osakis
0%
Kansas4,429Osawatomie
0%
Kansas1,436Osborne
0%
Idaho1,555Osburn
0%
Pennsylvania1,141Osceola Mills
0%
Minnesota2,430Osseo
0%
Wisconsin1,701Osseo
0%
New Hampshire4,345Ossipee
0%
Washington7,350Othello
0%
Massachusetts1,612Otis
0%
Kansas1,058Overbrook
0%
Texas2,552Overton
0%
Michigan1,603Ovid
0%
Texas3,513Ovilla
0%
Oklahoma28,915Owasso
0%
Alabama1,521Owens Cross Roads
0%
Missouri2,676Owensville
0%
Kentucky1,327Owenton
0%
Kentucky1,530Owingsville
0%
Michigan15,194Owosso
0%
Texas1,106Oyster Creek
0%
California37,234Pacifica
0%
California15,041Pacific Grove
0%
South Carolina2,235Pacolet
0%
West Virginia2,633Paden City
0%
Arizona7,247Page
0%
Missouri3,304Pagedale
0%
South Carolina2,760Pageland
0%
Colorado1,727Pagosa Springs
0%
Florida6,270Pahokee
0%
Ohio19,527Painesville
0%
Pennsylvania1,002Paint
0%
Kentucky3,459Paintsville
0%
Puerto Rico10,122Pájaros
0%
Texas4,713Palacios
0%
Florida10,465Palatka
0%
New Jersey19,403Palisades Park
0%
Puerto Rico1,090Palmarejo
0%
Puerto Rico2,230Palmas
0%
Puerto Rico2,055Palmas del Mar
0%
Florida1,264Palm Beach Shores
0%
Colorado2,420Palmer Lake
0%
Pennsylvania5,414Palmerton
0%
Florida13,717Palmetto
0%
Georgia4,488Palmetto
0%
Florida24,589Palmetto Bay
0%
Texas2,543Palmhurst
0%
Texas1,314Palm Valley
0%
Texas5,433Palmview
0%
Pennsylvania7,314Palmyra
0%
New Jersey7,398Palmyra
0%
Missouri3,595Palmyra
0%
Puerto Rico1,652Palomas
0%
Puerto Rico1,936Palomas
0%
Puerto Rico1,008Palo Seco
0%
Illinois12,515Palos Heights
0%
Illinois17,484Palos Hills
0%
Illinois4,847Palos Park
0%
California13,438Palos Verdes Estates
0%
Texas17,998Pampa
0%
South Carolina1,226Pamplico
0%
Utah1,911Panguitch
0%
Texas2,454Panhandle
0%
Iowa1,124Panora
0%
Texas2,170Panorama Village
0%
Texas2,394Pantego
0%
Kansas5,609Paola
0%
Arizona12,820Paradise Valley
0%
Arkansas26,113Paragould
0%
New Jersey26,164Paramus
0%
Puerto Rico1,568Parcelas de Navarro
0%
Puerto Rico1,290Parcelas La Milagrosa
0%
Puerto Rico1,579Parcelas Nuevas
0%
Michigan1,804Parchment
0%
Minnesota1,020Parkers Prairie
0%
Pennsylvania3,591Parkesburg
0%
Wisconsin2,462Park Falls
0%
Illinois21,975Park Forest
0%
Kentucky2,970Park Hills
0%
Missouri8,759Park Hills
0%
Arkansas1,105Parkin
0%
Minnesota3,709Park Rapids
0%
New Jersey8,645Park Ridge
0%
Illinois37,480Park Ridge
0%
North Dakota1,403Park River
0%
Pennsylvania2,326Parkside
0%
South Dakota1,508Parkston
0%
California14,494Parlier
0%
Ohio20,722Parma Heights
0%
Utah2,913Parowan
0%
West Virginia1,485Parsons
0%
Kansas10,501Parsons
0%
Tennessee2,373Parsons
0%
Mississippi22,392Pascagoula
0%
Mississippi4,613Pass Christian
0%
Puerto Rico1,514Pastos
0%
Puerto Rico4,333Patillas
0%
Pennsylvania1,769Patton
0%
Texas1,557Patton Village
0%
Ohio3,606Paulding
0%
Iowa1,056Paullina
0%
New Jersey6,097Paulsboro
0%
Oklahoma6,187Pauls Valley
0%
American Samoa2,450Pava'ia'i
0%
Oklahoma3,584Pawhuska
0%
Michigan3,534Paw Paw
0%
Pennsylvania1,561Paxtang
0%
Massachusetts4,806Paxton
0%
Illinois4,473Paxton
0%
Ohio1,194Payne
0%
Minnesota2,432Paynesville
0%
Georgia34,364Peachtree City
0%
Georgia40,059Peachtree Corners
0%
New Jersey2,582Peapack and Gladstone
0%
Arkansas4,794Pea Ridge
0%
Virginia2,787Pearisburg
0%
Louisiana2,506Pearl River
0%
Texas9,150Pearsall
0%
Illinois2,195Pecatonica
0%
Missouri4,608Peculiar
0%
Ohio1,798Peebles
0%
Tennessee2,093Pegram
0%
Mississippi1,334Pelahatchie
0%
New Hampshire12,897Pelham
0%
Massachusetts1,321Pelham
0%
Alabama21,352Pelham
0%
Georgia3,898Pelham
0%
Texas1,545Pelican Bay
0%
Minnesota2,464Pelican Rapids
0%
Alabama12,695Pell City
0%
New Jersey1,409Pemberton
0%
Ohio1,373Pemberville
0%
Florida6,730Pembroke Park
0%
Pennsylvania3,595Pen Argyl
0%
Pennsylvania2,997Penbrook
0%
Nebraska1,002Pender
0%
South Carolina2,964Pendleton
0%
Oregon16,612Pendleton
0%
Texas4,366Penitas
0%
New Jersey2,585Pennington
0%
Virginia1,874Pennington Gap
0%
West Virginia1,171Pennsboro
0%
Pennsylvania3,850Pennsburg
0%
New Jersey5,147Penns Grove
0%
Puerto Rico5,859Peñuelas
0%
Illinois6,156Peoria Heights
0%
Iowa1,377Peosta
0%
Illinois4,142Peotone
0%
Massachusetts11,497Pepperell
0%
Ohio5,979Pepper Pike
0%
Minnesota2,162Pequot Lakes
0%
New Mexico3,660Peralta
0%
Minnesota2,985Perham
0%
Pennsylvania1,784Perryopolis
0%
Texas8,804Perryton
0%
Wisconsin3,502Peshtigo
0%
Massachusetts1,234Petersham
0%
Missouri5,484Pevely
0%
Wisconsin13,195Pewaukee
0%
Kentucky1,456Pewee Valley
0%
Alabama1,148Phil Campbell
0%
West Virginia2,966Philippi
0%
Pennsylvania2,771Philipsburg
0%
Kansas2,574Phillipsburg
0%
New Jersey14,791Phillipsburg
0%
Massachusetts1,682Phillipston
0%
Illinois1,466Philo
0%
Oregon4,584Philomath
0%
Pennsylvania16,438Phoenixville
0%
Mississippi10,878Picayune
0%
Mississippi1,157Pickens
0%
South Carolina3,126Pickens
0%
Ohio18,278Pickerington
0%
Missouri1,977Piedmont
0%
California10,667Piedmont
0%
Alabama4,878Piedmont
0%
Oklahoma5,720Piedmont
0%
Puerto Rico2,901Piedra Aguza
0%
Puerto Rico1,937Piedra Gorda
0%
Missouri1,292Pierce City
0%
Florida1,890Pierson
0%
Minnesota1,393Pierz
0%
Arkansas3,849Piggott
0%
Alabama5,406Pike Road
0%
Ohio2,182Piketon
0%
Tennessee1,608Pikeville
0%
Kentucky6,903Pikeville
0%
North Carolina1,473Pilot Mountain
0%
Oregon1,502Pilot Rock
0%
Arizona2,387Pima
0%
Michigan2,427Pinckney
0%
Illinois5,648Pinckneyville
0%
Michigan1,307Pinconning
0%
New Jersey2,127Pine Beach
0%
Minnesota3,123Pine City
0%
Florida19,591Pinecrest
0%
Wyoming2,030Pinedale
0%
New Jersey10,233Pine Hill
0%
Minnesota3,263Pine Island
0%
North Carolina1,339Pine Knoll Shores
0%
Missouri3,275Pine Lawn
0%
North Carolina1,693Pine Level
0%
Georgia1,304Pine Mountain
0%
Louisiana1,610Pine Prairie
0%
Arizona4,282Pinetop-Lakeside
0%
North Carolina1,374Pinetops
0%
Texas3,131Piney Point Village
0%
Illinois4,532Pingree Grove
0%
Oklahoma2,058Pink
0%
California18,390Pinole
0%
Alabama7,163Pinson
0%
Ohio1,379Pioneer
0%
Kentucky2,030Pioneer Village
0%
Tennessee1,445Piperton
0%
Ohio20,514Piqua
0%
California7,655Pismo Beach
0%
Pennsylvania3,294Pitcairn
0%
Guam1,454Piti
0%
New Jersey9,011Pitman
0%
North Carolina3,731Pittsboro
0%
Pennsylvania7,733Pittston
0%
Maryland1,417Pittsville
0%
California10,389Placerville
0%
Louisiana1,015Plain Dealing
0%
Kansas1,901Plainville
0%
Massachusetts8,264Plainville
0%
Michigan3,804Plainwell
0%
New Hampshire7,609Plaistow
0%
Mississippi1,155Plantersville
0%
Louisiana7,119Plaquemine
0%
Missouri4,691Platte City
0%
Wisconsin11,224Platteville
0%
Colorado2,485Platteville
0%
Puerto Rico1,690Playa Fortuna
0%
Puerto Rico1,558Playita
0%
Puerto Rico1,731Playita Cortada
0%
Texas1,042Pleak
0%
North Carolina4,493Pleasant Garden
0%
Utah37,439Pleasant Grove
0%
Alabama10,110Pleasant Grove
0%
Ohio1,203Pleasant Hill
0%
Missouri8,113Pleasant Hill
0%
Iowa8,785Pleasant Hill
0%
California33,152Pleasant Hill
0%
Pennsylvania8,266Pleasant Hills
0%
Michigan2,526Pleasant Ridge
0%
West Virginia3,149Pleasant Valley
0%
Montana1,734Plentywood
0%
Pennsylvania27,122Plum
0%
Idaho1,044Plummer
0%
Massachusetts2,820Plympton
0%
Arkansas6,608Pocahontas
0%
Iowa1,789Pocahontas
0%
Oklahoma4,056Pocola
0%
Pennsylvania1,159Point Marion
0%
New Jersey4,665Point Pleasant Beach
0%
Puerto Rico1,695Pole Ojea
0%
Iowa3,418Polk City
0%
Florida2,422Polk City
0%
North Carolina3,354Polkton
0%
Illinois2,355Polo
0%
Montana4,488Polson
0%
Ohio1,847Pomeroy
0%
Washington1,431Pomeroy
0%
New Jersey11,097Pompton Lakes
0%
Oklahoma25,387Ponca City
0%
Florida3,282Ponce Inlet
0%
Louisiana6,559Ponchatoula
0%
Texas1,391Ponder
0%
Idaho1,137Ponderay
0%
Illinois5,836Pontoon Beach
0%
Mississippi5,625Pontotoc
0%
Maryland4,883Poolesville
0%
Illinois5,023Poplar Grove
0%
Mississippi2,894Poplarville
0%
Virginia12,157Poquoson
0%
Missouri3,228Portageville
0%
New Mexico12,280Portales
0%
Pennsylvania2,153Port Allegany
0%
Louisiana5,180Port Allen
0%
Louisiana2,055Port Barre
0%
Illinois1,517Port Barrington
0%
Illinois1,647Port Byron
0%
Pennsylvania1,886Port Carbon
0%
Ohio6,057Port Clinton
0%
Georgia1,429Porterdale
0%
Mississippi1,567Port Gibson
0%
California21,723Port Hueneme
0%
Texas5,019Port Isabel
0%
New York8,828Port Jervis
0%
Texas12,249Port Lavaca
0%
Texas13,042Port Neches
0%
California2,104Portola
0%
California4,353Portola Valley
0%
Washington12,191Port Orchard
0%
Oregon1,133Port Orford
0%
New Jersey1,115Port Republic
0%
Florida2,869Port Richey
0%
South Carolina10,678Port Royal
0%
Florida3,562Port St. Joe
0%
Pennsylvania3,798Port Vue
0%
Wisconsin11,250Port Washington
0%
Georgia5,359Port Wentworth
0%
Illinois5,987Posen
0%
Iowa2,227Postville
0%
Puerto Rico3,092Potala Pastillo
0%
Oklahoma8,520Poteau
0%
Texas3,270Poteet
0%
Texas1,908Poth
0%
Michigan2,617Potterville
0%
Texas2,155Pottsboro
0%
Pennsylvania14,326Pottsville
0%
Arkansas2,838Pottsville
0%
Virginia1,021Pound
0%
Georgia13,940Powder Springs
0%
Tennessee1,322Powell's Crossroads
0%
Ohio1,592Powhatan Point
0%
Iowa1,680Prairie City
0%
Wisconsin5,911Prairie du Chien
0%
Arkansas4,380Prairie Grove
0%
Illinois1,904Prairie Grove
0%
Texas5,566Prairie View
0%
Kansas21,443Prairie Village
0%
Kansas6,833Pratt
0%
Alabama33,960Prattville
0%
Texas2,653Premont
0%
Mississippi1,081Prentiss
0%
Kentucky3,255Prestonsburg
0%
Alabama2,658Priceville
0%
Alabama22,659Prichard
0%
Idaho1,751Priest River
0%
Texas4,164Primera
0%
Maryland3,290Princess Anne
0%
North Carolina2,086Princeville
0%
Illinois1,738Princeville
0%
Oregon9,253Prineville
0%
Minnesota3,057Proctor
0%
Texas5,506Progreso
0%
Illinois2,080Prophetstown
0%
Ohio1,109Prospect
0%
Pennsylvania1,169Prospect
0%
Kentucky4,698Prospect
0%
Illinois16,256Prospect Heights
0%
Pennsylvania6,454Prospect Park
0%
New Jersey5,865Prospect Park
0%
Texas9,525Prosper
0%
South Carolina1,180Prosperity
0%
Texas4,871Providence Village
0%
Oklahoma9,539Pryor Creek
0%
Puerto Rico1,310Pueblito del Río
0%
Puerto Rico5,983Puerto Real
0%
Florida20,057Punta Gorda
0%
Puerto Rico4,964Punta Santiago
0%
Oklahoma5,884Purcell
0%
Virginia7,727Purcellville
0%
Missouri1,098Purdy
0%
Mississippi2,175Purvis
0%
Texas2,638Quanah
0%
Pennsylvania2,605Quarryville
0%
Arizona3,677Quartzsite
0%
Puerto Rico1,325Quebrada del Agua
0%
Puerto Rico5,282Quebradillas
0%
New Mexico1,770Questa
0%
Texas1,379Quinlan
0%
Mississippi2,323Quitman
0%
Georgia3,850Quitman
0%
Texas1,809Quitman
0%
Kentucky2,424Raceland
0%
Kentucky21,688Radcliff
0%
North Carolina4,620Raeford
0%
Puerto Rico1,700Rafael Capó
0%
Puerto Rico2,303Rafael González
0%
Puerto Rico1,351Rafael Hernández
0%
Alabama1,639Ragland
0%
New Jersey27,291Rahway
0%
Alabama9,602Rainbow City
0%
West Virginia1,505Rainelle
0%
Oregon1,895Rainier
0%
Washington1,798Rainier
0%
Alabama4,948Rainsville
0%
Puerto Rico1,821Ramos
0%
North Carolina1,699Ramseur
0%
California17,218Rancho Mirage
0%
Texas2,432Rancho Viejo
0%
North Carolina4,117Randleman
0%
Massachusetts32,112Randolph
0%
Texas2,469Ranger
0%
Pennsylvania2,109Rankin
0%
North Carolina3,439Ranlo
0%
Texas1,096Ransom Canyon
0%
West Virginia4,440Ranson
0%
Illinois12,941Rantoul
0%
New Jersey6,881Raritan
0%
Idaho6,826Rathdrum
0%
New Mexico6,885Raton
0%
South Carolina2,465Ravenel
0%
West Virginia3,876Ravenswood
0%
Georgia1,090Ray City
0%
Texas11,270Raymondville
0%
Missouri19,206Raymore
0%
Louisiana7,953Rayne
0%
Massachusetts13,383Raynham
0%
Missouri29,526Raytown
0%
Louisiana3,695Rayville
0%
Arkansas1,977Rector
0%
Tennessee11,651Red Bank
0%
New Jersey12,206Red Bank
0%
Alabama3,158Red Bay
0%
California14,076Red Bluff
0%
Tennessee1,112Red Boiling Springs
0%
Illinois3,698Red Bud
0%
South Dakota2,333Redfield
0%
Arkansas1,297Redfield
0%
Pennsylvania2,373Red Hill
0%
Florida1,481Redington Beach
0%
Florida2,309Redington Shores
0%
Minnesota1,427Red Lake Falls
0%
Texas1,011Red Lick
0%
Pennsylvania6,371Red Lion
0%
Montana2,125Red Lodge
0%
North Carolina3,420Red Oak
0%
Texas10,733Red Oak
0%
Iowa5,742Red Oak
0%
North Carolina3,482Red Springs
0%
Texas1,058Redwater
0%
Minnesota5,254Redwood Falls
0%
Michigan2,425Reed City
0%
California24,194Reedley
0%
Wisconsin10,014Reedsburg
0%
Oregon4,154Reedsport
0%
Michigan1,454Reese
0%
Alabama1,702Reform
0%
Texas2,893Refugio
0%
Alabama1,297Rehobeth
0%
Georgia4,944Reidsville
0%
North Carolina14,461Reidsville
0%
Iowa1,664Reinbeck
0%
Georgia1,123Remerton
0%
Ohio3,404Reminderville
0%
Pennsylvania1,230Renovo
0%
Indiana5,859Rensselaer
0%
New York9,392Rensselaer
0%
Minnesota1,287Renville
0%
Washington1,066Republic
0%
Missouri14,751Republican
0%
Idaho25,484Rexburg
0%
Pennsylvania2,757Reynoldsville
0%
Wisconsin7,798Rhinelander
0%
North Carolina1,043Rhodhiss
0%
Minnesota4,095Rice Lake
0%
Wisconsin8,438Rice Lake
0%
Wisconsin5,184Richland Center
0%
Texas7,787Richland Hills
0%
Virginia5,839Richlands
0%
North Carolina1,494Richlands
0%
Pennsylvania1,323Richlandtown
0%
Ohio10,557Richmond Heights
0%
Missouri8,603Richmond Heights
0%
Georgia9,281Richmond Hill
0%
Mississippi1,068Richton
0%
Illinois13,646Richton Park
0%
Louisiana3,392Richwood
0%
West Virginia2,051Richwood
0%
Ohio2,229Richwood
0%
Texas3,512Richwood
0%
Oregon1,185Riddle
0%
California27,616Ridgecrest
0%
New Jersey12,709Ridgefield Park
0%
South Carolina4,036Ridgeland
0%
Mississippi24,047Ridgeland
0%
Maryland1,639Ridgely
0%
Tennessee1,795Ridgely
0%
Tennessee1,874Ridgetop
0%
South Carolina1,979Ridgeville
0%
New Jersey24,156Ridgewood
0%
Pennsylvania7,019Ridley Park
0%
Texas1,006Riesel
0%
Idaho3,945Rigby
0%
Puerto Rico1,456Rincón
0%
Georgia8,836Rincon
0%
New Hampshire6,014Rindge
0%
Oklahoma1,037Ringling
0%
New Jersey12,228Ringwood
0%
Puerto Rico1,681Río Blanco
0%
Texas4,802Rio Bravo
0%
Puerto Rico1,038Río Cañas Abajo
0%
California3,368Rio Dell
0%
Texas13,809Rio Grande City
0%
Texas2,397Rio Hondo
0%
Puerto Rico2,373Río Lajas
0%
California7,360Rio Vista
0%
Tennessee8,445Ripley
0%
Mississippi5,395Ripley
0%
West Virginia3,252Ripley
0%
Ohio1,749Ripley
0%
Maryland2,781Rising Sun
0%
Indiana2,304Rising Sun
0%
Arkansas1,344Rison
0%
Ohio6,501Rittman
0%
Washington1,680Ritzville
0%
California22,678Riverbank
0%
North Carolina3,111River Bend
0%
Maryland6,956Riverdale Park
0%
New Jersey11,340River Edge
0%
Wisconsin15,000River Falls
0%
Illinois11,172River Forest
0%
Illinois10,227River Grove
0%
Utah2,028River Heights
0%
Texas7,419River Oaks
0%
Illinois3,660Riverwoods
0%
Ohio1,508Roaming Shores
0%
North Carolina15,726Roanoke Rapids
0%
Pennsylvania2,591Roaring Spring
0%
Minnesota13,953Robbinsdale
0%
North Carolina1,488Robersonville
0%
Georgia1,007Roberta
0%
Texas1,044Robert Lee
0%
Alabama5,276Robertsdale
0%
Pennsylvania2,061Robesonia
0%
Texas11,487Robstown
0%
Illinois9,574Rochelle
0%
Georgia1,174Rochelle
0%
Oregon1,312Rockaway Beach
0%
Minnesota1,628Rock Creek
0%
Maryland1,310Rock Hall
0%
Massachusetts17,489Rockland
0%
Maine7,219Rockland
0%
Pennsylvania2,539Rockledge
0%
Florida27,715Rockledge
0%
Georgia4,199Rockmart
0%
North Carolina2,121Rockwell
0%
Iowa1,039Rockwell
0%
Iowa1,709Rockwell City
0%
Colorado3,957Rocky Ford
0%
Utah1,235Rocky Ridge
0%
Ohio20,212Rocky River
0%
Tennessee1,781Rocky Top
0%
Kansas6,730Roeland Park
0%
Michigan2,827Rogers City
0%
Alabama1,257Rogersville
0%
Tennessee4,420Rogersville
0%
Missouri3,073Rogersville
0%
Oregon2,131Rogue River
0%
Oklahoma3,169Roland
0%
Iowa1,284Roland
0%
North Carolina3,780Rolesville
0%
Mississippi2,143Rolling Fork
0%
California1,860Rolling Hills
0%
California8,067Rolling Hills Estates
0%
Illinois24,099Rolling Meadows
0%
Texas1,398Rollingwood
0%
New Hampshire2,527Rollinsford
0%
Texas1,573Roman Forest
0%
Montana1,871Ronan
0%
West Virginia1,765Ronceverte
0%
Illinois1,814Roodhouse
0%
Michigan3,831Roosevelt Park
0%
Puerto Rico1,055Rosa Sánchez
0%
Texas1,332Roscoe
0%
Illinois10,785Roscoe
0%
Michigan1,075Roscommon
0%
North Carolina1,191Roseboro
0%
Texas1,431Rosebud
0%
Mississippi1,873Rosedale
0%
North Carolina1,620Rose Hill
0%
Kansas3,934Rose Hill
0%
New Jersey5,819Roseland
0%
Louisiana1,123Roseland
0%
New Jersey20,936Roselle
0%
Illinois22,763Roselle
0%
New Jersey13,183Roselle Park
0%
Illinois4,202Rosemont
0%
Minnesota21,874Rosemount
0%
Texas31,577Rosenberg
0%
Louisiana1,692Rosepine
0%
Pennsylvania1,565Roseto
0%
Illinois1,160Rosiclare
0%
Ohio6,337Rossford
0%
Illinois1,331Rossville
0%
Georgia4,105Rossville
0%
Kansas1,163Rossville
0%
Texas1,508Rotan
0%
Illinois18,289Round Lake
0%
Illinois28,175Round Lake Beach
0%
Illinois2,676Round Lake Heights
0%
Illinois7,505Round Lake Park
0%
Montana1,788Roundup
0%
North Carolina1,037Rowland
0%
Massachusetts5,856Rowley
0%
Illinois1,542Roxana
0%
North Carolina8,353Roxboro
0%
Washington2,142Royal City
0%
Florida40,018Royal Palm Beach
0%
Massachusetts1,258Royalston
0%
Minnesota1,242Royalton
0%
Illinois1,151Royalton
0%
Pennsylvania4,751Royersford
0%
Texas9,308Royse City
0%
Georgia2,582Royston
0%
North Dakota2,876Rugby
0%
New Mexico8,029Ruidoso
0%
New Mexico2,815Ruidoso Downs
0%
Mississippi3,007Ruleville
0%
New Hampshire1,480Rumney
0%
New Jersey7,122Rumson
0%
Texas1,286Runaway Bay
0%
Texas1,031Runge
0%
New Jersey8,468Runnemede
0%
Idaho5,554Rupert
0%
North Carolina2,931Rural Hall
0%
Virginia1,479Rural Retreat
0%
Minnesota3,079Rush City
0%
Minnesota1,731Rushford
0%
Oklahoma1,231Rush Springs
0%
Illinois3,192Rushville
0%
Indiana6,341Rushville
0%
Texas5,557Rusk
0%
Ohio1,391Russells Point
0%
Kentucky2,441Russell Springs
0%
Arkansas27,920Russellville
0%
Kentucky6,960Russellville
0%
Alabama9,830Russellville
0%
New Jersey17,892Rutherford
0%
Tennessee1,151Rutherford
0%
North Carolina1,321Rutherford College
0%
North Carolina4,149Rutherfordton
0%
Tennessee1,122Rutledge
0%
Kentucky1,022Ryland Heights
0%
Puerto Rico1,630Sabana
0%
Puerto Rico1,576Sabana Eneas
0%
Puerto Rico8,179Sabana Grande
0%
Puerto Rico1,783Sabana Hoyos
0%
Puerto Rico9,705Sabana Seca
0%
Kansas2,562Sabetha
0%
Ohio2,564Sabina
0%
Texas1,695Sabinal
0%
Iowa2,185Sac City
0%
Texas20,287Sachse
0%
Maine19,014Saco
0%
New Jersey3,152Saddle River
0%
Florida18,031Safety Harbor
0%
Arizona9,566Safford
0%
Arizona25,259Sahuarita
0%
Texas2,159Salado
0%
Colorado5,236Salida
0%
Ohio1,307Salineville
0%
Oklahoma8,880Sallisaw
0%
Idaho3,112Salmon
0%
Mississippi4,752Saltillo
0%
Virginia2,051Saltville
0%
South Carolina3,565Saluda
0%
Kentucky1,883Salyersville
0%
California12,336San Anselmo
0%
Texas2,112San Augustine
0%
Texas24,264San Benito
0%
Iowa1,404Sanborn
0%
New Hampshire2,966Sanbornton
0%
California28,406San Carlos
0%
Georgia5,912Sandersville
0%
California33,371San Dimas
0%
Illinois1,274Sandoval
0%
New Hampshire5,986Sandown
0%
Oklahoma18,906Sand Springs
0%
Minnesota2,849Sandstone
0%
Texas3,757Sandy Oaks
0%
Texas9,244San Elizario
0%
California24,270Sanger
0%
Texas6,908Sanger
0%
Puerto Rico10,989San Germán
0%
Puerto Rico6,828San Isidro
0%
California4,001San Joaquin
0%
California1,862San Juan Bautista
0%
Puerto Rico8,037San Lorenzo
0%
California29,139San Pablo
0%
Texas3,205San Saba
0%
Texas4,680Sansom Park
0%
California16,223Santa Fe Springs
0%
Puerto Rico5,976Santa Isabel
0%
California29,321Santa Paula
0%
Utah10,740Santaquin
0%
Guam6,084Santa Rita
0%
Northern Mariana Islands3,494San Vincente
0%
Oklahoma20,544Sapulpa
0%
Alabama13,405Saraland
0%
Michigan1,325Saranac
0%
Missouri1,330Sarcoxie
0%
Ohio1,179Sardinia
0%
Mississippi1,703Sardis
0%
Alabama1,704Sardis City
0%
Minnesota15,876Sartell
0%
Kansas1,197Satanta
0%
Florida11,088Satellite Beach
0%
Alabama6,168Satsuma
0%
Minnesota4,317Sauk Centre
0%
Minnesota12,773Sauk Rapids
0%
Illinois10,506Sauk Village
0%
California7,061Sausalito
0%
Illinois7,280Savoy
0%
North Carolina5,223Sawmills
0%
Pennsylvania1,522Saxonburg
0%
Minnesota3,936Scandia
0%
Oregon6,592Scappoose
0%
Texas31,797Schertz
0%
Illinois11,793Schiller Park
0%
Wisconsin2,169Schofield
0%
Michigan1,525Schoolcraft
0%
Texas2,853Schulenburg
0%
Pennsylvania5,452Schuylkill Haven
0%
Pennsylvania1,379Schwenksville
0%
Montana1,017Scobey
0%
North Carolina2,046Scotland Neck
0%
Missouri4,565Scott City
0%
Kansas3,817Scott City
0%
Pennsylvania4,358Scottdale
0%
Indiana6,747Scottsburg
0%
California11,580Scotts Valley
0%
Kentucky4,226Scottsville
0%
New Jersey1,412Sea Bright
0%
Texas11,945Seabrook
0%
New Hampshire8,693Seabrook
0%
South Carolina1,714Seabrook Island
0%
Texas1,364Seadrift
0%
Delaware7,861Seaford
0%
New Jersey1,828Sea Girt
0%
Texas14,903Seagoville
0%
Texas2,417Seagraves
0%
New Jersey2,114Sea Isle City
0%
California24,168Seal Beach
0%
Texas6,127Sealy
0%
Arkansas22,858Searcy
0%
New Jersey1,579Seaside Park
0%
Maryland4,542Seat Pleasant
0%
Florida25,719Sebastian
0%
California7,379Sebastopol
0%
Michigan1,759Sebewaing
0%
Kentucky1,603Sebree
0%
Florida10,937Sebring
0%
Ohio4,411Sebring
0%
New Jersey16,198Secaucus
0%
Missouri21,387Sedalia
0%
Kansas1,123Sedan
0%
Washington11,072Sedro-Woolley
0%
Massachusetts13,722Seekonk
0%
Texas25,601Seguin
0%
Washington7,343Selah
0%
Delaware2,496Selbyville
0%
Pennsylvania5,654Selinsgrove
0%
Tennessee4,396Selmer
0%
Missouri1,767Senath
0%
Mississippi8,165Senatobia
0%
Georgia3,307Senoia
0%
Washington6,596Sequim
0%
Illinois1,931Sesser
0%
Pennsylvania2,887Seven Fields
0%
Ohio11,812Seven Hills
0%
Texas1,446Seven Points
0%
Colorado3,165Severance
0%
Tennessee14,807Sevierville
0%
Florida2,216Sewall's Point
0%
Pennsylvania3,831Sewickley
0%
Missouri1,921Seymour
0%
Texas2,736Seymour
0%
Wisconsin3,451Seymour
0%
Indiana17,503Seymour
0%
Oregon2,904Shady Cove
0%
Oklahoma1,026Shady Point
0%
Texas2,616Shady Shores
0%
Ohio3,740Shadyside
0%
Minnesota1,045Shafer
0%
California16,988Shafter
0%
Ohio28,509Shaker Heights
0%
North Carolina3,500Shallotte
0%
Texas2,455Shallowater
0%
Pennsylvania7,383Shamokin
0%
Pennsylvania1,686Shamokin Dam
0%
Texas1,923Shamrock
0%
Mississippi1,753Shannon
0%
Arkansas3,143Shannon Hills
0%
Pennsylvania5,681Sharon Hill
0%
Ohio13,548Sharonville
0%
Pennsylvania4,415Sharpsville
0%
California10,164Shasta Lake
0%
Oklahoma1,356Shattuck
0%
Texas3,035Shavano Park
0%
Wisconsin9,305Shawano
0%
Illinois1,239Shawneetown
0%
Ohio9,137Sheffield Lake
0%
Missouri1,704Shelbina
0%
Massachusetts1,893Shelburne
0%
Montana3,376Shelby
0%
Michigan2,065Shelby
0%
Mississippi2,229Shelby
0%
Ohio9,328Shelby
0%
North Carolina20,361Shelby
0%
Illinois4,700Shelbyville
0%
Kentucky14,045Shelbyville
0%
Indiana19,191Shelbyville
0%
Tennessee20,335Shelbyville
0%
Idaho4,409Shelley
0%
Wisconsin1,347Shell Lake
0%
Georgia1,083Shellman
0%
Iowa1,296Shell Rock
0%
Michigan1,515Shepherd
0%
Texas2,318Shepherd
0%
West Virginia1,734Shepherdstown
0%
Kentucky11,222Shepherdsville
0%
Massachusetts4,119Sherborn
0%
Minnesota1,137Sherburn
0%
New York3,071Sherrill
0%
Pennsylvania5,290Shillington
0%
Illinois12,651Shiloh
0%
Texas2,073Shiner
0%
Pennsylvania1,126Shinglehouse
0%
West Virginia2,201Shinnston
0%
New Jersey1,156Ship Bottom
0%
Pennsylvania5,495Shippensburg
0%
Pennsylvania1,621Shiremanstown
0%
Massachusetts7,211Shirley
0%
Kentucky15,264Shively
0%
Pennsylvania1,380Shoemakersville
0%
Texas1,490Shoreacres
0%
Minnesota25,043Shoreview
0%
Illinois15,615Shorewood
0%
Minnesota7,307Shorewood
0%
Arizona10,660Show Low
0%
Wisconsin1,226Shullsburg
0%
Massachusetts1,771Shutesbury
0%
California10,917Sierra Madre
0%
California11,016Signal Hill
0%
Tennessee7,554Signal Mountain
0%
Iowa2,059Sigourney
0%
Missouri16,318Sikeston
0%
North Carolina7,917Siler City
0%
Oregon1,212Siletz
0%
Arkansas15,039Siloam Springs
0%
Texas6,599Silsbee
0%
Minnesota1,887Silver Bay
0%
New Mexico10,315Silver City
0%
Kentucky1,102Silver Grove
0%
Kansas1,439Silver Lake
0%
Ohio2,521Silver Lake
0%
Illinois7,479Silvis
0%
Louisiana2,161Simmesport
0%
South Carolina18,238Simpsonville
0%
Kentucky2,484Simpsonville
0%
Guam2,592Sinajana
0%
Pennsylvania3,989Sinking Spring
0%
Texas5,668Sinton
0%
South Dakota2,470Sisseton
0%
Oklahoma7,397Skiatook
0%
Missouri1,856Slater
0%
Iowa1,489Slater
0%
Pennsylvania4,223Slatington
0%
Texas6,104Slaton
0%
Oklahoma4,137Slaughterville
0%
Minnesota2,153Slayton
0%
Minnesota3,599Sleepy Eye
0%
Pennsylvania3,625Slippery Rock
0%
Alabama1,980Slocomb
0%
Arkansas1,865Smackover
0%
Pennsylvania1,657Smethport
0%
Kansas1,666Smith Center
0%
Alabama4,926Smiths Station
0%
Illinois3,963Smithton
0%
Florida1,798Sneads
0%
Tennessee1,387Sneedville
0%
Georgia18,242Snellville
0%
Washington10,665Snoqualmie
0%
Arizona5,590Snowflake
0%
Maryland2,103Snow Hill
0%
North Carolina1,596Snow Hill
0%
Washington1,544Soap Lake
0%
Georgia4,262Social Circle
0%
Texas32,052Socorro
0%
New Mexico9,051Socorro
0%
Idaho3,058Soda Springs
0%
Tennessee12,714Soddy-Daisy
0%
California12,867Solana Beach
0%
California25,738Soledad
0%
Ohio23,360Solon
0%
Iowa2,037Solon
0%
California5,245Solvang
0%
New Jersey5,151Somerdale
0%
New Jersey10,795Somers Point
0%
New Hampshire11,766Somersworth
0%
Arizona14,287Somerton
0%
Illinois1,893Somonauk
0%
Northern Mariana Islands1,411Songsong
0%
California10,648Sonoma
0%
California4,903Sonora
0%
Texas3,029Sonora
0%
Georgia3,115Soperton
0%
Louisiana1,401Sorrento
0%
Pennsylvania6,628Souderton
0%
Texas1,813Sour Lake
0%
New Jersey8,631South Amboy
0%
Ohio1,710South Amherst
0%
Illinois4,565South Barrington
0%
Florida5,185South Bay
0%
Illinois7,892South Beloit
0%
Massachusetts9,767Southborough
0%
Virginia8,142South Boston
0%
New Jersey4,563South Bound Brook
0%
Massachusetts16,719Southbridge
0%
Tennessee1,322South Carthage
0%
Illinois4,139South Chicago Heights
0%
Pennsylvania1,307South Coatesville
0%
South Carolina2,306South Congaree
0%
Pennsylvania1,970South Connellsville
0%
Florida13,054South Daytona
0%
Illinois21,985South Elgin
0%
California20,116South El Monte
0%
North Carolina12,399Southern Pines
0%
North Carolina2,714Southern Shores
0%
Illinois1,642Southern View
0%
Ohio22,288South Euclid
0%
Pennsylvania2,117South Greensburg
0%
Massachusetts17,514South Hadley
0%
Michigan4,403South Haven
0%
Virginia4,608South Hill
0%
Illinois22,030South Holland
0%
Texas16,995South Houston
0%
Kansas2,452South Hutchinson
0%
Illinois3,331South Jacksonville
0%
Rhode Island30,639South Kingstown
0%
Ohio4,101South Lebanon
0%
Wisconsin21,156South Milwaukee
0%
Pennsylvania2,284Southmont
0%
Utah16,918South Ogden
0%
Texas2,820South Padre Island
0%
California25,619South Pasadena
0%
Florida5,117South Pasadena
0%
Illinois1,146South Pekin
0%
Tennessee2,992South Pittsburg
0%
New Jersey23,324South Plainfield
0%
New Jersey15,845South River
0%
Michigan1,675South Rockwood
0%
Illinois2,053South Roxana
0%
Ohio3,822South Russell
0%
Utah24,722South Salt Lake
0%
Kentucky1,122South Shore
0%
Texas1,715Southside Place
0%
New Jersey3,684South Toms River
0%
Pennsylvania1,027South Waverly
0%
Utah6,921South Weber
0%
Pennsylvania2,155Southwest Greensburg
0%
Florida7,981Southwest Ranches
0%
Pennsylvania6,362South Williamsport
0%
Ohio1,995South Zanesville
0%
Alabama6,798Spanish Fort
0%
Texas3,368Spearman
0%
Iowa11,233Spencer
0%
Massachusetts11,688Spencer
0%
West Virginia2,322Spencer
0%
Tennessee1,601Spencer
0%
North Carolina3,268Spencer
0%
Oklahoma3,912Spencer
0%
Ohio2,225Spencerville
0%
Oklahoma1,206Sperry
0%
Minnesota1,167Spicer
0%
North Carolina4,339Spindale
0%
Oklahoma2,164Spiro
0%
Texas1,619Splendora
0%
Wisconsin2,682Spooner
0%
New Jersey8,257Spotswood
0%
Pennsylvania3,323Spring City
0%
Tennessee1,981Spring City
0%
New Mexico1,047Springer
0%
Arizona1,961Springerville
0%
Illinois5,778Spring Grove
0%
Minnesota1,330Spring Grove
0%
Pennsylvania2,166Spring Grove
0%
North Carolina1,321Spring Hope
0%
New Jersey4,713Spring Lake Heights
0%
Minnesota6,412Spring Lake Park
0%
Minnesota1,669Spring Park
0%
Texas2,655Springtown
0%
Texas3,723Spring Valley Village
0%
Utah32,319Springville
0%
Alabama4,080Springville
0%
Iowa1,074Springville
0%
North Carolina2,240Spruce Pine
0%
Texas1,318Spur
0%
Minnesota1,456Stacy
0%
North Carolina13,752Stallings
0%
Arkansas1,693Stamps
0%
Missouri1,185Stanberry
0%
Michigan1,509Standish
0%
North Carolina1,489Stanfield
0%
Oregon2,043Stanfield
0%
New Jersey3,610Stanhope
0%
Missouri13,020St. Ann
0%
Illinois1,257St. Anne
0%
Iowa1,107St. Ansgar
0%
Minnesota8,226St. Anthony Village
0%
Minnesota2,981Staples
0%
Minnesota1,302Starbuck
0%
Arkansas2,274Star City
0%
West Virginia1,825Star City
0%
Florida5,411Starke
0%
Arizona1,970Star Valley
0%
Wyoming1,503Star Valley Ranch
0%
Iowa1,468State Center
0%
North Carolina24,502Statesville
0%
Georgia2,408Statham
0%
Minnesota3,317St. Augusta
0%
Florida7,026St. Augustine Beach
0%
Virginia23,745Staunton
0%
Illinois5,139Staunton
0%
Oregon7,644Stayton
0%
Ohio4,377St. Bernard
0%
Minnesota2,283St. Bonifacius
0%
Wisconsin2,133St. Croix Falls
0%
North Carolina1,025Stedman
0%
Alabama1,043Steele
0%
Missouri2,172Steele
0%
Illinois2,083Steeleville
0%
Pennsylvania5,986Steelton
0%
Missouri1,642Steelville
0%
Missouri4,410Ste. Genevieve
0%
Illinois9,570Steger
0%
Washington5,992Steilacoom
0%
Puerto Rico1,088Stella
0%
Illinois1,426St. Elmo
0%
Virginia1,825Stephens City
0%
Louisiana1,594Sterlington
0%
Alabama2,046Stevenson
0%
Washington1,472Stevenson
0%
Pennsylvania2,024Stewartstown
0%
New Hampshire1,004Stewartstown
0%
Minnesota5,916Stewartville
0%
Louisiana1,765St. Francisville
0%
Texas2,085St. Hedwig
0%
Oregon12,883St. Helens
0%
Ohio2,427St. Henry
0%
Illinois6,786Stickney
0%
Oklahoma2,685Stigler
0%
Illinois1,120Stillman Valley
0%
Oklahoma3,949Stilwell
0%
Texas1,874Stinnett
0%
Illinois1,098St. Jacob
0%
Florida1,376St. Leo
0%
Idaho2,402St. Maries
0%
Louisiana6,114St. Martinville
0%
Ohio8,330St. Marys
0%
Kansas2,632St. Marys
0%
Georgia17,121St. Marys
0%
West Virginia1,860St. Marys
0%
Pennsylvania13,070St. Marys
0%
Kentucky17,472St. Matthews
0%
South Carolina2,021St. Matthews
0%
Maryland1,029St. Michaels
0%
Massachusetts1,947Stockbridge
0%
Michigan1,218Stockbridge
0%
Georgia25,636Stockbridge
0%
New Hampshire1,232Stoddard
0%
North Carolina5,035Stokesdale
0%
Pennsylvania1,051Stoneboro
0%
Massachusetts21,437Stoneham
0%
Georgia5,802Stone Mountain
0%
Illinois4,946Stone Park
0%
North Carolina1,290Stoneville
0%
Louisiana1,814Stonewall
0%
Mississippi1,088Stonewall
0%
West Virginia1,806Stonewood
0%
Wisconsin12,611Stoughton
0%
Massachusetts26,962Stoughton
0%
Missouri1,094Stover
0%
Ohio34,837Stow
0%
Massachusetts6,590Stow
0%
Ohio2,077St. Paris
0%
Minnesota5,279St. Paul Park
0%
Florida9,649St. Pete Beach
0%
Missouri2,358Strafford
0%
New Hampshire3,991Strafford
0%
New Hampshire7,255Stratham
0%
Iowa1,279Strawberry Point
0%
Illinois13,710Streator
0%
Ohio16,029Streetsboro
0%
Kentucky1,454St. Regis Park
0%
Missouri4,340St. Robert
0%
Nebraska1,171Stromsburg
0%
Ohio10,713Struthers
0%
Ohio1,343Stryker
0%
Massachusetts9,268Sturbridge
0%
Wisconsin9,144Sturgeon Bay
0%
Puerto Rico1,931Suárez
0%
Kansas1,451Sublette
0%
Oregon2,681Sublimity
0%
Massachusetts17,659Sudbury
0%
Idaho1,514Sugar City
0%
Illinois8,997Sugar Grove
0%
Georgia18,522Sugar Hill
0%
California28,111Suisun City
0%
Alabama1,927Sulligent
0%
Texas3,998Sullivan City
0%
Washington4,644Sultan
0%
Washington1,307Sumas
0%
Alabama2,520Sumiton
0%
North Carolina10,236Summerfield
0%
South Dakota1,814Summerset
0%
Illinois11,054Summit
0%
Mississippi1,705Summit
0%
New Jersey21,404Summit
0%
Pennsylvania3,034Summit Hill
0%
Iowa2,028Sumner
0%
Washington9,447Sumner
0%
Illinois3,174Sumner
0%
Mississippi1,421Sumrall
0%
New Hampshire3,365Sunapee
0%
Pennsylvania9,907Sunbury
0%
Ohio4,405Sunbury
0%
Wyoming1,182Sundance
0%
Texas1,397Sundown
0%
Mississippi1,159Sunflower
0%
New Mexico14,106Sunland Park
0%
Florida22,295Sunny Isles Beach
0%
Wisconsin29,364Sun Prairie
0%
Texas1,926Sunray
0%
North Carolina3,563Sunset Beach
0%
Missouri8,496Sunset Hills
0%
North Carolina1,915Surf City
0%
New Jersey1,205Surf City
0%
South Carolina3,837Surfside Beach
0%
Tennessee1,801Surgoinsville
0%
California17,947Susanville
0%
Pennsylvania1,651Susquehanna Depot
0%
Northern Mariana Islands2,083Susupe
0%
California2,501Sutter Creek
0%
Nebraska1,502Sutton
0%
New Hampshire1,837Sutton
0%
Massachusetts8,963Sutton
0%
Georgia15,355Suwanee
0%
Georgia7,277Swainsboro
0%
North Carolina2,663Swansboro
0%
Ohio3,846Swanton
0%
New Hampshire7,230Swanzey
0%
Pennsylvania6,190Swarthmore
0%
Michigan5,758Swartz Creek
0%
New Jersey2,584Swedesboro
0%
Texas3,729Sweeny
0%
Oregon8,925Sweet Home
0%
Missouri1,484Sweet Springs
0%
Florida21,543Sweetwater
0%
Tennessee5,764Sweetwater
0%
Texas10,913Sweetwater
0%
North Carolina1,167Swepsonville
0%
Pennsylvania8,991Swissvale
0%
Pennsylvania5,053Swoyersville
0%
Illinois17,519Sycamore
0%
Pennsylvania1,162Sykesville
0%
Maryland4,436Sykesville
0%
Alabama12,749Sylacauga
0%
North Carolina2,582Sylva
0%
Alabama1,837Sylvania
0%
Georgia2,956Sylvania
0%
Ohio18,916Sylvania
0%
Michigan1,720Sylvan Lake
0%
Alabama1,542Sylvan Springs
0%
Georgia6,188Sylvester
0%
Iowa1,040Tabor
0%
North Carolina4,023Tabor City
0%
American Samoa7,945Tafuna
0%
Oklahoma15,753Tahlequah
0%
Texas2,673Tahoka
0%
Maryland16,715Takoma Park
0%
Oregon6,066Talent
0%
Oklahoma1,114Talihina
0%
Puerto Rico1,816Tallaboa Alta
0%
Georgia3,170Tallapoosa
0%
Alabama4,819Tallassee
0%
Ohio17,580Tallmadge
0%
Louisiana7,335Tallulah
0%
Guam3,050Talofofo
0%
Texas1,879Talty
0%
Pennsylvania7,103Tamaqua
0%
Guam19,685Tamuning
0%
New Hampshire2,856Tamworth
0%
Northern Mariana Islands3,318Tanapag
0%
Oregon1,164Tangent
0%
Virginia2,449Tappahannock
0%
North Carolina11,501Tarboro
0%
Pennsylvania4,534Tarentum
0%
Missouri1,583Tarkio
0%
Florida25,571Tarpon Springs
0%
Pennsylvania1,153Tatamy
0%
Florida17,472Tavares
0%
Michigan1,827Tawas City
0%
Texas3,555Taylor Lake Village
0%
Kentucky6,604Taylor Mill
0%
Illinois11,246Taylorville
0%
Tennessee2,218Tazewell
0%
Virginia4,658Tazewell
0%
Mississippi2,096Tchula
0%
Texas3,557Teague
0%
Nebraska1,677Tecumseh
0%
Oklahoma6,457Tecumseh
0%
Michigan8,521Tecumseh
0%
South Carolina7,620Tega Cay
0%
California14,414Tehachapi
0%
Pennsylvania4,853Telford
0%
Indiana7,272Tell City
0%
California35,558Temple City
0%
Florida26,471Temple Terrace
0%
Massachusetts8,013Templeton
0%
New Jersey14,473Tenafly
0%
Texas1,155Tenaha
0%
Washington1,688Tenino
0%
Tennessee1,368Tennessee Ridge
0%
Georgia1,539Tennille
0%
Florida6,133Tequesta
0%
West Virginia1,477Terra Alta
0%
Ohio2,251Terrace Park
0%
Pennsylvania1,295Terre Hill
0%
Texas16,065Terrell
0%
Texas4,878Terrell Hills
0%
Nebraska1,197Terrytown
0%
Illinois1,530Teutopolis
0%
Massachusetts28,961Tewksbury
0%
New Mexico1,130Texico
0%
Arizona4,865Thatcher
0%
Wyoming3,009Thermopolis
0%
Ohio5,808The Village of Indian Hill
0%
Minnesota8,573Thief River Falls
0%
Illinois1,182Third Lake
0%
Illinois1,126Thomasboro
0%
Georgia9,170Thomaston
0%
Georgia18,413Thomasville
0%
North Carolina26,776Thomasville
0%
Alabama4,209Thomasville
0%
Montana1,313Thompson Falls
0%
Tennessee2,194Thompson's Station
0%
Georgia6,778Thomson
0%
Texas1,293Thorndale
0%
Wisconsin1,621Thorp
0%
Alabama1,980Thorsby
0%
Montana1,869Three Forks
0%
Michigan1,622Three Oaks
0%
Tennessee1,709Three Way
0%
Pennsylvania4,090Throop
0%
Georgia2,668Thunderbolt
0%
California8,962Tiburon
0%
Puerto Rico1,616Tiburones
0%
Puerto Rico3,228Tierras Nuevas Poniente
0%
Washington1,182Tieton
0%
Georgia16,350Tifton
0%
Illinois2,724Tilton
0%
New Hampshire3,567Tilton
0%
Ohio1,372Tiltonsville
0%
Virginia2,526Timberville
0%
South Carolina2,320Timmonsville
0%
Texas1,155Timpson
0%
New Jersey17,613Tinton Falls
0%
North Dakota1,230Tioga
0%
Ohio9,682Tipp City
0%
Indiana5,106Tipton
0%
Missouri3,262Tipton
0%
Iowa3,221Tipton
0%
Tennessee4,464Tiptonville
0%
Massachusetts3,949Tisbury
0%
Oklahoma3,034Tishomingo
0%
Rhode Island15,780Tiverton
0%
Puerto Rico3,713Toa Alta
0%
Puerto Rico1,513Toa Baja
0%
North Carolina2,435Tobaccoville
0%
Georgia8,491Toccoa
0%
Arizona6,545Tolleson
0%
Illinois3,447Tolono
0%
Illinois1,414Toluca
0%
Wisconsin3,397Tomahawk
0%
Texas10,711Tomball
0%
Texas1,041Tom Bean
0%
Kentucky2,402Tompkinsville
0%
Washington1,145Tonasket
0%
New York15,130Tonawanda
0%
Kansas4,998Tonganoxie
0%
Minnesota1,475Tonka Bay
0%
Oklahoma3,216Tonkawa
0%
Arkansas2,460Tontitown
0%
Utah33,236Tooele
0%
Texas2,235Tool
0%
Washington8,933Toppenish
0%
Massachusetts6,085Topsfield
0%
Pennsylvania2,070Topton
0%
Utah1,943Toquerville
0%
New Jersey10,804Totowa
0%
Illinois1,292Toulon
0%
Pennsylvania2,927Towanda
0%
Kansas1,489Towanda
0%
Pennsylvania1,346Tower City
0%
Illinois1,283Tower Lakes
0%
Missouri10,815Town and Country
0%
Alabama1,100Town Creek
0%
Tennessee1,481Tracy City
0%
Iowa1,703Traer
0%
Pennsylvania3,224Trafford
0%
Pennsylvania1,828Trainer
0%
Pennsylvania3,495Trappe
0%
Maryland1,077Trappe
0%
South Carolina4,576Travelers Rest
0%
Florida6,947Treasure Island
0%
Pennsylvania1,747Tremont
0%
Illinois2,236Tremont
0%
Utah8,242Tremonton
0%
North Carolina4,155Trent Woods
0%
Texas2,787Trinity
0%
North Carolina6,611Trinity
0%
Alabama2,095Trinity
0%
Georgia1,827Trion
0%
Texas8,026Trophy Club
0%
Ohio24,431Trotwood
0%
Texas1,878Troup
0%
Oregon15,962Troutdale
0%
North Carolina2,454Troutman
0%
Puerto Rico48,437Trujillo Alto
0%
Arkansas7,243Trumann
0%
Alabama19,933Trussville
0%
North Carolina1,639Tryon
0%
Oregon26,054Tualatin
0%
Arkansas1,862Tuckerman
0%
New Jersey3,347Tuckerton
0%
New Mexico5,363Tucumcari
0%
New Hampshire2,387Tuftonboro
0%
New Mexico2,842Tularosa
0%
California1,010Tulelake
0%
Texas4,966Tulia
0%
Tennessee18,655Tullahoma
0%
Pennsylvania1,961Tullytown
0%
Washington20,159Tumwater
0%
Mississippi1,030Tunica
0%
Pennsylvania1,828Tunkhannock
0%
Oregon1,854Turner
0%
Pennsylvania5,349Turtle Creek
0%
Ohio1,056Tuscarawas
0%
Illinois4,480Tuscola
0%
Tennessee2,663Tusculum
0%
Alabama8,423Tuscumbia
0%
Oklahoma6,019Tuttle
0%
Mississippi3,550Tutwiler
0%
Georgia1,742Twin City
0%
Wisconsin11,712Two Rivers
0%
Georgia2,990Tybee Island
0%
Texas1,235Tye
0%
Mississippi1,609Tylertown
0%
South Dakota1,067Tyndall
0%
Massachusetts11,292Tyngsborough
0%
Idaho1,108Ucon
0%
Texas1,014Uhland
0%
Ohio5,413Uhrichsville
0%
Utah1,520Uintah
0%
California16,075Ukiah
0%
Florida3,805Umatilla
0%
Oregon6,906Umatilla
0%
Georgia3,796Unadilla
0%
Tennessee3,632Unicoi
0%
New Jersey6,245Union Beach
0%
Washington6,125Union Gap
0%
Georgia1,617Union Point
0%
Alabama3,980Union Springs
0%
Alabama1,775Uniontown
0%
Kentucky1,002Uniontown
0%
Pennsylvania10,355Uniontown
0%
Iowa1,051University Heights
0%
Ohio13,539University Heights
0%
Washington31,133University Place
0%
New Jersey8,208Upper Saddle River
0%
Ohio6,600Upper Sandusky
0%
Louisiana1,313Urania
0%
Puerto Rico8,397Utuado
0%
Massachusetts13,457Uxbridge
0%
Minnesota12,302Vadnais Heights
0%
American Samoa1,447Vailoatai
0%
American Samoa1,959Vaitogi
0%
North Carolina4,472Valdese
0%
Kansas6,819Valley Center
0%
North Dakota6,585Valley City
0%
Kansas1,186Valley Falls
0%
Alabama4,020Valley Grande
0%
Texas1,203Valley Mills
0%
Missouri6,942Valley Park
0%
Ohio2,034Valley View
0%
Illinois1,263Valmeyer
0%
Indiana31,730Valparaiso
0%
Florida5,195Valparaiso
0%
Texas3,059Van Alstyne
0%
Alabama1,529Vance
0%
Kentucky1,518Vanceburg
0%
Pennsylvania5,201Vandergrift
0%
Texas2,067Van Horn
0%
Iowa1,016Van Meter
0%
Mississippi1,316Vardaman
0%
Louisiana1,461Varnado
0%
South Carolina2,162Varnville
0%
Michigan2,697Vassar
0%
Puerto Rico1,890Vázquez
0%
Puerto Rico10,266Vega Alta
0%
Puerto Rico25,905Vega Baja
0%
Missouri1,420Velda City
0%
Missouri1,055Velda Village Hills
0%
North Dakota1,084Velva
0%
Oregon4,561Veneta
0%
New Jersey10,650Ventnor City
0%
Oklahoma3,993Verdigris
0%
Vermont2,588Vergennes
0%
Ohio10,587Vermilion
0%
Illinois25,113Vernon Hills
0%
Oregon2,151Vernonia
0%
Florida17,236Vero Beach
0%
Alabama34,033Vestavia Hills
0%
New Jersey1,520Victory Gardens
0%
Texas10,701Vidor
0%
Puerto Rico1,938Vieques
0%
Puerto Rico3,316Vieques
0%
Missouri2,217Village of Four Seasons
0%
Illinois2,537Villa Grove
0%
Kentucky7,489Villa Hills
0%
Puerto Rico3,384Villalba
0%
Illinois21,904Villa Park
0%
California5,812Villa Park
0%
Louisiana7,430Ville Platte
0%
Arkansas3,815Vilonia
0%
Indiana18,423Vincennes
0%
Kentucky4,520Vine Grove
0%
Utah2,958Vineyard
0%
Oklahoma5,743Vinita
0%
Missouri1,880Vinita Park
0%
Illinois3,425Virden
0%
Florida2,451Virginia Gardens
0%
Wisconsin5,079Viroqua
0%
Louisiana3,671Vivian
0%
South Dakota1,768Volga
0%
Illinois2,929Volo
0%
Tennessee1,474Vonore
0%
Texas1,084Von Ormy
0%
Minnesota10,697Waconia
0%
Minnesota4,088Wadena
0%
North Carolina5,808Wadesboro
0%
Georgia2,061Wadley
0%
Ohio21,562Wadsworth
0%
Illinois3,815Wadsworth
0%
Texas1,065Waelder
0%
Oklahoma8,323Wagoner
0%
North Dakota7,766Wahpeton
0%
Minnesota6,715Waite Park
0%
Washington1,215Waitsburg
0%
Ohio1,047Wakeman
0%
Texas5,492Wake Village
0%
Ohio3,014Walbridge
0%
Iowa1,629Walcott
0%
Oregon2,033Waldport
0%
Arkansas3,618Waldron
0%
New Jersey9,625Waldwick
0%
Iowa1,463Walford
0%
South Carolina4,263Walhalla
0%
Maryland5,800Walkersville
0%
North Carolina4,708Walkertown
0%
North Carolina2,995Wallburg
0%
New Jersey11,335Wallington
0%
Texas1,252Wallis
0%
North Carolina1,425Walnut Cove
0%
Mississippi1,911Walnut Grove
0%
Georgia1,330Walnut Grove
0%
Pennsylvania2,070Walnutport
0%
Arkansas4,890Walnut Ridge
0%
Massachusetts24,070Walpole
0%
New Hampshire3,734Walpole
0%
Colorado3,068Walsenburg
0%
South Carolina5,398Walterboro
0%
Georgia4,111Walthourville
0%
Ohio2,281Walton Hills
0%
Illinois1,185Wamac
0%
Kansas4,380Wamego
0%
Minnesota1,086Wanamingo
0%
New Jersey11,116Wanaque
0%
Washington5,016Wapato
0%
Iowa1,922Wapello
0%
Washington2,692Warden
0%
Missouri1,506Wardsville
0%
Massachusetts9,872Ware
0%
Massachusetts21,822Wareham
0%
South Carolina2,170Ware Shoals
0%
Georgia66,588Warner Robins
0%
Oklahoma10,043Warr Acres
0%
Ohio13,542Warrensville Heights
0%
Illinois13,140Warrenville
0%
Alabama3,176Warrior
0%
Missouri1,962Warson Woods
0%
Minnesota9,410Waseca
0%
North Dakota1,246Washburn
0%
Illinois1,155Washburn
0%
Wisconsin2,117Washburn
0%
Ohio14,239Washington Court House
0%
Illinois4,196Washington Park
0%
Utah9,122Washington Terrace
0%
Washington14,098Washougal
0%
Texas2,160Waskom
0%
Texas23,497Watauga
0%
New Jersey5,801Watchung
0%
Illinois1,506Waterman
0%
Mississippi3,392Water Valley
0%
New York10,254Watervliet
0%
Michigan1,735Watervliet
0%
North Dakota1,744Watford City
0%
Kansas1,357Wathena
0%
Georgia2,832Watkinsville
0%
Oklahoma5,111Watonga
0%
Illinois5,255Watseka
0%
Pennsylvania2,352Watsontown
0%
Florida4,895Wauchula
0%
Illinois13,603Wauconda
0%
Oklahoma1,286Waukomis
0%
Wisconsin6,069Waupaca
0%
Wisconsin11,340Waupun
0%
Oklahoma2,064Waurika
0%
Ohio7,389Wauseon
0%
Wisconsin2,218Wautoma
0%
Mississippi6,435Waveland
0%
Iowa9,874Waverly
0%
Illinois1,307Waverly
0%
Nebraska3,277Waverly
0%
Tennessee4,105Waverly
0%
Virginia2,155Waverly
0%
Minnesota1,357Waverly
0%
Ohio4,406Waverly
0%
Georgia14,649Waycross
0%
Massachusetts12,994Wayland
0%
Michigan4,079Wayland
0%
Pennsylvania1,342Waymart
0%
Illinois1,032Wayne City
0%
Pennsylvania4,202Waynesburg
0%
North Carolina9,864Waynesville
0%
Missouri4,830Waynesville
0%
Ohio2,813Waynesville
0%
New Hampshire8,785Weare
0%
Missouri1,723Weatherby Lake
0%
Oklahoma10,833Weatherford
0%
Texas25,788Weatherford
0%
Pennsylvania2,525Weatherly
0%
Alabama3,038Weaver
0%
North Carolina3,667Weaverville
0%
Alabama1,430Webb
0%
Missouri10,996Webb City
0%
Michigan1,272Webberville
0%
Virginia1,318Weber City
0%
Georgia2,799Webster County
0%
Missouri22,995Webster Groves
0%
North Carolina9,481Weddington
0%
Nebraska1,050Weeping Water
0%
Texas2,151Weimar
0%
Idaho5,507Weiser
0%
North Carolina1,648Weldon
0%
Missouri5,443Weldon Spring
0%
Massachusetts2,750Wellfleet
0%
South Carolina2,378Wellford
0%
Iowa1,408Wellman
0%
Pennsylvania3,260Wellsboro
0%
Ohio5,662Wellston
0%
Missouri2,313Wellston
0%
Louisiana3,226Welsh
0%
North Carolina5,838Wendell
0%
Idaho2,782Wendell
0%
Massachusetts4,875Wenham
0%
Illinois1,056Wenona
0%
New Jersey2,278Wenonah
0%
Pennsylvania2,706Wernersville
0%
North Carolina7,673Wesley Chapel
0%
Pennsylvania3,341Wesleyville
0%
Mississippi1,925Wesson
0%
Ohio1,379West Alexandria
0%
Alabama1,240West Blocton
0%
Massachusetts18,272Westborough
0%
Utah5,504West Bountiful
0%
Massachusetts7,669West Boylston
0%
Iowa2,322West Branch
0%
Michigan2,139West Branch
0%
Massachusetts6,916West Bridgewater
0%
Massachusetts3,701West Brookfield
0%
Kentucky1,230West Buechel
0%
Iowa2,968West Burlington
0%
Wisconsin2,200Westby
0%
New Jersey1,024West Cape May
0%
Ohio13,145West Carrollton
0%
Illinois27,086West Chicago
0%
Texas3,900West Columbia
0%
South Carolina14,988West Columbia
0%
Pennsylvania1,320West Conshohocken
0%
Illinois7,331West Dundee
0%
Pennsylvania1,255West Easton
0%
Maryland1,888Westernport
0%
Illinois12,975Western Springs
0%
Ohio1,116Westfield Center
0%
Arkansas2,346West Fork
0%
Illinois8,182West Frankfort
0%
Rhode Island6,135West Greenwich
0%
Pennsylvania2,853West Grove
0%
Massachusetts1,607Westhampton
0%
Pennsylvania4,593West Hazleton
0%
Pennsylvania1,933West Homestead
0%
North Carolina1,332West Jefferson
0%
Ohio4,227West Jefferson
0%
Pennsylvania1,175West Kittanning
0%
Ohio32,729Westlake
0%
Louisiana4,568Westlake
0%
Texas3,069West Lake Hills
0%
California8,270Westlake Village
0%
Pennsylvania1,295West Leechburg
0%
Ohio1,802West Liberty
0%
Iowa3,736West Liberty
0%
Kentucky3,435West Liberty
0%
West Virginia1,542West Liberty
0%
Oregon25,109West Linn
0%
New Jersey8,097West Long Branch
0%
Pennsylvania1,239West Mayfield
0%
Florida23,372West Melbourne
0%
Pennsylvania20,315West Mifflin
0%
Louisiana13,065West Monroe
0%
Pennsylvania5,173Westmont
0%
Illinois24,685Westmont
0%
New Hampshire1,874Westmoreland
0%
Tennessee2,206Westmoreland
0%
California2,225Westmorland
0%
Massachusetts4,235West Newbury
0%
Pennsylvania2,647West Newton
0%
Texas2,488Weston Lakes
0%
Texas3,443West Orange
0%
Alabama1,275Westover
0%
West Virginia3,983Westover
0%
Florida15,113West Park
0%
Illinois4,458West Peoria
0%
Pennsylvania4,868West Pittston
0%
Missouri11,986West Plains
0%
Pennsylvania4,212West Reading
0%
Ohio1,466West Salem
0%
Massachusetts28,391West Springfield
0%
Massachusetts1,306West Stockbridge
0%
Minnesota19,540West St. Paul
0%
Texas1,743West Tawakoni
0%
Massachusetts2,740West Tisbury
0%
Iowa2,486West Union
0%
Ohio3,249West Union
0%
Ohio1,711West Unity
0%
Texas14,560West University Place
0%
Pennsylvania6,771West View
0%
New Jersey4,288Westville
0%
Illinois3,202Westville
0%
Oklahoma1,639Westville
0%
Louisiana8,534Westwego
0%
Texas2,472Westworth Village
0%
Pennsylvania2,725West Wyoming
0%
Montana1,271West Yellowstone
0%
Pennsylvania4,615West York
0%
Oklahoma1,282Wetumka
0%
Alabama6,528Wetumpka
0%
Florida2,095Wewahitchka
0%
Oklahoma3,430Wewoka
0%
Wisconsin1,900Weyauwega
0%
Massachusetts1,496Whately
0%
California3,456Wheatland
0%
Wyoming3,627Wheatland
0%
North Carolina2,949Whispering Pines
0%
Pennsylvania1,271Whitaker
0%
Tennessee3,206White Bluff
0%
Louisiana1,883White Castle
0%
Michigan1,408White Cloud
0%
Texas1,004White Deer
0%
New Hampshire2,306Whitefield
0%
Montana6,357Whitefish
0%
Montana1,038Whitehall
0%
Pennsylvania13,949Whitehall
0%
Michigan2,706Whitehall
0%
Wisconsin1,558Whitehall
0%
Arkansas5,526White Hall
0%
Ohio18,135Whitehall
0%
Illinois2,520White Hall
0%
Pennsylvania1,098White Haven
0%
Tennessee10,255White House
0%
Ohio4,133Whitehouse
0%
Texas7,698Whitehouse
0%
Pennsylvania7,853White Oak
0%
Texas6,472White Oak
0%
Michigan1,522White Pigeon
0%
Tennessee2,196White Pine
0%
Washington2,345White Salmon
0%
Texas3,788Whitesboro
0%
Kentucky2,139Whitesburg
0%
Texas16,116White Settlement
0%
West Virginia2,444White Sulphur Springs
0%
Texas1,604Whitewright
0%
Indiana4,997Whiting
0%
Massachusetts14,489Whitman
0%
South Carolina1,441Whitmire
0%
Tennessee1,699Whitwell
0%
Arizona6,363Wickenburg
0%
Ohio12,756Wickliffe
0%
Mississippi4,390Wiggins
0%
Nebraska1,855Wilber
0%
Massachusetts14,219Wilbraham
0%
Idaho1,533Wilder
0%
Kentucky3,035Wilder
0%
California32,176Wildomar
0%
New Jersey5,325Wildwood
0%
Missouri35,517Wildwood
0%
Florida7,024Wildwood
0%
New Jersey3,270Wildwood Crest
0%
North Carolina3,559Wilkesboro
0%
Pennsylvania15,930Wilkinsburg
0%
Georgia1,391Willacoochee
0%
Oregon2,025Willamina
0%
Missouri5,288Willard
0%
Ohio6,241Willard
0%
Utah1,875Willard
0%
California4,888Willits
0%
Minnesota19,610Willmar
0%
Ohio22,242Willoughby
0%
Ohio9,486Willoughby Hills
0%
Ohio14,178Willowick
0%
Texas3,962Willow Park
0%
California6,166Willows
0%
Illinois5,524Willow Springs
0%
Missouri2,184Willow Springs
0%
Texas3,518Wills Point
0%
Texas3,714Wilmer
0%
Pennsylvania2,185Wilmerding
0%
Kentucky3,686Wilmore
0%
New Hampshire1,358Wilmot
0%
North Carolina2,272Wilson's Mills
0%
Florida12,797Wilton Manors
0%
Texas2,623Wimberley
0%
Massachusetts10,300Winchendon
0%
Pennsylvania4,156Windber
0%
Texas5,366Windcrest
0%
Georgia14,099Winder
0%
Florida3,509Windermere
0%
Pennsylvania2,715Wind Gap
0%
Ohio2,221Windham
0%
New Hampshire13,592Windham
0%
Minnesota4,646Windom
0%
Iowa4,860Windsor Heights
0%
Kentucky2,385Windy Hills
0%
North Carolina3,465Wingate
0%
Washington1,344Winlock
0%
South Dakota2,897Winner
0%
Illinois12,187Winnetka
0%
Texas3,258Winnsboro
0%
Louisiana4,910Winnsboro
0%
South Carolina3,550Winnsboro
0%
Vermont7,267Winooski
0%
Minnesota2,355Winsted
0%
Connecticut7,321Winsted
0%
California6,624Winters
0%
Texas2,560Winters
0%
Iowa5,190Winterset
0%
Florida37,321Winter Springs
0%
Ohio3,924Wintersville
0%
Georgia1,122Winterville
0%
North Carolina9,218Winterville
0%
Illinois6,742Winthrop Harbor
0%
Wisconsin2,678Wisconsin Dells
0%
Wisconsin18,367Wisconsin Rapids
0%
North Dakota1,002Wishek
0%
Nebraska1,185Wisner
0%
Oklahoma1,102Wister
0%
New Hampshire6,269Wolfeboro
0%
Texas1,395Wolfe City
0%
Texas3,658Wolfforth
0%
Montana2,621Wolf Point
0%
Michigan4,312Wolverine Lake
0%
Pennsylvania2,860Womelsdorf
0%
Illinois4,026Wonder Lake
0%
Texas1,279Woodbranch
0%
Oregon24,080Woodburn
0%
Indiana1,520Woodburn
0%
New Jersey3,055Woodbury Heights
0%
New Jersey5,730Woodcliff Lake
0%
Texas1,460Woodcreek
0%
North Carolina6,169Woodfin
0%
Michigan12,875Woodhaven
0%
Utah1,465Woodland Hills
0%
New Jersey2,978Woodlynne
0%
New Jersey7,626Wood-Ridge
0%
Illinois32,971Woodridge
0%
Nebraska1,325Wood River
0%
Illinois10,657Wood River
0%
South Carolina4,090Woodruff
0%
Maryland1,141Woodsboro
0%
Texas1,512Woodsboro
0%
Utah11,152Woods Cross
0%
Ohio2,381Woodsfield
0%
Missouri4,063Woodson Terrace
0%
Virginia5,064Woodstock
0%
New Hampshire1,374Woodstock
0%
Illinois24,770Woodstock
0%
Georgia23,896Woodstock
0%
Alabama1,428Woodstock
0%
New Jersey3,505Woodstown
0%
Oregon3,878Wood Village
0%
Texas2,586Woodville
0%
Mississippi1,096Woodville
0%
Ohio2,135Woodville
0%
Louisiana1,096Woodworth
0%
Illinois1,044Worden
0%
Pennsylvania3,070Wormleysburg
0%
Texas1,076Wortham
0%
Kentucky1,446Worthington Hills
0%
Alaska2,369Wrangell
0%
Colorado2,342Wray
0%
Georgia2,187Wrens
0%
Massachusetts10,955Wrentham
0%
Missouri3,119Wright City
0%
Arkansas2,114Wrightsville
0%
Pennsylvania2,315Wrightsville
0%
Georgia2,195Wrightsville
0%
North Carolina2,471Wrightsville Beach
0%
Nebraska1,457Wymore
0%
Oklahoma2,212Wynnewood
0%
Virginia8,212Wytheville
0%
Puerto Rico6,047Yabucoa
0%
Washington1,572Yacolt
0%
North Carolina2,973Yadkinville
0%
Oregon1,024Yamhill
0%
North Carolina2,082Yanceyville
0%
Pennsylvania2,443Yardley
0%
Washington1,001Yarrow Point
0%
Kansas1,420Yates Center
0%
Puerto Rico17,186Yauco
0%
Puerto Rico1,050Yaurel
0%
Mississippi11,403Yazoo City
0%
Pennsylvania11,437Yeadon
0%
Arkansas1,204Yellville
0%
Washington6,848Yelm
0%
South Carolina1,027Yemassee
0%
Guam20,539Yigo
0%
Texas5,809Yoakum
0%
Pennsylvania1,022Yoe
0%
Guam6,480Yona
0%
Oregon1,047Yoncalla
0%
Pennsylvania3,049Youngwood
0%
California2,933Yountville
0%
California20,700Yucca Valley
0%
Louisiana14,960Zachary
0%
Georgia1,174Zebulon
0%
North Carolina4,457Zebulon
0%
Illinois1,801Zeigler
0%
Pennsylvania3,812Zelienople
0%
Florida15,563Zephyrhills
0%
Washington3,018Zillah
0%
Florida1,803Zolfo Springs
0%
Minnesota3,252Zumbrota
0%

Score Distribution

Percentile by Number Answered

Percent of People with Each Score

Your Score History

You have not taken this quiz